{"text_format":"1","workbook":"xlsx","n_sheets":1,"sheets":["Sheet1"],"not_rendered":{"charts":0,"images":0,"macros":0,"external_links":0,"defined_names":0,"comments":0,"pivot_tables":0},"unopened":[],"bounds":{"document_bytes":16777216,"sheet_cells":100000,"rows_first":2000,"rows_last":500,"rows_between":2000,"halvings":0,"cell_chars":16384,"cell_head_chars":4096},"cells_cut":0,"cells_raw":0,"read":"whole","date_system":"1900"}

{"sheet":"Sheet1","index":0,"n_rows":192,"n_cols":35,"rows_kept":192,"cut":false,"hidden":false,"merged":[[10,33,11,33],[10,34,11,34],[10,27,11,27],[10,28,11,28],[10,29,11,29],[10,30,11,30],[10,31,11,31],[10,32,11,32],[10,21,11,21],[10,22,11,22],[10,23,11,23],[10,24,11,24],[10,25,11,25],[10,26,11,26],[10,15,11,15],[10,16,11,16],[10,17,11,17],[10,18,11,18],[10,19,11,19],[10,20,11,20],[10,9,11,9],[10,10,11,10],[10,11,11,11],[10,12,11,12],[10,13,11,13],[10,14,11,14],[3,0,3,14],[5,0,6,0],[5,2,6,2],[5,3,6,3],[5,4,6,4],[10,0,11,0],[10,1,11,1],[10,2,11,2],[10,3,10,7],[10,8,11,8]]}
["Дата и время выгрузки годового плана: 2021-01-08 12:20:25"]
["Статус выгружаемого годового плана: Проект"]
[]
["План государственных закупок №003 от 2021-01-08"]
["Общие сведения"]
["БИН заказчика","Для государственных учреждений","Наименование заказчика (на казахском языке)","Наименование заказчика (на русском языке)","Финансовый год"]
[null,"Код ГУ"]
[1,2,3,4,5]
["961140000629","2612352","КГУ \"Специальная школа-интернат №4\" управления образования Карагандинской области","Қарағанды облысы білім басқармасының \"№4 арнайы мектеп-интернаты\" КММ","2021"]
[null,"План государственных закупок"]
["№ пункта плана","ИД пункта плана","Тип пункта плана","Для государственных учреждений",null,null,null,null,"Вид предмета закупок","Код товара, работы, услуги (в соответствии с СТРУ)","Наименование закупаемых товаров, работ, услуг на казахском языке (в соответствии с СТРУ) ","Наименование закупаемых товаров, работ, услуг на русском языке (в соответствии с СТРУ)","Краткая характеристика (описание) товаров, работ и услуг на казахском языке (в соответствии с СТРУ)","Краткая характеристика (описание) товаров, работ и услуг на русском языке (в соответствии с СТРУ)","Дополнительная характеристика (на казахском языке)","Дополнительная характеристика (на русском языке)","Планируемый способ закупок","Обоснование применения государственных закупок","Фактический способ закупок","Единица измерения (в соответствии с СТРУ)","Количество, объём ","Цена за единицу, тенге","Общая сумма, утвержденная для закупки, тенге","Утвержденная сумма на первый год трехлетнего периода","Прогнозная сумма на второй год трехлетнего периода, тенге","Прогнозная сумма на третий год трехлетнего периода, тенге","Планируемый срок осуществления государственных закупок(месяц)","Срок поставки товара, выполнения работ, оказания услуг (на казахском языке)","Срок поставки товара, выполнения работ, оказания услуг (на русском языке)","Место поставки товара, выполнения работ, оказания услуг (код населенного пункта в соответствии с КАТО)","Место поставки товара, выполнения работ, оказания услуг на казахском языке( улица, дом №, квартира№)","Место поставки товара, выполнения работ, оказания услуг на русском языке( улица, дом №, квартира№)","Размер авансового платежа, %","Признак поставщика","Статус пункта годового плана"]
[null,null,null,"Администратор бюджетной программы","Программа","Подпрограмма","Специфика","Источник финансирования"]
[1,2,3,4,5,6,7,8,9,10,11,12,13,14,15,16,17,"17-1",18,19,20,21,22,23,24,25,26,27,28,29,30,31,32,33,34]
[39604901,39604901,"Закупки, не превышающие финансовый год",261,"003 Общеобразовательное обучение по специальным образовательным учебным программам","045 За счет субвенций из республиканского бюджета на образование","152 Оплата услуг связи","За счет бюджетных средств, за исключением средств софинансирования по правительственным внешним займам или связанным грантам","Услуга","611043.100.000000","Интернетке қолжеткізу бойынша қызметтер","Услуги по доступу к Интернету","Сым желілері бойынша кең жолақты Интернетке қол жеткізуді ұсынуға бағытталған қызметтер","Услуги, направленные на предоставление доступа к Интернету широкополосному по сетям проводным",".Оптикалық желіні пайдалану қызметін қосу және кепілді резервтік өткізу жазығы бар трафиктің кез келген көлемін қоса алғанда телекоммуникацияның бірыңғай желісіне шығатын жер асты өткізу желісіне арналған модем ұсыну. Деректерді беру жылдамдығы бойынша кіріс арналары бойынша 4 Мбит/с кем емес, шығыс 4Мбит/с кем емес. Қосылу нүктесі саны -2. Ғаламтор желісіне қосылу хаттамасы – ADSL.9.Ғаламтор желісіне қосылу тұрақты сенімді қосылуды қамтамасыз ету үшін радиоқосылыстар мен спутниктік арналардың көмегімен ұйымдастырылған учаскелерсіз трассаның өне бойында жер астында жүргізілген желі бойынша жүзеге асырылуы керек. 10.Тапсырыс берушінің талабы бойынша растайтын құжаттарды көрсете отырып, баламалы біріктіруші желілер бойынша мәліметтер берудің магистралдық желісінің арналарын автоматты түрде резервтеу қамтамасыз етілуі керек.11.Тапсырыс берушінің талабы бойынша растайтын құжаттарды көрсете отырып, жеткізушіде Ғаламтордың тәуелсіз сыртқы арналарының болуы.12.Жеткізуші Ғаламтордың кіріс және шығыс трафигін бақылауды және мониторинг жасауды қамтамасыз етеді; Тапсырыс берушінің талабы бойынша сұралып отырған кезеңдегі трафик бойынша мәліметтер береді. 13.Жеткізуші қосылу арналарына алдын-алу және жөндеу жұмыстарын жұмыстан тыс уақытта не Тапсырыс берушіге алдын ала хабарлай отырып жексенбі күндері жүргізуі керек.14.Ғаламтор желісіне қосылу қызметін көрсету мерзімі қаңтар-желтоқсан 2020 жыл.","Подключение услуг с использованием оптических линий и предоставлением модема, по подземным проводным линиям с выходом на Единую сеть телекоммуникаций, включая любой объем трафика, с гарантированной зарезервированной полосой пропускания . Скорость передачи данных по входящему каналу не менее 4 Мбит/с., исходящему не менее 4 Мбит/с. Количество точек -2.Протокол доступа к сети Интернет – ADSL.2.Предоставление доступа к сети Интернет должно осуществляться по подземным проводным линиям связи на всём протяжении трассы без наличия участков, организованных посредством радиодоступа и спутниковых каналов для обеспечения устойчивого надежного соединения. 3.Должно обеспечиваться автоматическое резервирование каналов магистральной сети передачи данных по альтернативным соединительным линиям с предоставлением подтверждающей документации по требованию Заказчика.4.Наличие резервных независимых внешних каналов Интернет у поставщика с предоставлением подтверждающей документации по требованию Заказчика.5.Поставщик обеспечивает контроль и мониторинг входящего и исходящего трафика Интернета; предоставляет по требованию Заказчика сведения по трафику запрашиваемого периода. 6.Проведение поставщиком профилактических и ремонтных мероприятий каналов доступа должно осуществляться в нерабочее время или воскресные дни с предварительным уведомлением Заказчика.7.Срок предоставления услуг доступа к сети Интернет январь-декабрь 2019 год.","Из одного источника путем прямого заключения договора","пп.42 п.3 ст.39 приобретения однородных товаров, если годовой объем таких однородных товаров в стоимостном выражении не превышает стократного размера месячного расчетного показателя, работ и услуг, если годовой объем таких однородных работ и услуг в стоимостном выражении не превышает пятисоткратного размера месячного расчетного показателя, а для аппаратов акимов городов районного значения, сел, поселков, сельских округов не превышает трех тысячекратного размера месячного расчетного показателя, установленного на соответствующий финансовый год законом о республиканском бюджете;","Из одного источника путем прямого заключения договора","Одна услуга",1,746680.71,746680.71,746680.71,null,null,"Январь","қаңтар- желтоқсан","январь-декабрь","351011000;","Қарағанды облысы, Қарағанды Қ.Ә., Октябрь а.ә. Қарағанды қ., Магнитогорская көш.1;","Карагандинская область, Караганда Г.А., Октябрьская р.а. г.Караганда, ул.Магнитогорская 1;",null,null,"Утвержден"]
[39604903,39604903,"Закупки, не превышающие финансовый год",261,"003 Общеобразовательное обучение по специальным образовательным учебным программам","045 За счет субвенций из республиканского бюджета на образование","152 Оплата услуг связи","За счет бюджетных средств, за исключением средств софинансирования по правительственным внешним займам или связанным грантам","Услуга","611013.900.000000","Сымды телекоммуникациялық желілер ұсыну бойынша жеке желілерді қызмет көрсетулері","Услуги частных сетей по предоставлению линий телекоммуникационных проводных","Телекоммуникациялық сымдар желісін ұсыну бойынша жеке желілер қызметтері","Услуги частных сетей по предоставлению линий телекоммуникационных проводных","Ортақ хостинг қызметтері","Услуги виртуального хостинга","Из одного источника путем прямого заключения договора","пп.42 п.3 ст.39 приобретения однородных товаров, если годовой объем таких однородных товаров в стоимостном выражении не превышает стократного размера месячного расчетного показателя, работ и услуг, если годовой объем таких однородных работ и услуг в стоимостном выражении не превышает пятисоткратного размера месячного расчетного показателя, а для аппаратов акимов городов районного значения, сел, поселков, сельских округов не превышает трех тысячекратного размера месячного расчетного показателя, установленного на соответствующий финансовый год законом о республиканском бюджете;","Из одного источника путем прямого заключения договора","Одна услуга",1,32142.86,32142.86,32142.86,null,null,"Январь","қаңтар- желтоқсан","январь-декабрь","351011000;","Қарағанды облысы, Қарағанды Қ.Ә., Октябрь а.ә. Қарағанды қ., Магнитогорская көш.1;","Карагандинская область, Караганда Г.А., Октябрьская р.а. г.Караганда, ул.Магнитогорская 1;",null,null,"Утвержден"]
[39604904,39604904,"Закупки, не превышающие финансовый год",261,"003 Общеобразовательное обучение по специальным образовательным учебным программам","045 За счет субвенций из республиканского бюджета на образование","159 Оплата прочих услуг и работ","За счет бюджетных средств, за исключением средств софинансирования по правительственным внешним займам или связанным грантам","Услуга","611011.200.000000","Телефондық байланысының қызмет көрсетулері","Услуги телефонной связи","Белгіленген жергілікті, қалааралық, халықаралық телефон байланысы қызметтері","Услуги фиксированной местной, междугородней, международной телефонной связи","Телефондық қызметтер","Услуги телефонной связи","Из одного источника путем прямого заключения договора","пп.42 п.3 ст.39 приобретения однородных товаров, если годовой объем таких однородных товаров в стоимостном выражении не превышает стократного размера месячного расчетного показателя, работ и услуг, если годовой объем таких однородных работ и услуг в стоимостном выражении не превышает пятисоткратного размера месячного расчетного показателя, а для аппаратов акимов городов районного значения, сел, поселков, сельских округов не превышает трех тысячекратного размера месячного расчетного показателя, установленного на соответствующий финансовый год законом о республиканском бюджете;","Из одного источника путем прямого заключения договора","Одна услуга",1,45283.57,45283.57,45283.57,null,null,"Январь","қаңтар- желтоқсан","январь - декабрь","351011000;","Қарағанды облысы, Қарағанды Қ.Ә., Октябрь а.ә. Қарағанды қ., Магнитогорская көш.1;","Карагандинская область, Караганда Г.А., Октябрьская р.а. г.Караганда, ул.Магнитогорская 1;",null,null,"Изменен"]
[39604905,39604905,"Закупки, не превышающие финансовый год",261,"003 Общеобразовательное обучение по специальным образовательным учебным программам","045 За счет субвенций из республиканского бюджета на образование","159 Оплата прочих услуг и работ","За счет бюджетных средств, за исключением средств софинансирования по правительственным внешним займам или связанным грантам","Услуга","841212.024.000000","Жалпы профилактикалық зерттеулер және диспансеризация жүргізу бойынша қызмет көрсетулер","Услуги по проведению общих профилактических обследований и диспансеризации","Жалпы алдын алу зерттеулері мен диспансерлеуді жүргізу бойынша қызметтер","Услуги по проведению общих профилактических обследований и диспансеризации","Тағамдық калория құрамына өндірістік бақылауды зертханалық тексеру - жылына 2 рет","Лабораторное обследование по производственному контролю на калорийность блюд- 2 раза в год","Из одного источника путем прямого заключения договора","пп.42 п.3 ст.39 приобретения однородных товаров, если годовой объем таких однородных товаров в стоимостном выражении не превышает стократного размера месячного расчетного показателя, работ и услуг, если годовой объем таких однородных работ и услуг в стоимостном выражении не превышает пятисоткратного размера месячного расчетного показателя, а для аппаратов акимов городов районного значения, сел, поселков, сельских округов не превышает трех тысячекратного размера месячного расчетного показателя, установленного на соответствующий финансовый год законом о республиканском бюджете;","Из одного источника путем прямого заключения договора","Одна услуга",1,54880,54880,54880,null,null,"Январь","мамыр- желтоқсан","май- декабрь","351011000;","Қарағанды облысы, Қарағанды Қ.Ә., Октябрь а.ә. Қарағанды қ., Магнитогорская көш.1;","Карагандинская область, Караганда Г.А., Октябрьская р.а. г.Караганда, ул.Магнитогорская 1;",null,null,"Утвержден"]
[39604906,39604906,"Закупки, не превышающие финансовый год",261,"003 Общеобразовательное обучение по специальным образовательным учебным программам","045 За счет субвенций из республиканского бюджета на образование","159 Оплата прочих услуг и работ","За счет бюджетных средств, за исключением средств софинансирования по правительственным внешним займам или связанным грантам","Услуга","841212.024.000000","Жалпы профилактикалық зерттеулер және диспансеризация жүргізу бойынша қызмет көрсетулер","Услуги по проведению общих профилактических обследований и диспансеризации","Жалпы алдын алу зерттеулері мен диспансерлеуді жүргізу бойынша қызметтер","Услуги по проведению общих профилактических обследований и диспансеризации","Өндірістік бақылау зертханалық сараптама қызметі- жылына 2 рет","Услуги по лабораторному обследованию по производственному контролю- 2 раза в год","Из одного источника путем прямого заключения договора","пп.42 п.3 ст.39 приобретения однородных товаров, если годовой объем таких однородных товаров в стоимостном выражении не превышает стократного размера месячного расчетного показателя, работ и услуг, если годовой объем таких однородных работ и услуг в стоимостном выражении не превышает пятисоткратного размера месячного расчетного показателя, а для аппаратов акимов городов районного значения, сел, поселков, сельских округов не превышает трех тысячекратного размера месячного расчетного показателя, установленного на соответствующий финансовый год законом о республиканском бюджете;","Из одного источника путем прямого заключения договора","Одна услуга",1,55520,55520,55520,null,null,"Январь","мамыр- желтоқсан","май- декабрь","351011000;","Қарағанды облысы, Қарағанды Қ.Ә., Октябрь а.ә. Қарағанды қ., Магнитогорская көш.1;","Карагандинская область, Караганда Г.А., Октябрьская р.а. г.Караганда, ул.Магнитогорская 1;",null,null,"Утвержден"]
[39604907,39604907,"Закупки, не превышающие финансовый год",261,"003 Общеобразовательное обучение по специальным образовательным учебным программам","045 За счет субвенций из республиканского бюджета на образование","159 Оплата прочих услуг и работ","За счет бюджетных средств, за исключением средств софинансирования по правительственным внешним займам или связанным грантам","Услуга","802010.000.000004","Өрт/күзеттік хабарлағышты/өрт сөндіру/бейнебақылау жүйелерін және ұқаса жабдықтауды техникалық қамтамасыз ету бойынша қызмет көрсетулер","Услуги по техническому обслуживанию пожарной/охранной сигнализации/систем тушения/видеонаблюдения и аналогичного оборудования","Өрт/күзет белгі беру/өрт сөндіру жүйелеріне/бейне бақылау және ұқсас жабдықтарға техникалық қызмет көрсету бойынша қызметтер","Услуги по техническому обслуживанию пожарной/охранной сигнализации/систем тушения/видеонаблюдения и аналогичного оборудования","12 ай бойына өртке қарсы дабыл қызметі","Услуги по обслуживанию пожарной сигнализации на 12 месяцев","Из одного источника путем прямого заключения договора","пп.42 п.3 ст.39 приобретения однородных товаров, если годовой объем таких однородных товаров в стоимостном выражении не превышает стократного размера месячного расчетного показателя, работ и услуг, если годовой объем таких однородных работ и услуг в стоимостном выражении не превышает пятисоткратного размера месячного расчетного показателя, а для аппаратов акимов городов районного значения, сел, поселков, сельских округов не превышает трех тысячекратного размера месячного расчетного показателя, установленного на соответствующий финансовый год законом о республиканском бюджете;","Из одного источника путем прямого заключения договора","Одна услуга",1,150000,150000,150000,null,null,"Январь","қаңтар- желтоқсан","январь-декабрь","351011000;","Қарағанды облысы, Қарағанды Қ.Ә., Октябрь а.ә. Қарағанды қ., Магнитогорская көш.1;","Карагандинская область, Караганда Г.А., Октябрьская р.а. г.Караганда, ул.Магнитогорская 1;",null,null,"Утвержден"]
[39604908,39604908,"Закупки, не превышающие финансовый год",261,"003 Общеобразовательное обучение по специальным образовательным учебным программам","045 За счет субвенций из республиканского бюджета на образование","159 Оплата прочих услуг и работ","За счет бюджетных средств, за исключением средств софинансирования по правительственным внешним займам или связанным грантам","Услуга","331119.100.000003","Энергетикалық қазандарды/қазан жабдықтарын және ұқсас энергетикалық жабдықтар мен жүйелерді техникалық қамтамасыз ету/сақтау бойынша қызмет көрсетулер","Услуги по техническому обслуживанию энергетических котлов/котельного оборудования и аналогичного энергетического оборудования и систем","Энергетикалық қазандарға/қазан жабдықтарына және ұқсас энергетикалық жабдықтарға және жүйелерге техникалық қызмет көрсету бойынша қызметтер","Услуги по техническому обслуживанию энергетических котлов/котельного оборудования и аналогичного энергетического оборудования и систем","Жылуды есептеу жүйесін техникалық қызмет көрсету, қаңтар, ақпан, наурыз, сәуір, қазан, қараша, желтоқсан","Сервисное обслуживание системы тепло учета, январь, февраль, март, апрель, октябрь, ноябрь, декабрь","Из одного источника путем прямого заключения договора","пп.42 п.3 ст.39 приобретения однородных товаров, если годовой объем таких однородных товаров в стоимостном выражении не превышает стократного размера месячного расчетного показателя, работ и услуг, если годовой объем таких однородных работ и услуг в стоимостном выражении не превышает пятисоткратного размера месячного расчетного показателя, а для аппаратов акимов городов районного значения, сел, поселков, сельских округов не превышает трех тысячекратного размера месячного расчетного показателя, установленного на соответствующий финансовый год законом о республиканском бюджете;","Из одного источника путем прямого заключения договора","Одна услуга",1,70000,70000,70000,null,null,"Январь","қаңтар- желтоқсан","январь-декабрь","351011000;","Қарағанды облысы, Қарағанды Қ.Ә., Октябрь а.ә. Қарағанды қ., Магнитогорская көш.1;","Карагандинская область, Караганда Г.А., Октябрьская р.а. г.Караганда, ул.Магнитогорская 1;",null,null,"Утвержден"]
[39604909,39604909,"Закупки, не превышающие финансовый год",261,"003 Общеобразовательное обучение по специальным образовательным учебным программам","045 За счет субвенций из республиканского бюджета на образование","159 Оплата прочих услуг и работ","За счет бюджетных средств, за исключением средств софинансирования по правительственным внешним займам или связанным грантам","Услуга","620920.000.000017","Картридждерді толтыру бойынша қызметтер","Услуги по заправке картриджей","Картридждерді толтыру бойынша қызметттер","Услуги по заправке картриджей","Картридждерді толтыру бойынша қызметттер","Услуги по заправке картриджей","Из одного источника путем прямого заключения договора","пп.42 п.3 ст.39 приобретения однородных товаров, если годовой объем таких однородных товаров в стоимостном выражении не превышает стократного размера месячного расчетного показателя, работ и услуг, если годовой объем таких однородных работ и услуг в стоимостном выражении не превышает пятисоткратного размера месячного расчетного показателя, а для аппаратов акимов городов районного значения, сел, поселков, сельских округов не превышает трех тысячекратного размера месячного расчетного показателя, установленного на соответствующий финансовый год законом о республиканском бюджете;","Из одного источника путем прямого заключения договора","Одна услуга",1,80000,80000,80000,null,null,"Январь","қаңтар- желтоқсан","январь-декабрь","351011000;","Қарағанды облысы, Қарағанды Қ.Ә., Октябрь а.ә. Қарағанды қ., Магнитогорская көш.1;","Карагандинская область, Караганда Г.А., Октябрьская р.а. г.Караганда, ул.Магнитогорская 1;",null,null,"Утвержден"]
[39604910,39604910,"Закупки, не превышающие финансовый год",261,"003 Общеобразовательное обучение по специальным образовательным учебным программам","045 За счет субвенций из республиканского бюджета на образование","159 Оплата прочих услуг и работ","За счет бюджетных средств, за исключением средств софинансирования по правительственным внешним займам или связанным грантам","Услуга","582950.000.000001","Бағдарламалық жасақтама қолдану құқығына лицензия ұсыну бойынша қызмет көрсетулер","Услуги по предоставлению лицензий на право использования программного обеспечения","Бағдарламалық қамтамасыз етуді пайдалану құқығына лицензия беру бойынша қызметтер","Услуги по предоставлению лицензий на право использования программного обеспечения","Интернетке «1С: Кәсіпорын 8» қызметіне «ITSaaS БЮДЖЕТ» қол жеткізу құқығы. Қарағанды қ,. Магнитогорская к-ш.1","Право доступа в сервис \"1С:Предприятие 8 через Интернет «ITSaaS БЮДЖЕТ» г. Караганда, ул.Магнитогорская 1","Из одного источника путем прямого заключения договора","пп.42 п.3 ст.39 приобретения однородных товаров, если годовой объем таких однородных товаров в стоимостном выражении не превышает стократного размера месячного расчетного показателя, работ и услуг, если годовой объем таких однородных работ и услуг в стоимостном выражении не превышает пятисоткратного размера месячного расчетного показателя, а для аппаратов акимов городов районного значения, сел, поселков, сельских округов не превышает трех тысячекратного размера месячного расчетного показателя, установленного на соответствующий финансовый год законом о республиканском бюджете;","Из одного источника путем прямого заключения договора","Одна услуга",1,98214.29,98214.29,98214.29,null,null,"Январь","қаңтар- желтоқсан","январь-декабрь","351011000;","Қарағанды облысы, Қарағанды Қ.Ә., Октябрь а.ә. Қарағанды қ., Магнитогорская көш.1;","Карагандинская область, Караганда Г.А., Октябрьская р.а. г.Караганда, ул.Магнитогорская 1;",null,null,"Утвержден"]
[39604911,39604911,"Закупки, не превышающие финансовый год",261,"003 Общеобразовательное обучение по специальным образовательным учебным программам","045 За счет субвенций из республиканского бюджета на образование","159 Оплата прочих услуг и работ","За счет бюджетных средств, за исключением средств софинансирования по правительственным внешним займам или связанным грантам","Услуга","620220.000.000000","Ақпараттық технологиялар саласындағы консультациялық қызметтер","Услуги консультационные в области информационных технологий","Ақпараттық технология саласындағы консултациялық қызметтер","Услуги консультационные в области информационных технологий","«1С: Кәсіпорын 8. Қазақстанның мемлекеттік мекемелерінің есебі» бағдарламасында бухгалтерлік есеп бойынша кеңес беру. Қарағанды қ,. Магнитогорская к-ш.1","Консультации по вопросам ведения бухгалтерского учета в программе \"1С:Предприятие 8. Бухгалтерский учет для государственных учреждений Казахстана\". г.Караганда, ул.Магнитогорская 1","Из одного источника путем прямого заключения договора","пп.42 п.3 ст.39 приобретения однородных товаров, если годовой объем таких однородных товаров в стоимостном выражении не превышает стократного размера месячного расчетного показателя, работ и услуг, если годовой объем таких однородных работ и услуг в стоимостном выражении не превышает пятисоткратного размера месячного расчетного показателя, а для аппаратов акимов городов районного значения, сел, поселков, сельских округов не превышает трех тысячекратного размера месячного расчетного показателя, установленного на соответствующий финансовый год законом о республиканском бюджете;","Из одного источника путем прямого заключения договора","Одна услуга",1,123750,123750,123750,null,null,"Январь","қаңтар- желтоқсан","январь-декабрь","351011000;","Қарағанды облысы, Қарағанды Қ.Ә., Октябрь а.ә. Қарағанды қ., Магнитогорская көш.1;","Карагандинская область, Караганда Г.А., Октябрьская р.а. г.Караганда, ул.Магнитогорская 1;",null,null,"Утвержден"]
[39604912,39604912,"Закупки, не превышающие финансовый год",261,"003 Общеобразовательное обучение по специальным образовательным учебным программам","045 За счет субвенций из республиканского бюджета на образование","159 Оплата прочих услуг и работ","За счет бюджетных средств, за исключением средств софинансирования по правительственным внешним займам или связанным грантам","Услуга","841112.900.000012","Банк-клиенттер жүйесіне қолжеткізуді ұсыну бойынша банктер қызметтері","Услуги банков по предоставлению доступа к системе банк-клиент","Банк-тұтынушы жүйесіне рұқсат беру бойынша банк қызметтері","Услуги банков по предоставлению доступа к системе банк-клиент","Банктік кепілдік бергені үшін комиссия төлеу бойынша қызметтер 0,2%","Услуги выплаты комисси за предоставление банковской гарантии 0,2%","Из одного источника путем прямого заключения договора","пп.11 п.3 ст.39 приобретения услуг международных рейтинговых агентств, финансовых услуг;","Из одного источника путем прямого заключения договора","Одна услуга",1,230000,230000,230000,null,null,"Январь","қаңтар- желтоқсан","январь-декабрь","351011000;","Қарағанды облысы, Қарағанды Қ.Ә., Октябрь а.ә. Қарағанды қ., Магнитогорская көш.1;","Карагандинская область, Караганда Г.А., Октябрьская р.а. г.Караганда, ул.Магнитогорская 1;",null,null,"Утвержден"]
[39604913,39604913,"Закупки, не превышающие финансовый год",261,"003 Общеобразовательное обучение по специальным образовательным учебным программам","045 За счет субвенций из республиканского бюджета на образование","159 Оплата прочих услуг и работ","За счет бюджетных средств, за исключением средств софинансирования по правительственным внешним займам или связанным грантам","Услуга","381129.000.000000","Қауіпті емес қалдықтарды/мүліктерді/материалдарды шығару (жинау) бойынша қызметтер","Услуги по вывозу (сбору) неопасных отходов/имущества/материалов","зиянсыз қалдықтарды/мүліктерді/материалдарды шығару (жинау) қызметтері","Услуги по вывозу (сбору) неопасных отходов/имущества/материалов","1. Қатты қалдықтарды шығару аптасына 2 рет, жылына 12 айда жүзеге асырылады. 2. Қатты қалдықтарды шығару және тасымалдау контейнер тиелген мамандандырылған қоқыс таситын машинада жүзеге асырылады.3 Қатты қалдықтарды шығару қоқыстарды орналастыру және жою үшін мамандандырылған полигонда жүзеге асырылады. Қатты тұрмыстық қалдықтарды уақытылы және үзіліссіз жою үшін жеткізушіде арнайы жабдық болуы керек.","1. Вывоз ТБО осуществляется 12 месяцев в году, 2 раза в неделю. 2. Вывоз и транспортировка ТБО осуществляется на специализированном автотранспорте- мусоровозе с контейнерной загрузкой.3 Размещение ТБО осуществляется на специализированном полигоне по утилизации и размещению отходов.4. Для своевременного и бесперебойного вывоза ТБО поставщик должен иметь в наличии специализированную технику.","Из одного источника путем прямого заключения договора","пп.42 п.3 ст.39 приобретения однородных товаров, если годовой объем таких однородных товаров в стоимостном выражении не превышает стократного размера месячного расчетного показателя, работ и услуг, если годовой объем таких однородных работ и услуг в стоимостном выражении не превышает пятисоткратного размера месячного расчетного показателя, а для аппаратов акимов городов районного значения, сел, поселков, сельских округов не превышает трех тысячекратного размера месячного расчетного показателя, установленного на соответствующий финансовый год законом о республиканском бюджете;","Из одного источника путем прямого заключения договора","Одна услуга",1,159955.72,159955.72,159955.72,null,null,"Январь","қаңтар- желтоқсан","январь-декабрь","351011000;","Қарағанды облысы, Қарағанды Қ.Ә., Октябрь а.ә. Қарағанды қ., Магнитогорская көш.1;","Карагандинская область, Караганда Г.А., Октябрьская р.а. г.Караганда, ул.Магнитогорская 1;",null,null,"Утвержден"]
[39604914,39604914,"Закупки, не превышающие финансовый год",261,"003 Общеобразовательное обучение по специальным образовательным учебным программам","045 За счет субвенций из республиканского бюджета на образование","159 Оплата прочих услуг и работ","За счет бюджетных средств, за исключением средств софинансирования по правительственным внешним займам или связанным грантам","Услуга","620910.000.000000","Компьютерлік/серверлік жабдықтарды орнату және баптау бойынша қызмет көрсетулер","Услуги по установке и настройке компьютерного/серверного оборудования","Компьютерлік/серверлік жабдықтарды орнату және күйге келтіру бойынша қызметтер","Услуги по установке и настройке компьютерного/серверного оборудования","12 ай ішінде веб-сайтты жүргізу бойынша қызметтер","Услуги по содержанию веб сайтов в течении 12 месяцев","Из одного источника путем прямого заключения договора","пп.42 п.3 ст.39 приобретения однородных товаров, если годовой объем таких однородных товаров в стоимостном выражении не превышает стократного размера месячного расчетного показателя, работ и услуг, если годовой объем таких однородных работ и услуг в стоимостном выражении не превышает пятисоткратного размера месячного расчетного показателя, а для аппаратов акимов городов районного значения, сел, поселков, сельских округов не превышает трех тысячекратного размера месячного расчетного показателя, установленного на соответствующий финансовый год законом о республиканском бюджете;","Из одного источника путем прямого заключения договора","Одна услуга",1,60000,60000,60000,null,null,"Январь","қаңтар- желтоқсан","январь-декабрь","351011000;","Қарағанды облысы, Қарағанды Қ.Ә., Октябрь а.ә. Қарағанды қ., Магнитогорская көш.1;","Карагандинская область, Караганда Г.А., Октябрьская р.а. г.Караганда, ул.Магнитогорская 1;",null,null,"Утвержден"]
[39604915,39604915,"Закупки, не превышающие финансовый год",261,"003 Общеобразовательное обучение по специальным образовательным учебным программам","045 За счет субвенций из республиканского бюджета на образование","159 Оплата прочих услуг и работ","За счет бюджетных средств, за исключением средств софинансирования по правительственным внешним займам или связанным грантам","Услуга","331218.200.000002","Тоңазытқыш және ұқсас жабдықтауды техникалық қамтамасыз ету бойынша қызмет көрсетулер","Услуги по техническому обслуживанию холодильного и аналогичного оборудования","Мұздату және ұқсас жабдықтарға техникалық қызмет көрсету бойынша қызметтер","Услуги по техническому обслуживанию холодильного и аналогичного оборудования","Өнеркәсіптік ас үй жабдықтарына техникалық қызмет көрсету","Услуги по обслуживанию промышленного кухонного оборудования","Из одного источника путем прямого заключения договора","пп.42 п.3 ст.39 приобретения однородных товаров, если годовой объем таких однородных товаров в стоимостном выражении не превышает стократного размера месячного расчетного показателя, работ и услуг, если годовой объем таких однородных работ и услуг в стоимостном выражении не превышает пятисоткратного размера месячного расчетного показателя, а для аппаратов акимов городов районного значения, сел, поселков, сельских округов не превышает трех тысячекратного размера месячного расчетного показателя, установленного на соответствующий финансовый год законом о республиканском бюджете;","Из одного источника путем прямого заключения договора","Одна услуга",1,100000,100000,100000,null,null,"Январь","қаңтар- желтоқсан","январь-декабрь","351011000;","Қарағанды облысы, Қарағанды Қ.Ә., Октябрь а.ә. Қарағанды қ., Магнитогорская көш.1;","Карагандинская область, Караганда Г.А., Октябрьская р.а. г.Караганда, ул.Магнитогорская 1;",null,null,"Утвержден"]
[39604916,39604916,"Закупки, не превышающие финансовый год",261,"003 Общеобразовательное обучение по специальным образовательным учебным программам","045 За счет субвенций из республиканского бюджета на образование","159 Оплата прочих услуг и работ","За счет бюджетных средств, за исключением средств софинансирования по правительственным внешним займам или связанным грантам","Услуга","823011.000.000000","Конференцияларды/семинарларды/форумдарды/конкурстарды/корпоративтік/спорттық/мәдени/мерекелік және ұқсас іс-шараларды ұйымдастыру/өткізу бойынша қызметтер","Услуги по организации/проведению конференций/семинаров/форумов/конкурсов/корпоративных/спортивных/культурных/праздничных и аналогичных мероприятий","Конференциялар, форумдар, семинарлар, конурстар, корпоративтік, спорттық, мәдени, мерекелік және балама іс-шараларды ұйымдастыру/өткізу бойынша қызметтер","Услуги по организации/проведению конференций/семинаров/форумов/конкурсов/корпоративных/спортивных/культурных/праздничных и аналогичных мероприятий","Семинары","Семинары","Из одного источника путем прямого заключения договора","пп.42 п.3 ст.39 приобретения однородных товаров, если годовой объем таких однородных товаров в стоимостном выражении не превышает стократного размера месячного расчетного показателя, работ и услуг, если годовой объем таких однородных работ и услуг в стоимостном выражении не превышает пятисоткратного размера месячного расчетного показателя, а для аппаратов акимов городов районного значения, сел, поселков, сельских округов не превышает трех тысячекратного размера месячного расчетного показателя, установленного на соответствующий финансовый год законом о республиканском бюджете;","Из одного источника путем прямого заключения договора","Одна услуга",1,60000,60000,60000,null,null,"Январь","қаңтар-ақпан","январь-февраль","351011000;","Қарағанды облысы, Қарағанды Қ.Ә., Октябрь а.ә. Қарағанды қ., Магнитогорская көш.1;","Карагандинская область, Караганда Г.А., Октябрьская р.а. г.Караганда, ул.Магнитогорская 1;",null,null,"Изменен"]
[39604917,39604917,"Закупки, не превышающие финансовый год",261,"003 Общеобразовательное обучение по специальным образовательным учебным программам","045 За счет субвенций из республиканского бюджета на образование","159 Оплата прочих услуг и работ","За счет бюджетных средств, за исключением средств софинансирования по правительственным внешним займам или связанным грантам","Услуга","619010.900.000001","Бұлт сервисінің қызметтері","Услуги облачного сервиса","Бұлтты қызмет көрсетулер қызметі","Услуги облачного сервиса","12 ай мерзіміне бұлтты қызмет көрсетулер қызметі","Услуги облачного сервиса в течении 12 месяцев","Из одного источника путем прямого заключения договора","пп.42 п.3 ст.39 приобретения однородных товаров, если годовой объем таких однородных товаров в стоимостном выражении не превышает стократного размера месячного расчетного показателя, работ и услуг, если годовой объем таких однородных работ и услуг в стоимостном выражении не превышает пятисоткратного размера месячного расчетного показателя, а для аппаратов акимов городов районного значения, сел, поселков, сельских округов не превышает трех тысячекратного размера месячного расчетного показателя, установленного на соответствующий финансовый год законом о республиканском бюджете;","Из одного источника путем прямого заключения договора","Одна услуга",1,1320000,1320000,1320000,null,null,"Январь","қаңтар- желтоқсан","январь-декабрь","351011000;","Қарағанды облысы, Қарағанды Қ.Ә., Октябрь а.ә. Қарағанды қ., Магнитогорская көш.1;","Карагандинская область, Караганда Г.А., Октябрьская р.а. г.Караганда, ул.Магнитогорская 1;",null,null,"Утвержден"]
[39604919,39604919,"Закупки, не превышающие финансовый год",261,"003 Общеобразовательное обучение по специальным образовательным учебным программам","045 За счет субвенций из республиканского бюджета на образование","159 Оплата прочих услуг и работ","За счет бюджетных средств, за исключением средств софинансирования по правительственным внешним займам или связанным грантам","Услуга","812913.000.000000","Санитарлық қызмет көрсетулер (дезинфекция, дезинсекция, дератизация және соларға ұқсас)","Услуги санитарные (дезинфекция, дезинсекция, дератизация и аналогичные)","Санитарлық қызметтер (дезинфекция, дезинсекция, дератизация және ұқсастар)","Услуги санитарные (дезинфекция, дезинсекция, дератизация и аналогичные)","12 ай бойы бөлмелерді дезинфекциялау қызметі","Услуги по дезинфекции помещения в течении 12 месяцев","Из одного источника путем прямого заключения договора","пп.42 п.3 ст.39 приобретения однородных товаров, если годовой объем таких однородных товаров в стоимостном выражении не превышает стократного размера месячного расчетного показателя, работ и услуг, если годовой объем таких однородных работ и услуг в стоимостном выражении не превышает пятисоткратного размера месячного расчетного показателя, а для аппаратов акимов городов районного значения, сел, поселков, сельских округов не превышает трех тысячекратного размера месячного расчетного показателя, установленного на соответствующий финансовый год законом о республиканском бюджете;","Из одного источника путем прямого заключения договора","Одна услуга",1,55918.8,55918.8,55918.8,null,null,"Январь","қаңтар- желтоқсан","январь-декабрь","351011000;","Қарағанды облысы, Қарағанды Қ.Ә., Октябрь а.ә. Қарағанды қ., Магнитогорская көш.1;","Карагандинская область, Караганда Г.А., Октябрьская р.а. г.Караганда, ул.Магнитогорская 1;",null,null,"Утвержден"]
[39604920,39604920,"Закупки, не превышающие финансовый год",261,"003 Общеобразовательное обучение по специальным образовательным учебным программам","045 За счет субвенций из республиканского бюджета на образование","159 Оплата прочих услуг и работ","За счет бюджетных средств, за исключением средств софинансирования по правительственным внешним займам или связанным грантам","Услуга","620230.000.000001","Ақпараттық жүйені қостау және техникалық қолдау көрсету бойынша қызмет көрсетулер","Услуги по сопровождению и технической поддержке информационной системы","Ақпараттық жүйеде ілесу және техникалық қолдау бойынша қызметтер","Услуги по сопровождению и технической поддержке информационной системы","\"Білім - ал\" сервисі және қолдану","обслуживание и сопровождение \"Білім - ал\"","Из одного источника путем прямого заключения договора","пп.3 п.3 ст.39 приобретение товаров, услуг, являющихся объектами интеллектуальной собственности, у лица, обладающего исключительными правами в отношении приобретаемых товаров, услуг, а также работ по корректировке предпроектной или проектно-сметной документации у лица, разработавшего данную предпроектную или проектно-сметную документацию","Из одного источника путем прямого заключения договора","Одна услуга",1,540000,540000,540000,null,null,"Январь","қаңтар- желтоқсан","январь-декабрь","351011000;","Қарағанды облысы, Қарағанды Қ.Ә., Октябрь а.ә. Қарағанды қ., Магнитогорская көш.1;","Карагандинская область, Караганда Г.А., Октябрьская р.а. г.Караганда, ул.Магнитогорская 1;",null,null,"Проект договора"]
[39604921,39604921,"Закупки, не превышающие финансовый год",261,"003 Общеобразовательное обучение по специальным образовательным учебным программам","045 За счет субвенций из республиканского бюджета на образование","159 Оплата прочих услуг и работ","За счет бюджетных средств, за исключением средств софинансирования по правительственным внешним займам или связанным грантам","Услуга","712019.000.000005","Өлшеу құралдарын сенімдеу бойынша қызмет көрсетулер","Услуги по поверке средств измерений","Өлшеу құралдарын тексеру бойынша қызметтер.","Услуги по поверке средств измерений","тоңазытқышты тексерістен өткізу - 4 дана","поверка холодильника 4 шт","Из одного источника путем прямого заключения договора","пп.42 п.3 ст.39 приобретения однородных товаров, если годовой объем таких однородных товаров в стоимостном выражении не превышает стократного размера месячного расчетного показателя, работ и услуг, если годовой объем таких однородных работ и услуг в стоимостном выражении не превышает пятисоткратного размера месячного расчетного показателя, а для аппаратов акимов городов районного значения, сел, поселков, сельских округов не превышает трех тысячекратного размера месячного расчетного показателя, установленного на соответствующий финансовый год законом о республиканском бюджете;","Из одного источника путем прямого заключения договора","Одна услуга",1,20000,20000,20000,null,null,"Январь","қырқүйек-қараша","сентябрь - ноябрь","351011000;","Қарағанды облысы, Қарағанды Қ.Ә., Октябрь а.ә. Қарағанды қ., Магнитогорская көш.1;","Карагандинская область, Караганда Г.А., Октябрьская р.а. г.Караганда, ул.Магнитогорская 1;",null,null,"Утвержден"]
[39604922,39604922,"Закупки, не превышающие финансовый год",261,"003 Общеобразовательное обучение по специальным образовательным учебным программам","045 За счет субвенций из республиканского бюджета на образование","159 Оплата прочих услуг и работ","За счет бюджетных средств, за исключением средств софинансирования по правительственным внешним займам или связанным грантам","Услуга","812913.000.000000","Санитарлық қызмет көрсетулер (дезинфекция, дезинсекция, дератизация және соларға ұқсас)","Услуги санитарные (дезинфекция, дезинсекция, дератизация и аналогичные)","Санитарлық қызметтер (дезинфекция, дезинсекция, дератизация және ұқсастар)","Услуги санитарные (дезинфекция, дезинсекция, дератизация и аналогичные)","70 төсек мөлшерінде төсек-орын жамылғыларын камералық дезинфекциялау","Камерная дезинфекция постельного белья в количестве 70 комплектов","Из одного источника путем прямого заключения договора","пп.42 п.3 ст.39 приобретения однородных товаров, если годовой объем таких однородных товаров в стоимостном выражении не превышает стократного размера месячного расчетного показателя, работ и услуг, если годовой объем таких однородных работ и услуг в стоимостном выражении не превышает пятисоткратного размера месячного расчетного показателя, а для аппаратов акимов городов районного значения, сел, поселков, сельских округов не превышает трех тысячекратного размера месячного расчетного показателя, установленного на соответствующий финансовый год законом о республиканском бюджете;","Из одного источника путем прямого заключения договора","Одна услуга",1,102725,102725,102725,null,null,"Январь","мамыр - маусым","май - июнь","351011000;","Қарағанды облысы, Қарағанды Қ.Ә., Октябрь а.ә. Қарағанды қ., Магнитогорская көш.1;","Карагандинская область, Караганда Г.А., Октябрьская р.а. г.Караганда, ул.Магнитогорская 1;",null,null,"Утвержден"]
[39604923,39604923,"Закупки, не превышающие финансовый год",261,"003 Общеобразовательное обучение по специальным образовательным учебным программам","045 За счет субвенций из республиканского бюджета на образование","159 Оплата прочих услуг и работ","За счет бюджетных средств, за исключением средств софинансирования по правительственным внешним займам или связанным грантам","Услуга","382129.000.000001","Мүлікті жою бойынша қызметтер","Услуги по утилизации имущества","Мүлікті жою бойынша қызметтер","Услуги по утилизации имущества","медициналық қалдықтар мен энергия үнемдейтін шамдарды жою бойынша қызметтер","услуги по утилизации медицинских отходов и энергосберегающих лампочек","Из одного источника путем прямого заключения договора","пп.42 п.3 ст.39 приобретения однородных товаров, если годовой объем таких однородных товаров в стоимостном выражении не превышает стократного размера месячного расчетного показателя, работ и услуг, если годовой объем таких однородных работ и услуг в стоимостном выражении не превышает пятисоткратного размера месячного расчетного показателя, а для аппаратов акимов городов районного значения, сел, поселков, сельских округов не превышает трех тысячекратного размера месячного расчетного показателя, установленного на соответствующий финансовый год законом о республиканском бюджете;","Из одного источника путем прямого заключения договора","Одна услуга",1,37500,37500,37500,null,null,"Сентябрь","қыркүйек - желтоқсан","сентябрь - декабрь","351011000;","Қарағанды облысы, Қарағанды Қ.Ә., Октябрь а.ә. Қарағанды қ., Магнитогорская көш.1;","Карагандинская область, Караганда Г.А., Октябрьская р.а. г.Караганда, ул.Магнитогорская 1;",null,null,"Утвержден"]
[39604925,39604925,"Закупки, не превышающие финансовый год",261,"003 Общеобразовательное обучение по специальным образовательным учебным программам","045 За счет субвенций из республиканского бюджета на образование","159 Оплата прочих услуг и работ","За счет бюджетных средств, за исключением средств софинансирования по правительственным внешним займам или связанным грантам","Услуга","181219.900.000005","Полиграфиялық өнімдерді (кітаптардан, фотодан, мерзімді басылымдардан басқа) жасау/басып шығару бойынша полиграфиялық қызмет көрсетулер","Услуги полиграфические по изготовлению/печатанию полиграфической продукции (кроме книг, фото, периодических изданий)","Полиграфиялық өнімдерді әзірлеу/басу бойынша полиграфиялық қызметтер (книг, фото, баспалардан басқа)","Услуги полиграфические по изготовлению/печатанию полиграфической продукции (кроме книг, фото, периодических изданий)","Мемлекеттік білім беру нысандарының өндірісі","Изготовление бланков государственного образца об образовании","Из одного источника путем прямого заключения договора","пп.3 п.3 ст.39 приобретение товаров, услуг, являющихся объектами интеллектуальной собственности, у лица, обладающего исключительными правами в отношении приобретаемых товаров, услуг, а также работ по корректировке предпроектной или проектно-сметной документации у лица, разработавшего данную предпроектную или проектно-сметную документацию","Из одного источника путем прямого заключения договора","Одна услуга",1,10340.75,10340.75,10340.75,null,null,"Май","мамыр - маусым","май- июнь","351011000;","Қарағанды облысы, Қарағанды Қ.Ә., Октябрь а.ә. Қарағанды қ., Магнитогорская көш.1;","Карагандинская область, Караганда Г.А., Октябрьская р.а. г.Караганда, ул.Магнитогорская 1;",null,null,"Утвержден"]
[39604926,39604926,"Закупки, не превышающие финансовый год",261,"003 Общеобразовательное обучение по специальным образовательным учебным программам","045 За счет субвенций из республиканского бюджета на образование","159 Оплата прочих услуг и работ","За счет бюджетных средств, за исключением средств софинансирования по правительственным внешним займам или связанным грантам","Услуга","841212.030.000000","Персоналды медициналық тексеріп қарау бойынша қызметтер, соның ішінде, алдын ала, мерзімді және кезектен тыс (жоспардан тыс) тексеріп қараулар","Услуги по медицинскому осмотру персонала, включая предварительные, периодические и внеочередные (внеплановые) осмотры","Алдын ала, мерзімді және кезектен тыс тексерулерді қоса алғанда, жеке құрамды медициналық тексеруден өткізу бойынша қызметтер","Услуги по медицинскому осмотру персонала, включая предварительные, периодические и  внеочередные (внеплановые) осмотры","Жұмыскерлерге терапевт, микрореакция, дерматолог, гинеколог + мазок медициналық тексеріс жасау, 68 әйел, 4 еркек.","Медосмотр сотрудников терапевт, микрореакция, дерматолог, гинеколог+мазок, 68 женщин, 4 мужчин.","Из одного источника путем прямого заключения договора","пп.42 п.3 ст.39 приобретения однородных товаров, если годовой объем таких однородных товаров в стоимостном выражении не превышает стократного размера месячного расчетного показателя, работ и услуг, если годовой объем таких однородных работ и услуг в стоимостном выражении не превышает пятисоткратного размера месячного расчетного показателя, а для аппаратов акимов городов районного значения, сел, поселков, сельских округов не превышает трех тысячекратного размера месячного расчетного показателя, установленного на соответствующий финансовый год законом о республиканском бюджете;","Из одного источника путем прямого заключения договора","Одна услуга",1,121160,121160,121160,null,null,"Май","маусым - қыркүйек","май - сентябрь","351011000;","Қарағанды облысы, Қарағанды Қ.Ә., Октябрь а.ә. Қарағанды қ., Магнитогорская көш.1;","Карагандинская область, Караганда Г.А., Октябрьская р.а. г.Караганда, ул.Магнитогорская 1;",null,null,"Утвержден"]
[39604927,39604927,"Закупки, не превышающие финансовый год",261,"003 Общеобразовательное обучение по специальным образовательным учебным программам","045 За счет субвенций из республиканского бюджета на образование","159 Оплата прочих услуг и работ","За счет бюджетных средств, за исключением средств софинансирования по правительственным внешним займам или связанным грантам","Услуга","841212.014.000000","Клиникалық зертханалар қызметтері","Услуги клинических лабораторий","Адам организмінің атқарымдық жүйесі жайында шынайы мәлімет алу үшін зертханалық зерттеу жүргізу","Осуществление лабораторных исследований для получения объективных данных о состоянии функциональных систем организма человека","Қызметкерлерді медициналық тексеруден өткізу, зертханалық зерттеулер: нәжісті бактериологиялық егу, нәжісті гельминт жұмыртқасына тексеру, 72 адамға патогенді стафилококк тасымалдау.","Медосмотр сотрудников лабораторные исследования: бактериологический посев кала, исследование кала на яйца гельминтов, носительство патогенного стафилококка на 72 человека.","Из одного источника путем прямого заключения договора","пп.42 п.3 ст.39 приобретения однородных товаров, если годовой объем таких однородных товаров в стоимостном выражении не превышает стократного размера месячного расчетного показателя, работ и услуг, если годовой объем таких однородных работ и услуг в стоимостном выражении не превышает пятисоткратного размера месячного расчетного показателя, а для аппаратов акимов городов районного значения, сел, поселков, сельских округов не превышает трех тысячекратного размера месячного расчетного показателя, установленного на соответствующий финансовый год законом о республиканском бюджете;","Из одного источника путем прямого заключения договора","Одна услуга",1,195120,195120,195120,null,null,"Май","маусым - қыркүйек","май - сентябрь","351011000;","Қарағанды облысы, Қарағанды Қ.Ә., Октябрь а.ә. Қарағанды қ., Магнитогорская көш.1;","Карагандинская область, Караганда Г.А., Октябрьская р.а. г.Караганда, ул.Магнитогорская 1;",null,null,"Утвержден"]
[39604928,39604928,"Закупки, не превышающие финансовый год",261,"003 Общеобразовательное обучение по специальным образовательным учебным программам","045 За счет субвенций из республиканского бюджета на образование","159 Оплата прочих услуг и работ","За счет бюджетных средств, за исключением средств софинансирования по правительственным внешним займам или связанным грантам","Услуга","360020.400.000000","Суды бөлу бойынша қызмет көрсетулер","Услуги по распределению воды","Суды бөлу қызметі","Услуги по распределению воды","Бөтелкедегі суды жеткізу қызметі 2021 жыл ішінде.","Услуги по доставке воды в бутылях в течении 2021 года.","Из одного источника путем прямого заключения договора","пп.42 п.3 ст.39 приобретения однородных товаров, если годовой объем таких однородных товаров в стоимостном выражении не превышает стократного размера месячного расчетного показателя, работ и услуг, если годовой объем таких однородных работ и услуг в стоимостном выражении не превышает пятисоткратного размера месячного расчетного показателя, а для аппаратов акимов городов районного значения, сел, поселков, сельских округов не превышает трех тысячекратного размера месячного расчетного показателя, установленного на соответствующий финансовый год законом о республиканском бюджете;","Из одного источника путем прямого заключения договора","Одна услуга",1,51785.72,51785.72,51785.72,null,null,"Январь","қаңтар- желтоқсан","январь-декабрь","351011000;","Қарағанды облысы, Қарағанды Қ.Ә., Октябрь а.ә. Қарағанды қ., Магнитогорская көш.1;","Карагандинская область, Караганда Г.А., Октябрьская р.а. г.Караганда, ул.Магнитогорская 1;",null,null,"Изменен"]
[39604929,39604929,"Закупки, не превышающие финансовый год",261,"003 Общеобразовательное обучение по специальным образовательным учебным программам","045 За счет субвенций из республиканского бюджета на образование","159 Оплата прочих услуг и работ","За счет бюджетных средств, за исключением средств софинансирования по правительственным внешним займам или связанным грантам","Услуга","331910.800.000000","Жылыту жүйесін шаю және қысыммен тексеру бойынша қызмет көрсетулер","Услуги по промывке и опрессовке системы отопления","Жылу беру жүйесінің жуылуы бойынша қызметтер","Услуги по промывке и опрессовке системы отопления","100% дайындық актісін бере отырып, жылу жүйесін жуу және қысымды сынау бойынша қызметтер және манометр мен термометрді жеткізу бойынша қызметтер","Услуги по промывке и опрессовке системы отопления, с выдачей акта 100% готовности и услуги по поставке манометра и термометра","Из одного источника путем прямого заключения договора","пп.42 п.3 ст.39 приобретения однородных товаров, если годовой объем таких однородных товаров в стоимостном выражении не превышает стократного размера месячного расчетного показателя, работ и услуг, если годовой объем таких однородных работ и услуг в стоимостном выражении не превышает пятисоткратного размера месячного расчетного показателя, а для аппаратов акимов городов районного значения, сел, поселков, сельских округов не превышает трех тысячекратного размера месячного расчетного показателя, установленного на соответствующий финансовый год законом о республиканском бюджете;","Из одного источника путем прямого заключения договора","Одна услуга",1,120000,120000,120000,null,null,"Январь","маусым - шілде","июнь - июль","351011000;","Қарағанды облысы, Қарағанды Қ.Ә., Октябрь а.ә. Қарағанды қ., Магнитогорская көш.1;","Карагандинская область, Караганда Г.А., Октябрьская р.а. г.Караганда, ул.Магнитогорская 1;",null,null,"Утвержден"]
[39604930,39604930,"Закупки, не превышающие финансовый год",261,"003 Общеобразовательное обучение по специальным образовательным учебным программам","045 За счет субвенций из республиканского бюджета на образование","151 Оплата коммунальных услуг","За счет бюджетных средств, за исключением средств софинансирования по правительственным внешним займам или связанным грантам","Товар","351110.100.000001","Электр энергиясы","Электроэнергия","пайдаланушыларды жабдықтауға арналған","для снабжения потребителей","Электр энергиясы","Электроэнергия","Из одного источника путем прямого заключения договора","пп.1 п.3 ст.39 приобретения услуг, относящихся к сферам естественных монополий, а также услуг энергоснабжения или купли-продажи электрической энергии с гарантирующим поставщиком электрической энергии;","Из одного источника путем прямого заключения договора","Киловатт-час",108655.16099999999,40.1,4357071.96,4357071.96,null,null,"Январь","қаңтар- желтоқсан","январь-декабрь","351011000;","Қарағанды облысы, Қарағанды Қ.Ә., Октябрь а.ә. Қарағанды қ., Магнитогорская көш.1;","Карагандинская область, Караганда Г.А., Октябрьская р.а. г.Караганда, ул.Магнитогорская 1;",null,null,"Изменен"]
[39604931,39604931,"Закупки, не превышающие финансовый год",261,"003 Общеобразовательное обучение по специальным образовательным учебным программам","045 За счет субвенций из республиканского бюджета на образование","151 Оплата коммунальных услуг","За счет бюджетных средств, за исключением средств софинансирования по правительственным внешним займам или связанным грантам","Товар","353011.130.000000","Жылу энергиясы","Энергия тепловая","ыстық суда","в горячей воде","Жылу энегиясы","Тепловая энергия","Из одного источника путем прямого заключения договора","пп.1 п.3 ст.39 приобретения услуг, относящихся к сферам естественных монополий, а также услуг энергоснабжения или купли-продажи электрической энергии с гарантирующим поставщиком электрической энергии;","Из одного источника путем прямого заключения договора","Гигакалория",754.98319000000004,7161.28,5406646.0199999996,5406646.0199999996,null,null,"Январь","қаңтар- желтоқсан","январь-декабрь","351011000;","Қарағанды облысы, Қарағанды Қ.Ә., Октябрь а.ә. Қарағанды қ., Магнитогорская көш.1;","Карагандинская область, Караганда Г.А., Октябрьская р.а. г.Караганда, ул.Магнитогорская 1;",null,null,"Изменен"]
[39604932,39604932,"Закупки, не превышающие финансовый год",261,"003 Общеобразовательное обучение по специальным образовательным учебным программам","045 За счет субвенций из республиканского бюджета на образование","151 Оплата коммунальных услуг","За счет бюджетных средств, за исключением средств софинансирования по правительственным внешним займам или связанным грантам","Товар","353011.130.000001","Су","Вода","ыстық, коммуналдық қажеттіліктер үшін","горячая, для коммунальных нужд","Химикалық тазартылған су","Химический очищенная вода","Из одного источника путем прямого заключения договора","пп.1 п.3 ст.39 приобретения услуг, относящихся к сферам естественных монополий, а также услуг энергоснабжения или купли-продажи электрической энергии с гарантирующим поставщиком электрической энергии;","Из одного источника путем прямого заключения договора","Метр кубический",1043.635,123.18,128554.96,128554.96,null,null,"Январь","қаңтар- желтоқсан","январь-декабрь","351011000;","Қарағанды облысы, Қарағанды Қ.Ә., Октябрь а.ә. Қарағанды қ., Магнитогорская көш.1;","Карагандинская область, Караганда Г.А., Октябрьская р.а. г.Караганда, ул.Магнитогорская 1;",null,null,"Утвержден"]
[39646509,39646509,"Закупки, не превышающие финансовый год",261,"003 Общеобразовательное обучение по специальным образовательным учебным программам","045 За счет субвенций из республиканского бюджета на образование","151 Оплата коммунальных услуг","За счет бюджетных средств, за исключением средств софинансирования по правительственным внешним займам или связанным грантам","Услуга","353022.000.000001","Орталықтандырылған сумен жабдықтау жүйелерін пайдаланумен суық сумен жабдықтау бойынша қызмет көрсетулер","Услуги по холодному водоснабжению с использованием систем централизованного водоснабжения","Орталықтандырылған сумен жабдықтау жүйелерін пайдаланумен беру, үлестіру және салқын сумен жабдықтау бойынша қызметтер","Услуги по передаче, распределению и холодному водоснабжению с использованием систем централизованного водоснабжения","2021 ж. суық су және канализация қызметін төлеу","Оплата за холодную воду и услуги канализации за 2021 год","Из одного источника путем прямого заключения договора","пп.1 п.3 ст.39 приобретения услуг, относящихся к сферам естественных монополий, а также услуг энергоснабжения или купли-продажи электрической энергии с гарантирующим поставщиком электрической энергии;","Из одного источника путем прямого заключения договора","Одна услуга",1,1598214.29,1598214.29,1598214.29,null,null,"Январь","қаңтар - желтоқсан","январь-декабрь","351011100;","Қарағанды облысы, Қарағанды қ., Октябрь ауданы Магнитогорская көш.1;","Карагандинская область, г.Караганда, Октябрьский район ул.Магнитогорская 1;",null,null,"Утвержден"]
[39646818,39646818,"Закупки, не превышающие финансовый год",261,"003 Общеобразовательное обучение по специальным образовательным учебным программам","045 За счет субвенций из республиканского бюджета на образование","159 Оплата прочих услуг и работ","За счет бюджетных средств, за исключением средств софинансирования по правительственным внешним займам или связанным грантам","Работа","711235.900.000000","Жерге орналастыру және жер-кадастр жұмыстары","Землеустроительные и земельно-кадастровые работы","Қоныстандыру және жер-кадастрлық жұмыстар","Землеустроительные и земельно-кадастровые работы","жер учаскесіне сәйкестендіру құжаттарын дайындау және беру","изготовление и выдача идентификационных документов на земельный участок","Из одного источника путем прямого заключения договора","пп.42 п.3 ст.39 приобретения однородных товаров, если годовой объем таких однородных товаров в стоимостном выражении не превышает стократного размера месячного расчетного показателя, работ и услуг, если годовой объем таких однородных работ и услуг в стоимостном выражении не превышает пятисоткратного размера месячного расчетного показателя, а для аппаратов акимов городов районного значения, сел, поселков, сельских округов не превышает трех тысячекратного размера месячного расчетного показателя, установленного на соответствующий финансовый год законом о республиканском бюджете;","Из одного источника путем прямого заключения договора","Работа",1,8889.6,8889.6,8889.6,null,null,"Январь","қаңтар-ақпан","Январь-февраль","351011100;","Қарағанды облысы, Қарағанды қ., Октябрь ауданы Магнитогорская көш.1;","Карагандинская область, г.Караганда, Октябрьский район ул.Магнитогорская 1;",null,null,"Утвержден"]
[39646919,39646919,"Закупки, не превышающие финансовый год",261,"003 Общеобразовательное обучение по специальным образовательным учебным программам","045 За счет субвенций из республиканского бюджета на образование","159 Оплата прочих услуг и работ","За счет бюджетных средств, за исключением средств софинансирования по правительственным внешним займам или связанным грантам","Услуга","712019.000.000005","Өлшеу құралдарын сенімдеу бойынша қызмет көрсетулер","Услуги по поверке средств измерений","Өлшеу құралдарын тексеру бойынша қызметтер.","Услуги по поверке средств измерений","Поверка тонометра - 5шт, поверка электронных весов - 1шт, поверка ростомера - 1шт.","Поверка тонометра - 5шт, поверка электронных весов - 1шт, поверка ростомера - 1шт.","Из одного источника путем прямого заключения договора","пп.42 п.3 ст.39 приобретения однородных товаров, если годовой объем таких однородных товаров в стоимостном выражении не превышает стократного размера месячного расчетного показателя, работ и услуг, если годовой объем таких однородных работ и услуг в стоимостном выражении не превышает пятисоткратного размера месячного расчетного показателя, а для аппаратов акимов городов районного значения, сел, поселков, сельских округов не превышает трех тысячекратного размера месячного расчетного показателя, установленного на соответствующий финансовый год законом о республиканском бюджете;","Из одного источника путем прямого заключения договора","Одна услуга",1,21647,21647,21647,null,null,"Январь","Наурыз-желтоқсан","Март-декабрь","351011100;","Қарағанды облысы, Қарағанды қ., Октябрь ауданы Магнитогорская көш.1;","Карагандинская область, г.Караганда, Октябрьский район ул.Магнитогорская 1;",null,null,"Утвержден"]
[39647432,39647432,"Закупки, не превышающие финансовый год",261,"003 Общеобразовательное обучение по специальным образовательным учебным программам","045 За счет субвенций из республиканского бюджета на образование","159 Оплата прочих услуг и работ","За счет бюджетных средств, за исключением средств софинансирования по правительственным внешним займам или связанным грантам","Услуга","612011.100.000002","Ұялы интернет қызметтері","Услуги мобильного интернета","Мобильді интернет қызметтері","Услуги мобильного интернета","Техникалық сипаттамаға сәйкес ай сайын техникалық қызмет көрсететін мобильді Интернет қызметтері","Услуги мобильного интернета с ежемесячным обслуживанием согласно технической спецификации","Из одного источника путем прямого заключения договора","пп.42 п.3 ст.39 приобретения однородных товаров, если годовой объем таких однородных товаров в стоимостном выражении не превышает стократного размера месячного расчетного показателя, работ и услуг, если годовой объем таких однородных работ и услуг в стоимостном выражении не превышает пятисоткратного размера месячного расчетного показателя, а для аппаратов акимов городов районного значения, сел, поселков, сельских округов не превышает трех тысячекратного размера месячного расчетного показателя, установленного на соответствующий финансовый год законом о республиканском бюджете;","Из одного источника путем прямого заключения договора","Одна услуга",1,183675,183675,183675,null,null,"Январь","қаңтар -наурыз","январь - март","351011100;","Қарағанды облысы, Қарағанды қ., Октябрь ауданы Магнитогорская көш.1;","Карагандинская область, г.Караганда, Октябрьский район ул. Магнитогорская 1;",null,null,"Утвержден"]
[39648024,39648024,"Закупки, не превышающие финансовый год",261,"003 Общеобразовательное обучение по специальным образовательным учебным программам","045 За счет субвенций из республиканского бюджета на образование","169 Прочие текущие затраты","За счет бюджетных средств, за исключением средств софинансирования по правительственным внешним займам или связанным грантам","Услуга","712014.000.000000","Жол көлік құралдарын техникалық бақылау (тексеру) бойынша қызмет көрсетулер","Услуги по техническому контролю (осмотру) дорожных транспортных средств","Жол көлік құралдарын техникалық бақылау бойынша қызметтер (тексер)","Услуги по техническому контролю (осмотру) дорожных транспортных средств","Көлік құралдарын техникалық байқаудан өткізу","Технический осмотр автотранспорта","Из одного источника путем прямого заключения договора","пп.42 п.3 ст.39 приобретения однородных товаров, если годовой объем таких однородных товаров в стоимостном выражении не превышает стократного размера месячного расчетного показателя, работ и услуг, если годовой объем таких однородных работ и услуг в стоимостном выражении не превышает пятисоткратного размера месячного расчетного показателя, а для аппаратов акимов городов районного значения, сел, поселков, сельских округов не превышает трех тысячекратного размера месячного расчетного показателя, установленного на соответствующий финансовый год законом о республиканском бюджете;","Из одного источника путем прямого заключения договора","Одна услуга",1,3000,3000,3000,null,null,"Январь","маусым - желтоқсан","июнь-декабрь","351011100;","Қарағанды облысы, Қарағанды қ., Октябрь ауданы Магнитогорская көш.1;","Карагандинская область, г.Караганда, Октябрьский район ул.Магнитогорская 1;",null,null,"Утвержден"]
[39648101,39648101,"Закупки, не превышающие финансовый год",261,"003 Общеобразовательное обучение по специальным образовательным учебным программам","045 За счет субвенций из республиканского бюджета на образование","123 Взносы на обязательное страхование","За счет бюджетных средств, за исключением средств софинансирования по правительственным внешним займам или связанным грантам","Услуга","749020.000.000011","Автомобиль көлігі иелерінің азаматтық-құқықтық жауапкершілігін сақтандыру бойынша қызмет көрсетулер","Услуги по страхованию гражданско-правовой ответственности владельцев автомобильного транспорта","Автомобиль көлігі иелерін азаматтық-құқықтық жауапкершілігін сақтандыру бойынша қызметтер","Услуги по страхованию гражданско-правовой ответственности владельцев автомобильного транспорта","Көлік иесін міндетті азаматтық-құқықтық жауапкершілігін сақтандыру.","Обязательное страхование ГПО владельца автомобильного транспорта.","Из одного источника путем прямого заключения договора","пп.42 п.3 ст.39 приобретения однородных товаров, если годовой объем таких однородных товаров в стоимостном выражении не превышает стократного размера месячного расчетного показателя, работ и услуг, если годовой объем таких однородных работ и услуг в стоимостном выражении не превышает пятисоткратного размера месячного расчетного показателя, а для аппаратов акимов городов районного значения, сел, поселков, сельских округов не превышает трех тысячекратного размера месячного расчетного показателя, установленного на соответствующий финансовый год законом о республиканском бюджете;","Из одного источника путем прямого заключения договора","Одна услуга",1,21253,21253,21253,null,null,"Январь","маусым - желтоқсан","июнь-декабрь","351011100;","Қарағанды облысы, Қарағанды қ., Октябрь ауданы Магнитогорская көш.1;","Карагандинская область, г.Караганда, Октябрьский район ул.Магнитогорская 1;",null,null,"Утвержден"]
[39648375,39648375,"Закупки, не превышающие финансовый год",261,"003 Общеобразовательное обучение по специальным образовательным учебным программам","045 За счет субвенций из республиканского бюджета на образование","144 Приобретение топлива, горюче-смазочных материалов","За счет бюджетных средств, за исключением средств софинансирования по правительственным внешним займам или связанным грантам","Товар","192021.530.000001","Ұшқынды тұтатқышты қозғалтқыштарға арналған бензин","Бензин для двигателей с искровым зажиганием","маркасы АИ-92","марка АИ-92","Сыныбы: AI-92, октан саны, кем емес: қозғалтқыш әдісі: 82.5, октан саны, кем емес: зерттеу әдісі: 91.0, қорғасын мөлшері, г / дм³, 0,010 артық емес, марганец мөлшері, мг / дм³, 18-ден көп емес, нақты шайырлардың мөлшері, мг / 100 см³, 5,0-ден көп емес, бензиннің индукция мерзімі, мин, кемінде 360, күкірттің массалық үлесі,%, 0,05 артық емес, бензолдың көлемдік үлесі,%, 5-тен көп емес , Мыс табақшасында сынау, Төзеді, 1 класс, Сыртқы түрі: Мөлдір, мөлдір, Тығыздығы 15 ° С, кг / м³ 725-780. Сәйкестік сертификаттарының болуы. Купондарды маршрут бойымен Қарағанды ​​қаласының жанармай құю станциялары қабылдауы керек. сұрақтар тапсырыс берушімен келісілуі керек.","Марка: Аи-92, Октановое число, не менее: моторный метод: 82,5, Октановое число, не менее: исследовательский метод: 91,0, Содержание свинца, г/дм³, не более 0,010, Содержание марганца, мг/дм³, не более 18, Содержание фактических смол, мг /100 см³, не более 5,0, Индукционный период бензина, мин, не менее 360, Массовая доля серы, %, не более 0,05, Объемная доля бензола, %, не более 5, Испытание на медной пластине, Выдерживает, класс 1, Внешний вид: Чистый, прозрачный, Плотность при 15 °С, кг/м³725-780. Наличие сертификатов соответствия. Талоны должны приниматься автозаправочными станциями в черте г. Караганды по маршруту следования.  Все вопросы согласовать с заказчиком.","Запрос ценовых предложений",null,"Запрос ценовых предложений","Литр (куб. дм.)",2640,140,369600,369600,null,null,"Февраль","Келісім-шарттың күшіне енген күннен бастап 15 күнтізбелік күн ішінде","В течении 15 календарных дней со дня подписания договора","351011100;","Қарағанды облысы, Қарағанды қ., Октябрь ауданы Магнитогорская көш.1;","Карагандинская область, г.Караганда, Октябрьский район ул.Магнитороская 1;",null,null,"Утвержден"]
[39653854,39653854,"Закупки, не превышающие финансовый год",261,"003 Общеобразовательное обучение по специальным образовательным учебным программам","045 За счет субвенций из республиканского бюджета на образование","142 Приобретение лекарственных средств и прочих изделий медицинского назначения","За счет бюджетных средств, за исключением средств софинансирования по правительственным внешним займам или связанным грантам","Товар","211031.500.000001","Алоглиптин","Алоглиптин","таблеткалар","таблетки","№10 сары түсті аллахол таблеткалары, қапталған, контурлық қаптама, ұяшық. Сақтау мерзімі кем дегенде 12 ай болуы керек. Жеткізу мерзімі - келісімшарт күшіне енген күннен бастап 15 күнтізбелік күн, жеткізілетін тауарларға сертификат болуы міндетті.","Аллахол таблетки желтого цвета №10, покрытые оболочкой, упаковка контурная, ячейковая. Срок годности должен быть не менее 12 месяцев. Срок поставки- 15 календарных дней со дня вступления в силу договора, Обязательно наличие сертификата на поставленный товар.","Из одного источника путем прямого заключения договора","пп.39 п.3 ст.39 приобретения имущества (активов), реализуемого на торгах (аукционах):судебными исполнителями в соответствии с законодательством Республики Казахстан об исполнительном производстве и статусе судебных исполнителей;проводимых в соответствии с законодательством Республики Казахстан о реабилитации и банкротстве; проводимых в соответствии с земельным законодательством Республики Казахстан;ипри приватизации государственного имущества;","Из одного источника путем прямого заключения договора","Упаковка",2,133.93,267.86,267.86,null,null,"Апрель","Келісім-шарттың күшіне енген күннен бастап 15 күнтізбелік күн ішінде","В течении 15 календарных дней со дня вступления в силу Договора","351011100;","Қарағанды облысы, Қарағанды қ., Октябрь ауданы Магнитогорская көш.1;","Карагандинская область, г.Караганда, Октябрьский район ул. Магнитогорская 1;",null,null,"Утвержден"]
[39653937,39653937,"Закупки, не превышающие финансовый год",261,"003 Общеобразовательное обучение по специальным образовательным учебным программам","045 За счет субвенций из республиканского бюджета на образование","142 Приобретение лекарственных средств и прочих изделий медицинского назначения","За счет бюджетных средств, за исключением средств софинансирования по правительственным внешним займам или связанным грантам","Товар","211052.900.000028","Эпинефрин","Эпинефрин","ерітінді","раствор","Эпинефрин ампулада, инъекцияға арналған ерітінді, 1,0 мл No10, концентрациясы: 0,18%, мөлдір. Сақтау мерзімі кем дегенде 12 ай болуы керек. Жеткізу мерзімі - келісімшарт күшіне енген күннен бастап 15 күнтізбелік күн, жеткізілетін тауарларға сертификат болуы міндетті.","Адреналин в ампулах, раствор для инъекций , 1,0 мл №10, концентрация: 0,18 %, прозрачный. Срок годности должен быть не менее 12 месяцев. Срок поставки- 15 календарных дней со дня вступления в силу договора, Обязательно наличие сертификата на поставленный товар.","Из одного источника путем прямого заключения договора","пп.39 п.3 ст.39 приобретения имущества (активов), реализуемого на торгах (аукционах):судебными исполнителями в соответствии с законодательством Республики Казахстан об исполнительном производстве и статусе судебных исполнителей;проводимых в соответствии с законодательством Республики Казахстан о реабилитации и банкротстве; проводимых в соответствии с земельным законодательством Республики Казахстан;ипри приватизации государственного имущества;","Из одного источника путем прямого заключения договора","Упаковка",1,1026.79,1026.79,1026.79,null,null,"Апрель","Келісім-шарттың күшіне енген күннен бастап 15 күнтізбелік күн ішінде","В течении 15 календарных дней со дня вступления в силу Договора","351011100;","Қарағанды облысы, Қарағанды қ., Октябрь ауданы Магнитогорская көш.1;","Карагандинская область, г.Караганда, Октябрьский район ул. Магнитогорская 1;",null,null,"Утвержден"]
[39653979,39653979,"Закупки, не превышающие финансовый год",261,"003 Общеобразовательное обучение по специальным образовательным учебным программам","045 За счет субвенций из республиканского бюджета на образование","142 Приобретение лекарственных средств и прочих изделий медицинского назначения","За счет бюджетных средств, за исключением средств софинансирования по правительственным внешним займам или связанным грантам","Товар","212013.990.000035","Анальгин, фенобарбитал, дибазол, папаверин гидрохлорид","Анальгин, фенобарбитал, дибазол, папаверина гидрохлорид","таблеткалар","таблетки","Ерітіндідегі анальгин, инъекцияға арналған ерітінді, 2,0 мл No10, концентрациясы: 50%, мөлдір.Сақтау мерзімі кемінде 12 ай болуы керек. Жеткізу мерзімі - келісімшарт күшіне енген күннен бастап 15 күнтізбелік күн, жеткізілетін тауарларға сертификат болуы міндетті.","Анальгин в растворе, раствор для инъекций , 2,0 мл №10, концентрация: 50 %, прозрачный.Срок годности должен быть не менее 12 месяцев. Срок поставки- 15 календарных дней со дня вступления в силу договора, Обязательно наличие сертификата на поставленный товар.","Из одного источника путем прямого заключения договора","пп.39 п.3 ст.39 приобретения имущества (активов), реализуемого на торгах (аукционах):судебными исполнителями в соответствии с законодательством Республики Казахстан об исполнительном производстве и статусе судебных исполнителей;проводимых в соответствии с законодательством Республики Казахстан о реабилитации и банкротстве; проводимых в соответствии с земельным законодательством Республики Казахстан;ипри приватизации государственного имущества;","Из одного источника путем прямого заключения договора","Упаковка",2,392.86,785.72,785.72,null,null,"Апрель","Келісім-шарттың күшіне енген күннен бастап 15 күнтізбелік күн ішінде","В течении 15 календарных дней со дня вступления в силу Договора","351011100;","Қарағанды облысы, Қарағанды қ., Октябрь ауданы Магнитогорская көш.1;","Карагандинская область, г.Караганда, Октябрьский район ул. Магнитогорская 1;",null,null,"Утвержден"]
[39654473,39654473,"Закупки, не превышающие финансовый год",261,"003 Общеобразовательное обучение по специальным образовательным учебным программам","045 За счет субвенций из республиканского бюджета на образование","142 Приобретение лекарственных средств и прочих изделий медицинского назначения","За счет бюджетных средств, за исключением средств софинансирования по правительственным внешним займам или связанным грантам","Товар","201510.750.000000","Аммиак","Аммиак","сусыз, стандарт-титр","безводный, стандарт-титр","Ерітіндідегі аммиак, сыртқы қолдануға арналған ерітінді, концентрациясы 10%, шыны бөтелке 20 мл, мөлдір. Сақтау мерзімі кем дегенде 12 ай болуы керек. Жеткізу мерзімі - келісімшарт күшіне енген күннен бастап 15 күнтізбелік күн, жеткізілетін тауарларға сертификат болуы міндетті.","Аммиак в растворе, раствор для наружного применения, концентрация 10%, флакон стеклянный 20 мл, прозрачный. Срок годности должен быть не менее 12 месяцев. Срок поставки- 15 календарных дней со дня вступления в силу договора, Обязательно наличие сертификата на поставленный товар.","Из одного источника путем прямого заключения договора","пп.39 п.3 ст.39 приобретения имущества (активов), реализуемого на торгах (аукционах):судебными исполнителями в соответствии с законодательством Республики Казахстан об исполнительном производстве и статусе судебных исполнителей;проводимых в соответствии с законодательством Республики Казахстан о реабилитации и банкротстве; проводимых в соответствии с земельным законодательством Республики Казахстан;ипри приватизации государственного имущества;","Из одного источника путем прямого заключения договора","Упаковка",2,178.57,357.14,357.14,null,null,"Апрель","Келісім-шарттың күшіне енген күннен бастап 15 күнтізбелік күн ішінде","В течении 15 календарных дней со дня вступления в силу Договора","351011100;","Қарағанды облысы, Қарағанды қ., Октябрь ауданы Магнитогорская көш.1;","Карагандинская область, г.Караганда, Октябрьский район ул. Магнитогорская 1;",null,null,"Утвержден"]
[39654504,39654504,"Закупки, не превышающие финансовый год",261,"003 Общеобразовательное обучение по специальным образовательным учебным программам","045 За счет субвенций из республиканского бюджета на образование","142 Приобретение лекарственных средств и прочих изделий медицинского назначения","За счет бюджетных средств, за исключением средств софинансирования по правительственным внешним займам или связанным грантам","Товар","212013.990.000149","Глибенкламид","Глибенкламид","таблеткалар","таблетки","Антигриппиндік «Р» таблеткалары, контурлық орам, ұяшықсыз, No10, резорбцияға арналған. Сақтау мерзімі кем дегенде 12 ай болуы керек. Жеткізу мерзімі - келісімшарт күшіне енген күннен бастап 15 күнтізбелік күн, жеткізілетін тауарларға сертификат болуы міндетті.","Антигриппин \"П\" таблетки, упаковка контурная, без ячейковая, №10, для рассасывания. Срок годности должен быть не менее 12 месяцев. Срок поставки- 15 календарных дней со дня вступления в силу договора, Обязательно наличие сертификата на поставленный товар.","Из одного источника путем прямого заключения договора","пп.39 п.3 ст.39 приобретения имущества (активов), реализуемого на торгах (аукционах):судебными исполнителями в соответствии с законодательством Республики Казахстан об исполнительном производстве и статусе судебных исполнителей;проводимых в соответствии с законодательством Республики Казахстан о реабилитации и банкротстве; проводимых в соответствии с земельным законодательством Республики Казахстан;ипри приватизации государственного имущества;","Из одного источника путем прямого заключения договора","Упаковка",10,223.22,2232.1999999999998,2232.1999999999998,null,null,"Апрель","Келісім-шарттың күшіне енген күннен бастап 15 күнтізбелік күн ішінде","В течении 15 календарных дней со дня вступления в силу Договора","351011100;","Қарағанды облысы, Қарағанды қ., Октябрь ауданы Магнитогорская көш.1;","Карагандинская область, г.Караганда, Октябрьский район ул. Магнитогорская 1;",null,null,"Утвержден"]
[39654555,39654555,"Закупки, не превышающие финансовый год",261,"003 Общеобразовательное обучение по специальным образовательным учебным программам","045 За счет субвенций из республиканского бюджета на образование","142 Приобретение лекарственных средств и прочих изделий медицинского назначения","За счет бюджетных средств, за исключением средств софинансирования по правительственным внешним займам или связанным грантам","Товар","212013.960.000008","Цетилпиридиний хлориді","Цетилпиридиния хлорид","соруға арналған таблеткалар","таблетки для рассасывания","Angisept HL таблеткалары, контурлық қаптама, ұяшықсыз, №10, резорбцияға арналған. Сақтау мерзімі кем дегенде 12 ай болуы керек. Жеткізу мерзімі - келісімшарт күшіне енген күннен бастап 15 күнтізбелік күн, жеткізілетін тауарларға сертификат болуы міндетті.","Ангисепт HL таблетки, упаковка контурная, без ячейковая, №10, для рассасывания. Срок годности должен быть не менее 12 месяцев. Срок поставки- 15 календарных дней со дня вступления в силу договора, Обязательно наличие сертификата на поставленный товар.","Из одного источника путем прямого заключения договора","пп.39 п.3 ст.39 приобретения имущества (активов), реализуемого на торгах (аукционах):судебными исполнителями в соответствии с законодательством Республики Казахстан об исполнительном производстве и статусе судебных исполнителей;проводимых в соответствии с законодательством Республики Казахстан о реабилитации и банкротстве; проводимых в соответствии с земельным законодательством Республики Казахстан;ипри приватизации государственного имущества;","Из одного источника путем прямого заключения договора","Упаковка",10,133.93,1339.3,1339.3,null,null,"Апрель","Келісім-шарттың күшіне енген күннен бастап 15 күнтізбелік күн ішінде","В течении 15 календарных дней со дня вступления в силу Договора","351011100;","Қарағанды облысы, Қарағанды қ., Октябрь ауданы Магнитогорская көш.1;","Карагандинская область, г.Караганда, Октябрьский район ул. Магнитогорская 1;",null,null,"Утвержден"]
[39654596,39654596,"Закупки, не превышающие финансовый год",261,"003 Общеобразовательное обучение по специальным образовательным учебным программам","045 За счет субвенций из республиканского бюджета на образование","142 Приобретение лекарственных средств и прочих изделий медицинского назначения","За счет бюджетных средств, за исключением средств софинансирования по правительственным внешним займам или связанным грантам","Товар","212013.400.000014","Бороментол","Бороментол","жақпамай","мазь","Сыртқы қолдануға арналған бороментол жақпа, шыны ыдыс 25 гр. Сақтау мерзімі кем дегенде 12 ай болуы керек. Жеткізу мерзімі - келісімшарт күшіне енген күннен бастап 15 күнтізбелік күн, жеткізілетін тауарларға сертификат болуы міндетті.","Бороментол мазь для наружного применения, банка из стекла 25 гр. Срок годности должен быть не менее 12 месяцев. Срок поставки- 15 календарных дней со дня вступления в силу договора, Обязательно наличие сертификата на поставленный товар.","Из одного источника путем прямого заключения договора","пп.39 п.3 ст.39 приобретения имущества (активов), реализуемого на торгах (аукционах):судебными исполнителями в соответствии с законодательством Республики Казахстан об исполнительном производстве и статусе судебных исполнителей;проводимых в соответствии с законодательством Республики Казахстан о реабилитации и банкротстве; проводимых в соответствии с земельным законодательством Республики Казахстан;ипри приватизации государственного имущества;","Из одного источника путем прямого заключения договора","Флакон",5,227.68,1138.4000000000001,1138.4000000000001,null,null,"Апрель","Келісім-шарттың күшіне енген күннен бастап 15 күнтізбелік күн ішінде","В течении 15 календарных дней со дня вступления в силу Договора","351011100;","Қарағанды облысы, Қарағанды қ., Октябрь ауданы Магнитогорская көш.1;","Карагандинская область, г.Караганда, Октябрьский район ул. Магнитогорская 1;",null,null,"Утвержден"]
[39654650,39654650,"Закупки, не превышающие финансовый год",261,"003 Общеобразовательное обучение по специальным образовательным учебным программам","045 За счет субвенций из республиканского бюджета на образование","142 Приобретение лекарственных средств и прочих изделий медицинского назначения","За счет бюджетных средств, за исключением средств софинансирования по правительственным внешним займам или связанным грантам","Товар","212024.200.000002","Дәке","Бинт","стерильденбеген, дәкелік","нестерильный, марлевый","Стерильді емес таңғыш. Сыртқы қолдануға арналған медициналық құрылғы, бекіту үшін бір рет қолданылатын, таңу материалдары, мөлшері 7х14. Сақтау мерзімі кем дегенде 12 ай болуы керек. Жеткізу мерзімі - келісімшарт күшіне енген күннен бастап 15 күнтізбелік күн, жеткізілетін тауарларға сертификат болуы міндетті.","Бинт нестерильный. Медицинское изделие для наружного применения, однократного для фиксации, повязок, размер 7х14. Срок годности должен быть не менее 12 месяцев. Срок поставки- 15 календарных дней со дня вступления в силу договора, Обязательно наличие сертификата на поставленный товар.","Из одного источника путем прямого заключения договора","пп.39 п.3 ст.39 приобретения имущества (активов), реализуемого на торгах (аукционах):судебными исполнителями в соответствии с законодательством Республики Казахстан об исполнительном производстве и статусе судебных исполнителей;проводимых в соответствии с законодательством Республики Казахстан о реабилитации и банкротстве; проводимых в соответствии с земельным законодательством Республики Казахстан;ипри приватизации государственного имущества;","Из одного источника путем прямого заключения договора","Штука",15,223.22,3348.3,3348.3,null,null,"Апрель","Келісім-шарттың күшіне енген күннен бастап 15 күнтізбелік күн ішінде","В течении 15 календарных дней со дня вступления в силу Договора","351011100;","Қарағанды облысы, Қарағанды қ., Октябрь ауданы Магнитогорская көш.1;","Карагандинская область, г.Караганда, Октябрьский район ул. Магнитогорская 1;",null,null,"Утвержден"]
[39654722,39654722,"Закупки, не превышающие финансовый год",261,"003 Общеобразовательное обучение по специальным образовательным учебным программам","045 За счет субвенций из республиканского бюджета на образование","142 Приобретение лекарственных средств и прочих изделий медицинского назначения","За счет бюджетных средств, за исключением средств софинансирования по правительственным внешним займам или связанным грантам","Товар","212013.940.000003","Сығындының шүйгіншөбі","Валерианы экстракт","таблеткалар","таблетки","Валериан драже сығындысы, ішке қабылдауға арналған таблеткалар, сары түсті, әрқайсысы 20 г, № 50 шыны бөтелкеге ​​салынған. Сақтау мерзімі кем дегенде 12 ай болуы керек. Жеткізу мерзімі - келісімшарт күшіне енген күннен бастап 15 күнтізбелік күн, жеткізілетін тауарларға сертификат болуы міндетті.","Валерианы экстракт дражже, таблетки для приема внутрь, покрытые оболочкой, желтого цвета по 20г., упакованы в стеклянный флакон №50. Срок годности должен быть не менее 12 месяцев. Срок поставки- 15 календарных дней со дня вступления в силу договора, Обязательно наличие сертификата на поставленный товар.","Из одного источника путем прямого заключения договора","пп.39 п.3 ст.39 приобретения имущества (активов), реализуемого на торгах (аукционах):судебными исполнителями в соответствии с законодательством Республики Казахстан об исполнительном производстве и статусе судебных исполнителей;проводимых в соответствии с законодательством Республики Казахстан о реабилитации и банкротстве; проводимых в соответствии с земельным законодательством Республики Казахстан;ипри приватизации государственного имущества;","Из одного источника путем прямого заключения договора","Упаковка",2,250,500,500,null,null,"Апрель","Келісім-шарттың күшіне енген күннен бастап 15 күнтізбелік күн ішінде","В течении 15 календарных дней со дня вступления в силу Договора","351011100;","Қарағанды облысы, Қарағанды қ., Октябрь ауданы Магнитогорская көш.1;","Карагандинская область, г.Караганда, Октябрьский район ул. Магнитогорская 1;",null,null,"Утвержден"]
[39654770,39654770,"Закупки, не превышающие финансовый год",261,"003 Общеобразовательное обучение по специальным образовательным учебным программам","045 За счет субвенций из республиканского бюджета на образование","142 Приобретение лекарственных средств и прочих изделий медицинского назначения","За счет бюджетных средств, за исключением средств софинансирования по правительственным внешним займам или связанным грантам","Товар","212013.400.000030","Глицин","Глицин","таблеткалар","таблетки","Глицин 0,1 таблетка. ақ түсті таблеткалар, 100 мг ішке қабылдауға арналған, №50 қаптамада, контурлы, жасушалық қаптамада. Сақтау мерзімі кем дегенде 12 ай болуы керек. Жеткізу мерзімі - келісімшарт күшіне енген күннен бастап 15 күнтізбелік күн, жеткізілетін тауарларға сертификат болуы міндетті.","Глицин 0,1 в таблетках. таблетки белого цвета, для приема внутрь 100 мг, в упаковке №50, в контурной, ячейковой упаковке. Срок годности должен быть не менее 12 месяцев. Срок поставки- 15 календарных дней со дня вступления в силу договора, Обязательно наличие сертификата на поставленный товар.","Из одного источника путем прямого заключения договора","пп.39 п.3 ст.39 приобретения имущества (активов), реализуемого на торгах (аукционах):судебными исполнителями в соответствии с законодательством Республики Казахстан об исполнительном производстве и статусе судебных исполнителей;проводимых в соответствии с законодательством Республики Казахстан о реабилитации и банкротстве; проводимых в соответствии с земельным законодательством Республики Казахстан;ипри приватизации государственного имущества;","Из одного источника путем прямого заключения договора","Упаковка",10,223.22,2232.1999999999998,2232.1999999999998,null,null,"Апрель","Келісім-шарттың күшіне енген күннен бастап 15 күнтізбелік күн ішінде","В течении 15 календарных дней со дня вступления в силу Договора","351011100;","Қарағанды облысы, Қарағанды қ., Октябрь ауданы Магнитогорская көш.1;","Карагандинская область, г.Караганда, Октябрьский район ул. Магнитогорская 1;",null,null,"Утвержден"]
[39654813,39654813,"Закупки, не превышающие финансовый год",261,"003 Общеобразовательное обучение по специальным образовательным учебным программам","045 За счет субвенций из республиканского бюджета на образование","142 Приобретение лекарственных средств и прочих изделий медицинского назначения","За счет бюджетных средств, за исключением средств софинансирования по правительственным внешним займам или связанным грантам","Товар","212013.990.000241","Интерферон адамдық рекомбинантты альфа-2, димедрол, бор қышқылы","Интерферон человеческий рекомбинантный альфа-2, димедрол, борная кислота","тамшылар","капли","Димедрол ампулаларының инъекцияға арналған ерітіндісі, концентрациясы 1%, мөлдір шыныдан жасалған ампулада, 1,0 мл No10 пакетте. Сақтау мерзімі кем дегенде 12 ай болуы керек. Жеткізу мерзімі - келісімшарт күшіне енген күннен бастап 15 күнтізбелік күн, жеткізілетін тауарларға сертификат болуы міндетті.","Димедрол ампулах раствор для инъекций, концентрация 1%, в ампулах из прозрачного стекла по 1,0 мл №10 в упаковке. Срок годности должен быть не менее 12 месяцев. Срок поставки- 15 календарных дней со дня вступления в силу договора, Обязательно наличие сертификата на поставленный товар.","Из одного источника путем прямого заключения договора","пп.39 п.3 ст.39 приобретения имущества (активов), реализуемого на торгах (аукционах):судебными исполнителями в соответствии с законодательством Республики Казахстан об исполнительном производстве и статусе судебных исполнителей;проводимых в соответствии с законодательством Республики Казахстан о реабилитации и банкротстве; проводимых в соответствии с земельным законодательством Республики Казахстан;ипри приватизации государственного имущества;","Из одного источника путем прямого заключения договора","Упаковка",2,241.07,482.14,482.14,null,null,"Апрель","Келісім-шарттың күшіне енген күннен бастап 15 күнтізбелік күн ішінде","В течении 15 календарных дней со дня вступления в силу Договора","351011100;","Қарағанды облысы, Қарағанды қ., Октябрь ауданы Магнитогорская көш.1;","Карагандинская область, г.Караганда, Октябрьский район ул. Магнитогорская 1;",null,null,"Утвержден"]
[39654889,39654889,"Закупки, не превышающие финансовый год",261,"003 Общеобразовательное обучение по специальным образовательным учебным программам","045 За счет субвенций из республиканского бюджета на образование","142 Приобретение лекарственных средств и прочих изделий медицинского назначения","За счет бюджетных средств, за исключением средств софинансирования по правительственным внешним займам или связанным грантам","Товар","212013.930.000009","Бромгексин","Бромгексин","сироп","сироп","Сироптағы элекампан. Ішке қабылдауға арналған тағамдық қоспалар. Қара шыны бөтелке, 100 мл. Сақтау мерзімі кем дегенде 12 ай болуы керек. Жеткізу мерзімі - келісімшарт күшіне енген күннен бастап 15 күнтізбелік күн, жеткізілетін тауарларға сертификат болуы міндетті.","Девясил в сиропе. Биологически активная добавка в пище для прима внутрь. Бутылка из темного стекла по 100 мл. Срок годности должен быть не менее 12 месяцев. Срок поставки- 15 календарных дней со дня вступления в силу договора, Обязательно наличие сертификата на поставленный товар.","Из одного источника путем прямого заключения договора","пп.39 п.3 ст.39 приобретения имущества (активов), реализуемого на торгах (аукционах):судебными исполнителями в соответствии с законодательством Республики Казахстан об исполнительном производстве и статусе судебных исполнителей;проводимых в соответствии с законодательством Республики Казахстан о реабилитации и банкротстве; проводимых в соответствии с земельным законодательством Республики Казахстан;ипри приватизации государственного имущества;","Из одного источника путем прямого заключения договора","Флакон",10,313.18,3131.8,3131.8,null,null,"Апрель","Келісім-шарттың күшіне енген күннен бастап 15 күнтізбелік күн ішінде","В течении 15 календарных дней со дня вступления в силу Договора","351011100;","Қарағанды облысы, Қарағанды қ., Октябрь ауданы Магнитогорская көш.1;","Карагандинская область, г.Караганда, Октябрьский район ул. Магнитогорская 1;",null,null,"Утвержден"]
[39654938,39654938,"Закупки, не превышающие финансовый год",261,"003 Общеобразовательное обучение по специальным образовательным учебным программам","045 За счет субвенций из республиканского бюджета на образование","142 Приобретение лекарственных средств и прочих изделий медицинского назначения","За счет бюджетных средств, за исключением средств софинансирования по правительственным внешним займам или связанным грантам","Товар","212013.900.000078","Ацикловир","Ацикловир","крем","крем","Zovirax 5% жақпа. Сыртқы қолдануға арналған крем 5%, алюминий түтігі 2г. Сақтау мерзімі кем дегенде 12 ай болуы керек. Жеткізу мерзімі - келісімшарт күшіне енген күннен бастап 15 күнтізбелік күн, жеткізілетін тауарларға сертификат болуы міндетті.","Зовиракс 5% мазь. Крем для наружного применения 5%, туба алюминиевая по 2г. Срок годности должен быть не менее 12 месяцев. Срок поставки- 15 календарных дней со дня вступления в силу договора, Обязательно наличие сертификата на поставленный товар.","Из одного источника путем прямого заключения договора","пп.39 п.3 ст.39 приобретения имущества (активов), реализуемого на торгах (аукционах):судебными исполнителями в соответствии с законодательством Республики Казахстан об исполнительном производстве и статусе судебных исполнителей;проводимых в соответствии с законодательством Республики Казахстан о реабилитации и банкротстве; проводимых в соответствии с земельным законодательством Республики Казахстан;ипри приватизации государственного имущества;","Из одного источника путем прямого заключения договора","Штука",2,1675.45,3350.9,3350.9,null,null,"Апрель","Келісім-шарттың күшіне енген күннен бастап 15 күнтізбелік күн ішінде","В течении 15 календарных дней со дня вступления в силу Договора","351011100;","Қарағанды облысы, Қарағанды қ., Октябрь ауданы Магнитогорская көш.1;","Карагандинская область, г.Караганда, Октябрьский район ул. Магнитогорская 1;",null,null,"Утвержден"]
[39655180,39655180,"Закупки, не превышающие финансовый год",261,"003 Общеобразовательное обучение по специальным образовательным учебным программам","045 За счет субвенций из республиканского бюджета на образование","142 Приобретение лекарственных средств и прочих изделий медицинского назначения","За счет бюджетных средств, за исключением средств софинансирования по правительственным внешним займам или связанным грантам","Товар","212013.900.000006","Ингалипт","Ингалипт","Аэрозоль","аэрозоль","Ингалипт аэрозоль, ингаляцияға арналған спрей, аэрозоль 30 г болады. Сақтау мерзімі кем дегенде 12 ай болуы керек. Жеткізу мерзімі - келісімшарт күшіне енген күннен бастап 15 күнтізбелік күн, жеткізілетін тауарларға сертификат болуы міндетті.","Ингалипт аэрозоль, спрей для ингаляций, баллон аэрозольный 30гр. Срок годности должен быть не менее 12 месяцев. Срок поставки- 15 календарных дней со дня вступления в силу договора, Обязательно наличие сертификата на поставленный товар.","Из одного источника путем прямого заключения договора","пп.39 п.3 ст.39 приобретения имущества (активов), реализуемого на торгах (аукционах):судебными исполнителями в соответствии с законодательством Республики Казахстан об исполнительном производстве и статусе судебных исполнителей;проводимых в соответствии с законодательством Республики Казахстан о реабилитации и банкротстве; проводимых в соответствии с земельным законодательством Республики Казахстан;ипри приватизации государственного имущества;","Из одного источника путем прямого заключения договора","Флакон",10,491.07,4910.7,4910.7,null,null,"Апрель","Келісім-шарттың күшіне енген күннен бастап 15 күнтізбелік күн ішінде","В течении 15 календарных дней со дня вступления в силу Договора","351011100;","Қарағанды облысы, Қарағанды қ., Октябрь ауданы Магнитогорская көш.1;","Карагандинская область, г.Караганда, Октябрьский район ул. Магнитогорская 1;",null,null,"Утвержден"]
[39655208,39655208,"Закупки, не превышающие финансовый год",261,"003 Общеобразовательное обучение по специальным образовательным учебным программам","045 За счет субвенций из республиканского бюджета на образование","142 Приобретение лекарственных средств и прочих изделий медицинского назначения","За счет бюджетных средств, за исключением средств софинансирования по правительственным внешним займам или связанным грантам","Товар","201331.700.000017","Калий йодид (йодты калий)","Йодид калия (йодистый калий)","ерекше жиілікті","особой чистоты","Йод спиртінің ерітіндісі 5%, қара шыны бөтелке 20 мл. Сақтау мерзімі кем дегенде 12 ай болуы керек. Жеткізу мерзімі - келісімшарт күшіне енген күннен бастап 15 күнтізбелік күн, жеткізілетін тауарларға сертификат болуы міндетті.","Йод раствор спиртовый 5% , флакон из темного стекла по 20 мл. Срок годности должен быть не менее 12 месяцев. Срок поставки- 15 календарных дней со дня вступления в силу договора, Обязательно наличие сертификата на поставленный товар.","Из одного источника путем прямого заключения договора","пп.39 п.3 ст.39 приобретения имущества (активов), реализуемого на торгах (аукционах):судебными исполнителями в соответствии с законодательством Республики Казахстан об исполнительном производстве и статусе судебных исполнителей;проводимых в соответствии с законодательством Республики Казахстан о реабилитации и банкротстве; проводимых в соответствии с земельным законодательством Республики Казахстан;ипри приватизации государственного имущества;","Из одного источника путем прямого заключения договора","Флакон",7,125,875,875,null,null,"Апрель","Келісім-шарттың күшіне енген күннен бастап 15 күнтізбелік күн ішінде","В течении 15 календарных дней со дня вступления в силу Договора","351011100;","Қарағанды облысы, Қарағанды қ., Октябрь ауданы Магнитогорская көш.1;","Карагандинская область, г.Караганда, Октябрьский район ул. Магнитогорская 1;",null,null,"Утвержден"]
[39655246,39655246,"Закупки, не превышающие финансовый год",261,"003 Общеобразовательное обучение по специальным образовательным учебным программам","045 За счет субвенций из республиканского бюджета на образование","142 Приобретение лекарственных средств и прочих изделий медицинского назначения","За счет бюджетных средств, за исключением средств софинансирования по правительственным внешним займам или связанным грантам","Товар","212013.900.000116","Глицерол","Глицерол","ерітінді","раствор","Глицеринмен люгол. Сыртқы қолдануға арналған ерітінді, 25 г қара шыны бөтелке, жарамдылық мерзімі кемінде 12 ай болуы керек. Жеткізу мерзімі - келісімшарт күшіне енген күннен бастап 15 күнтізбелік күн, жеткізілетін тауарларға сертификат болуы міндетті.","Люголь с глицерином. Раствор для наружного применения, флакон из темного стекла по 25 г. Срок годности должен быть не менее 12 месяцев. Срок поставки- 15 календарных дней со дня вступления в силу договора, Обязательно наличие сертификата на поставленный товар.","Из одного источника путем прямого заключения договора","пп.39 п.3 ст.39 приобретения имущества (активов), реализуемого на торгах (аукционах):судебными исполнителями в соответствии с законодательством Республики Казахстан об исполнительном производстве и статусе судебных исполнителей;проводимых в соответствии с законодательством Республики Казахстан о реабилитации и банкротстве; проводимых в соответствии с земельным законодательством Республики Казахстан;ипри приватизации государственного имущества;","Из одного источника путем прямого заключения договора","Флакон",6,133.93,803.58,803.58,null,null,"Апрель","Келісім-шарттың күшіне енген күннен бастап 15 күнтізбелік күн ішінде","В течении 15 календарных дней со дня вступления в силу Договора","351011100;","Қарағанды облысы, Қарағанды қ., Октябрь ауданы Магнитогорская көш.1;","Карагандинская область, г.Караганда, Октябрьский район ул. Магнитогорская 1;",null,null,"Утвержден"]
[39655279,39655279,"Закупки, не превышающие финансовый год",261,"003 Общеобразовательное обучение по специальным образовательным учебным программам","045 За счет субвенций из республиканского бюджета на образование","142 Приобретение лекарственных средств и прочих изделий медицинского назначения","За счет бюджетных средств, за исключением средств софинансирования по правительственным внешним займам или связанным грантам","Товар","201341.500.000016","Магний сульфаты","Сульфат магния","таза, 7-сулық","чистый, 7-водный","Магний сульфаты. Инъекцияға арналған ерітінді, мөлдір, ампулада, мөлдір шыныдан, 5,0 мл, No10, 250 мг / мл. Сақтау мерзімі кем дегенде 12 ай болуы керек. Жеткізу мерзімі - келісімшарт күшіне енген күннен бастап 15 күнтізбелік күн, жеткізілетін тауарларға сертификат болуы міндетті.","Магния сульфат. Раствор для инъекций, прозрачный, в ампулах, из прозрачного стекла по 5,0 мл №10, 250 мг в/мл. Срок годности должен быть не менее 12 месяцев. Срок поставки- 15 календарных дней со дня вступления в силу договора, Обязательно наличие сертификата на поставленный товар.","Из одного источника путем прямого заключения договора","пп.39 п.3 ст.39 приобретения имущества (активов), реализуемого на торгах (аукционах):судебными исполнителями в соответствии с законодательством Республики Казахстан об исполнительном производстве и статусе судебных исполнителей;проводимых в соответствии с законодательством Республики Казахстан о реабилитации и банкротстве; проводимых в соответствии с земельным законодательством Республики Казахстан;ипри приватизации государственного имущества;","Из одного источника путем прямого заключения договора","Упаковка",1,267.86,267.86,267.86,null,null,"Апрель","Келісім-шарттың күшіне енген күннен бастап 15 күнтізбелік күн ішінде","В течении 15 календарных дней со дня вступления в силу Договора","351011100;","Қарағанды облысы, Қарағанды қ., Октябрь ауданы Магнитогорская көш.1;","Карагандинская область, г.Караганда, Октябрьский район ул. Магнитогорская 1;",null,null,"Утвержден"]
[39655309,39655309,"Закупки, не превышающие финансовый год",261,"003 Общеобразовательное обучение по специальным образовательным учебным программам","045 За счет субвенций из республиканского бюджета на образование","142 Приобретение лекарственных средств и прочих изделий медицинского назначения","За счет бюджетных средств, за исключением средств софинансирования по правительственным внешним займам или связанным грантам","Товар","212024.900.000006","Дәке","Марля","медициналық","медицинская","Дәке. Медициналық дәке кесілген, стирил емес: өлшемі 10х90, метр. 100% мақтадан жасалған иірілген жіптен жасалған. Сақтау мерзімі кем дегенде 12 ай болуы керек. Жеткізу мерзімі - келісімшарт күшіне енген күннен бастап 15 күнтізбелік күн, жеткізілетін тауарларға сертификат болуы міндетті.","Марля. Отрез марлевый медицинский, не стирильный: размер 10х90, в метрах. Изготовлен из 100% х/б пряжи. Срок годности должен быть не менее 12 месяцев. Срок поставки- 15 календарных дней со дня вступления в силу договора, Обязательно наличие сертификата на поставленный товар.","Из одного источника путем прямого заключения договора","пп.39 п.3 ст.39 приобретения имущества (активов), реализуемого на торгах (аукционах):судебными исполнителями в соответствии с законодательством Республики Казахстан об исполнительном производстве и статусе судебных исполнителей;проводимых в соответствии с законодательством Республики Казахстан о реабилитации и банкротстве; проводимых в соответствии с земельным законодательством Республики Казахстан;ипри приватизации государственного имущества;","Из одного источника путем прямого заключения договора","Метр",20,133.93,2678.6,2678.6,null,null,"Апрель","Келісім-шарттың күшіне енген күннен бастап 15 күнтізбелік күн ішінде","В течении 15 календарных дней со дня вступления в силу Договора","351011100;","Қарағанды облысы, Қарағанды қ., Октябрь ауданы Магнитогорская көш.1;","Карагандинская область, г.Караганда, Октябрьский район ул. Магнитогорская 1;",null,null,"Утвержден"]
[39655335,39655335,"Закупки, не превышающие финансовый год",261,"003 Общеобразовательное обучение по специальным образовательным учебным программам","045 За счет субвенций из республиканского бюджета на образование","142 Приобретение лекарственных средств и прочих изделий медицинского назначения","За счет бюджетных средств, за исключением средств софинансирования по правительственным внешним займам или связанным грантам","Товар","325021.800.000006","Бетперде","Маска","медициналық","анестезиологическая","Хирургиялық маска. Антибактериалды, бет, қорғаныш. Бір реттік үш қабатты маскалар. Сақтау мерзімі кем дегенде 12 ай болуы керек. Жеткізу мерзімі - келісімшарт күшіне енген күннен бастап 15 күнтізбелік күн, жеткізілетін тауарларға сертификат болуы міндетті.","Маска хирургическая. Антибактериальные, лицевые, защитные. Маски одноразовые трехслойные. Срок годности должен быть не менее 12 месяцев. Срок поставки- 15 календарных дней со дня вступления в силу договора, Обязательно наличие сертификата на поставленный товар.","Из одного источника путем прямого заключения договора","пп.39 п.3 ст.39 приобретения имущества (активов), реализуемого на торгах (аукционах):судебными исполнителями в соответствии с законодательством Республики Казахстан об исполнительном производстве и статусе судебных исполнителей;проводимых в соответствии с законодательством Республики Казахстан о реабилитации и банкротстве; проводимых в соответствии с земельным законодательством Республики Казахстан;ипри приватизации государственного имущества;","Из одного источника путем прямого заключения договора","Штука",50,80.36,4018,4018,null,null,"Апрель","Келісім-шарттың күшіне енген күннен бастап 15 күнтізбелік күн ішінде","В течении 15 календарных дней со дня вступления в силу Договора","351011100;","Қарағанды облысы, Қарағанды қ., Октябрь ауданы Магнитогорская көш.1;","Карагандинская область, г.Караганда, Октябрьский район ул. Магнитогорская 1;",null,null,"Утвержден"]
[39655370,39655370,"Закупки, не превышающие финансовый год",261,"003 Общеобразовательное обучение по специальным образовательным учебным программам","045 За счет субвенций из республиканского бюджета на образование","142 Приобретение лекарственных средств и прочих изделий медицинского назначения","За счет бюджетных средств, за исключением средств софинансирования по правительственным внешним займам или связанным грантам","Товар","212013.990.000472","Панкреатин","Панкреатин","таблеткалар","таблетки","Ішу арқылы қабылдауға арналған Mezim forte таблеткалары, қабықшамен қапталған, контурлық қаптама, No20 ұяшық. Сақтау мерзімі кем дегенде 12 ай болуы керек. Жеткізу мерзімі - келісімшарт күшіне енген күннен бастап 15 күнтізбелік күн, жеткізілетін тауарларға сертификат болуы міндетті.","Мезим форте таблетки для приема внутрь, покрытые пленочной оболочкой, упаковка контурная, ячейковая №20. Срок годности должен быть не менее 12 месяцев. Срок поставки- 15 календарных дней со дня вступления в силу договора, Обязательно наличие сертификата на поставленный товар.","Из одного источника путем прямого заключения договора","пп.39 п.3 ст.39 приобретения имущества (активов), реализуемого на торгах (аукционах):судебными исполнителями в соответствии с законодательством Республики Казахстан об исполнительном производстве и статусе судебных исполнителей;проводимых в соответствии с законодательством Республики Казахстан о реабилитации и банкротстве; проводимых в соответствии с земельным законодательством Республики Казахстан;ипри приватизации государственного имущества;","Из одного источника путем прямого заключения договора","Упаковка",2,625,1250,1250,null,null,"Апрель","Келісім-шарттың күшіне енген күннен бастап 15 күнтізбелік күн ішінде","В течении 15 календарных дней со дня вступления в силу Договора","351011100;","Қарағанды облысы, Қарағанды қ., Октябрь ауданы Магнитогорская көш.1;","Карагандинская область, г.Караганда, Октябрьский район ул. Магнитогорская 1;",null,null,"Утвержден"]
[39655409,39655409,"Закупки, не превышающие финансовый год",261,"003 Общеобразовательное обучение по специальным образовательным учебным программам","045 За счет субвенций из республиканского бюджета на образование","142 Приобретение лекарственных средств и прочих изделий медицинского назначения","За счет бюджетных средств, за исключением средств софинансирования по правительственным внешним займам или связанным грантам","Товар","212013.990.000427","Нафтизин, дифенгидрамин гидрохлориді","Нафтизин, дифенгидрамина гидрохлорид","спрей","спрей","Мұрынға нафтизин тамшылары, концентрациясы 0,1%. Бөтелке - пластмасса тамызғыш, 10 мл №1. Сақтау мерзімі кем дегенде 12 ай болуы керек. Жеткізу мерзімі - келісімшарт күшіне енген күннен бастап 15 күнтізбелік күн, жеткізілетін тауарларға сертификат болуы міндетті.","Нафтизин капли для носа, концентрация 0,1%. Флакон - капельница пластиковый, по 10 мл №1. Срок годности должен быть не менее 12 месяцев. Срок поставки- 15 календарных дней со дня вступления в силу договора, Обязательно наличие сертификата на поставленный товар.","Из одного источника путем прямого заключения договора","пп.39 п.3 ст.39 приобретения имущества (активов), реализуемого на торгах (аукционах):судебными исполнителями в соответствии с законодательством Республики Казахстан об исполнительном производстве и статусе судебных исполнителей;проводимых в соответствии с законодательством Республики Казахстан о реабилитации и банкротстве; проводимых в соответствии с земельным законодательством Республики Казахстан;ипри приватизации государственного имущества;","Из одного источника путем прямого заключения договора","Флакон",5,107.14,535.70000000000005,535.70000000000005,null,null,"Апрель","Келісім-шарттың күшіне енген күннен бастап 15 күнтізбелік күн ішінде","В течении 15 календарных дней со дня вступления в силу Договора","351011100;","Қарағанды облысы, Қарағанды қ., Октябрь ауданы Магнитогорская көш.1  ;","Карагандинская область, г.Караганда, Октябрьский район ул. Магнитогорская 1;",null,null,"Утвержден"]
[39656247,39656247,"Закупки, не превышающие финансовый год",261,"003 Общеобразовательное обучение по специальным образовательным учебным программам","045 За счет субвенций из республиканского бюджета на образование","142 Приобретение лекарственных средств и прочих изделий медицинского назначения","За счет бюджетных средств, за исключением средств софинансирования по правительственным внешним займам или связанным грантам","Товар","110110.659.000000","Спиртті тұнба","Настойка спиртовая","адамшөп","женьшеня","Женьшень тұнбасы. Ішке қабылдауға арналған препарат мөлдір сарғыш сұйықтық болып табылады. 70% этил спиртімен (1:10), 50 мл шыны бөтелкелерде дайындалады. Сақтау мерзімі кем дегенде 12 ай болуы керек. Жеткізу мерзімі - келісімшарт күшіне енген күннен бастап 15 күнтізбелік күн, жеткізілетін тауарларға сертификат болуы міндетті.","Настойка женьшеня. Препарат для приема внутрь прозрачная жидкость желтоватого цвета. Приготовлена на 70% этиловом спирте (1:10), в стеклянных флаконах по 50мл. Срок годности должен быть не менее 12 месяцев. Срок поставки- 15 календарных дней со дня вступления в силу договора, Обязательно наличие сертификата на поставленный товар.","Из одного источника путем прямого заключения договора","пп.39 п.3 ст.39 приобретения имущества (активов), реализуемого на торгах (аукционах):судебными исполнителями в соответствии с законодательством Республики Казахстан об исполнительном производстве и статусе судебных исполнителей;проводимых в соответствии с законодательством Республики Казахстан о реабилитации и банкротстве; проводимых в соответствии с земельным законодательством Республики Казахстан;ипри приватизации государственного имущества;","Из одного источника путем прямого заключения договора","Флакон",2,955.36,1910.72,1910.72,null,null,"Апрель","Келісім-шарттың күшіне енген күннен бастап 15 күнтізбелік күн ішінде","В течении 15 календарных дней со дня вступления в силу Договора","351011100;","Қарағанды облысы, Қарағанды қ., Октябрь ауданы Магнитогорская көш.1  ;","Карагандинская область, г.Караганда, Октябрьский район ул. Магнитогорская 1;",null,null,"Утвержден"]
[39656410,39656410,"Закупки, не превышающие финансовый год",261,"003 Общеобразовательное обучение по специальным образовательным учебным программам","045 За счет субвенций из республиканского бюджета на образование","142 Приобретение лекарственных средств и прочих изделий медицинского назначения","За счет бюджетных средств, за исключением средств софинансирования по правительственным внешним займам или связанным грантам","Товар","212013.990.000571","Сасықшөп тұнбасы","Пустырника настойка","ерітінді","раствор","Motherwort тұнбасы. Ішке қабылдауға арналған ерітінді, ащы дәмі мен әлсіз иісі бар мөлдір жасыл-қоңыр түсті сұйықтық. Тұнбаны 70% спиртпен дайындайды (1: 5) .25 мл бөтелке. Сақтау мерзімі кем дегенде 12 ай болуы керек. Жеткізу мерзімі - келісімшарт күшіне енген күннен бастап 15 күнтізбелік күн, жеткізілетін тауарларға сертификат болуы міндетті.","Настойка пустырника. Раствор для приема внутрь, прозрачная жидкость зеленовато - бурого цвета с горьковатым вкусом и слабым запахом. Настойка приготовлена на 70% спирте (1:5).Флакон по 25 мл. Срок годности должен быть не менее 12 месяцев. Срок поставки- 15 календарных дней со дня вступления в силу договора, Обязательно наличие сертификата на поставленный товар.","Из одного источника путем прямого заключения договора","пп.39 п.3 ст.39 приобретения имущества (активов), реализуемого на торгах (аукционах):судебными исполнителями в соответствии с законодательством Республики Казахстан об исполнительном производстве и статусе судебных исполнителей;проводимых в соответствии с законодательством Республики Казахстан о реабилитации и банкротстве; проводимых в соответствии с земельным законодательством Республики Казахстан;ипри приватизации государственного имущества;","Из одного источника путем прямого заключения договора","Флакон",5,98.22,491.1,491.1,null,null,"Апрель","Келісім-шарттың күшіне енген күннен бастап 15 күнтізбелік күн ішінде","В течении 15 календарных дней со дня вступления в силу Договора","351011100;","Қарағанды облысы, Қарағанды қ., Октябрь ауданы Магнитогорская көш.1;","Карагандинская область, г.Караганда, Октябрьский район ул. Магнитогорская 1;",null,null,"Утвержден"]
[39656458,39656458,"Закупки, не превышающие финансовый год",261,"003 Общеобразовательное обучение по специальным образовательным учебным программам","045 За счет субвенций из республиканского бюджета на образование","142 Приобретение лекарственных средств и прочих изделий медицинского назначения","За счет бюджетных средств, за исключением средств софинансирования по правительственным внешним займам или связанным грантам","Товар","212013.990.000359","Оксолинді жақпа май","Мазь оксолиновая","жақпамай","мазь","Оксолинді жақпа. Сыртқы қолдануға арналған жақпа, мұрын, 0,25% 10 г пробиркаларда. Сақтау мерзімі кем дегенде 12 ай болуы керек. Жеткізу мерзімі - келісімшарт күшіне енген күннен бастап 15 күнтізбелік күн, жеткізілетін тауарларға сертификат болуы міндетті.","Оксолиновая мазь. Мазь для наружного применения, назальная, 0,25% в тубах по 10гр. Срок годности должен быть не менее 12 месяцев. Срок поставки- 15 календарных дней со дня вступления в силу договора, Обязательно наличие сертификата на поставленный товар.","Из одного источника путем прямого заключения договора","пп.39 п.3 ст.39 приобретения имущества (активов), реализуемого на торгах (аукционах):судебными исполнителями в соответствии с законодательством Республики Казахстан об исполнительном производстве и статусе судебных исполнителей;проводимых в соответствии с законодательством Республики Казахстан о реабилитации и банкротстве; проводимых в соответствии с земельным законодательством Республики Казахстан;ипри приватизации государственного имущества;","Из одного источника путем прямого заключения договора","Штука",5,375,1875,1875,null,null,"Апрель","Келісім-шарттың күшіне енген күннен бастап 15 күнтізбелік күн ішінде","В течении 15 календарных дней со дня вступления в силу Договора","351011100;","Қарағанды облысы, Қарағанды қ., Октябрь ауданы Магнитогорская көш.1;","Карагандинская область, г.Караганда, Октябрьский район ул. Магнитогорская 1;",null,null,"Утвержден"]
[39656911,39656911,"Закупки, не превышающие финансовый год",261,"003 Общеобразовательное обучение по специальным образовательным учебным программам","045 За счет субвенций из республиканского бюджета на образование","142 Приобретение лекарственных средств и прочих изделий медицинского назначения","За счет бюджетных средств, за исключением средств софинансирования по правительственным внешним займам или связанным грантам","Товар","089310.100.000002","Натрий хлориді","Хлорид натрия","химиялық таза","химически чистый","Натрий хлориді. Көктамыр ішіне енгізуге арналған ерітінді, ампуладағы 0,9% сулы ерітінді. Герметикалық жабылған 200 және 400 мл құты. Сақтау мерзімі кем дегенде 12 ай болуы керек. Жеткізу мерзімі - келісімшарт күшіне енген күннен бастап 15 күнтізбелік күн, жеткізілетін тауарларға сертификат болуы міндетті.","Натрия хлорид. Раствор для внутривенного введения, концентрация 0,9% водный раствор в ампулах. Герметически укупоренных флаконах по 200 и 400 мл. Срок годности должен быть не менее 12 месяцев. Срок поставки- 15 календарных дней со дня вступления в силу договора, Обязательно наличие сертификата на поставленный товар.","Из одного источника путем прямого заключения договора","пп.39 п.3 ст.39 приобретения имущества (активов), реализуемого на торгах (аукционах):судебными исполнителями в соответствии с законодательством Республики Казахстан об исполнительном производстве и статусе судебных исполнителей;проводимых в соответствии с законодательством Республики Казахстан о реабилитации и банкротстве; проводимых в соответствии с земельным законодательством Республики Казахстан;ипри приватизации государственного имущества;","Из одного источника путем прямого заключения договора","Флакон",2,312.5,625,625,null,null,"Апрель","Келісім-шарттың күшіне енген күннен бастап 15 күнтізбелік күн ішінде","В течении 15 календарных дней со дня вступления в силу Договора","351011100;","Қарағанды облысы, Қарағанды қ., Октябрь ауданы Магнитогорская көш.1;","Карагандинская область, г.Караганда, Октябрьский район ул. Магнитогорская 1;",null,null,"Утвержден"]
[39657171,39657171,"Закупки, не превышающие финансовый год",261,"003 Общеобразовательное обучение по специальным образовательным учебным программам","045 За счет субвенций из республиканского бюджета на образование","142 Приобретение лекарственных средств и прочих изделий медицинского назначения","За счет бюджетных средств, за исключением средств софинансирования по правительственным внешним займам или связанным грантам","Товар","172212.900.000008","Мақта таяқшалары","Палочки ватные","гигиеналық","гигиенические","Мақта бүршігі. Күнделікті күтім, сыртқы қолдану үшін №100 орауыш, материал 100% мақта. Сақтау мерзімі кем дегенде 12 ай болуы керек. Жеткізу мерзімі - келісімшарт күшіне енген күннен бастап 15 күнтізбелік күн, жеткізілетін тауарларға сертификат болуы міндетті.","Ватные палочки. Для ежедневного ухода, наружного применения, упаковка №100, материал 100% хлопок. Срок годности должен быть не менее 12 месяцев. Срок поставки- 15 календарных дней со дня вступления в силу договора, Обязательно наличие сертификата на поставленный товар.","Из одного источника путем прямого заключения договора","пп.39 п.3 ст.39 приобретения имущества (активов), реализуемого на торгах (аукционах):судебными исполнителями в соответствии с законодательством Республики Казахстан об исполнительном производстве и статусе судебных исполнителей;проводимых в соответствии с законодательством Республики Казахстан о реабилитации и банкротстве; проводимых в соответствии с земельным законодательством Республики Казахстан;ипри приватизации государственного имущества;","Из одного источника путем прямого заключения договора","Упаковка",10,312.5,3125,3125,null,null,"Апрель","Келісім-шарттың күшіне енген күннен бастап 15 күнтізбелік күн ішінде","В течении 15 календарных дней со дня вступления в силу Договора","351011100;","Қарағанды облысы, Қарағанды қ., Октябрь ауданы Магнитогорская көш.1;","Карагандинская область, г.Караганда, Октябрьский район ул. Магнитогорская 1;",null,null,"Утвержден"]
[39657197,39657197,"Закупки, не превышающие финансовый год",261,"003 Общеобразовательное обучение по специальным образовательным учебным программам","045 За счет субвенций из республиканского бюджета на образование","142 Приобретение лекарственных средств и прочих изделий медицинского назначения","За счет бюджетных средств, за исключением средств софинансирования по правительственным внешним займам или связанным грантам","Товар","172212.900.000009","Төсем","Прокладка","гигиеналық","гигиеническая","«Naturella» жастықшалары Сыртта пайдалануға арналған санитарлық төсеніштер, №10 пластикалық орамалар. Сақтау мерзімі кем дегенде 12 ай болуы керек. Жеткізу мерзімі - келісімшарт күшіне енген күннен бастап 15 күнтізбелік күн, жеткізілетін тауарларға сертификат болуы міндетті.","Прокладки \"Натурелла\" Гигиенические прокладки для наружного использования, полиэтиленовой упаковке №10. Срок годности должен быть не менее 12 месяцев. Срок поставки- 15 календарных дней со дня вступления в силу договора, Обязательно наличие сертификата на поставленный товар.","Из одного источника путем прямого заключения договора","пп.39 п.3 ст.39 приобретения имущества (активов), реализуемого на торгах (аукционах):судебными исполнителями в соответствии с законодательством Республики Казахстан об исполнительном производстве и статусе судебных исполнителей;проводимых в соответствии с законодательством Республики Казахстан о реабилитации и банкротстве; проводимых в соответствии с земельным законодательством Республики Казахстан;ипри приватизации государственного имущества;","Из одного источника путем прямого заключения договора","Упаковка",10,491.07,4910.7,4910.7,null,null,"Апрель","Келісім-шарттың күшіне енген күннен бастап 15 күнтізбелік күн ішінде","В течении 15 календарных дней со дня вступления в силу Договора","351011100;","Қарағанды облысы, Қарағанды қ., Октябрь ауданы Магнитогорская көш.1;","Карагандинская область, г.Караганда, Октябрьский район ул. Магнитогорская 1;",null,null,"Утвержден"]
[39657556,39657556,"Закупки, не превышающие финансовый год",261,"003 Общеобразовательное обучение по специальным образовательным учебным программам","045 За счет субвенций из республиканского бюджета на образование","142 Приобретение лекарственных средств и прочих изделий медицинского назначения","За счет бюджетных средств, за исключением средств софинансирования по правительственным внешним займам или связанным грантам","Товар","212013.990.000520","Пирацетам","Пирацетам","ерітінді","раствор","Пирацетам капсулалары. Капсулалар, 400 мл, ішке қабылдауға арналған, қапталған, контурлы жасушада, 10 дана. Сақтау мерзімі кем дегенде 12 ай болуы керек. Жеткізу мерзімі - келісімшарт күшіне енген күннен бастап 15 күнтізбелік күн, жеткізілетін тауарларға сертификат болуы міндетті.","Пирацетам в капсулах. Капсулы по 400мл, для приема внутрь, покрытые оболочкой, в контурной ячейке по 10 шт. Срок годности должен быть не менее 12 месяцев. Срок поставки- 15 календарных дней со дня вступления в силу договора, Обязательно наличие сертификата на поставленный товар.","Из одного источника путем прямого заключения договора","пп.39 п.3 ст.39 приобретения имущества (активов), реализуемого на торгах (аукционах):судебными исполнителями в соответствии с законодательством Республики Казахстан об исполнительном производстве и статусе судебных исполнителей;проводимых в соответствии с законодательством Республики Казахстан о реабилитации и банкротстве; проводимых в соответствии с земельным законодательством Республики Казахстан;ипри приватизации государственного имущества;","Из одного источника путем прямого заключения договора","Упаковка",100,107.14,10714,10714,null,null,"Апрель","Келісім-шарттың күшіне енген күннен бастап 15 күнтізбелік күн ішінде","В течении 15 календарных дней со дня вступления в силу Договора","351011100;","Қарағанды облысы, Қарағанды қ., Октябрь ауданы Магнитогорская көш.1;","Карагандинская область, г.Караганда, Октябрьский район ул. Магнитогорская 1;",null,null,"Утвержден"]
[39657597,39657597,"Закупки, не превышающие финансовый год",261,"003 Общеобразовательное обучение по специальным образовательным учебным программам","045 За счет субвенций из республиканского бюджета на образование","142 Приобретение лекарственных средств и прочих изделий медицинского назначения","За счет бюджетных средств, за исключением средств софинансирования по правительственным внешним займам или связанным грантам","Товар","212013.990.000509","Сутек тотығы","Перекись водорода  ","ерітінді","раствор","Сутегі пероксиді. Сыртқы қолдануға арналған ерітінді 3%, флакондары 40 мл. Сақтау мерзімі кем дегенде 12 ай болуы керек. Жеткізу мерзімі - келісімшарт күшіне енген күннен бастап 15 күнтізбелік күн, жеткізілетін тауарларға сертификат болуы міндетті.","Перекись водорода. Раствор для наружного применения 3%, флаконы по 40 мл. Срок годности должен быть не менее 12 месяцев. Срок поставки- 15 календарных дней со дня вступления в силу договора, Обязательно наличие сертификата на поставленный товар.","Из одного источника путем прямого заключения договора","пп.39 п.3 ст.39 приобретения имущества (активов), реализуемого на торгах (аукционах):судебными исполнителями в соответствии с законодательством Республики Казахстан об исполнительном производстве и статусе судебных исполнителей;проводимых в соответствии с законодательством Республики Казахстан о реабилитации и банкротстве; проводимых в соответствии с земельным законодательством Республики Казахстан;ипри приватизации государственного имущества;","Из одного источника путем прямого заключения договора","Флакон",10,178.57,1785.7,1785.7,null,null,"Апрель","Келісім-шарттың күшіне енген күннен бастап 15 күнтізбелік күн ішінде","В течении 15 календарных дней со дня вступления в силу Договора","351011100;","Қарағанды облысы, Қарағанды қ., Октябрь ауданы Магнитогорская көш.1;","Карагандинская область, г.Караганда, Октябрьский район ул. Магнитогорская 1;",null,null,"Утвержден"]
[39657959,39657959,"Закупки, не превышающие финансовый год",261,"003 Общеобразовательное обучение по специальным образовательным учебным программам","045 За счет субвенций из республиканского бюджета на образование","142 Приобретение лекарственных средств и прочих изделий медицинского назначения","За счет бюджетных средств, за исключением средств софинансирования по правительственным внешним займам или связанным грантам","Товар","212013.990.000495","Парацетамол, фенилэфрин гидрохлориді - ақ таблетка; парацетамол, дифенгидрамин гидрохлориді - сары таблетка","Парацетамол, фенилэфрина гидрохлорид - белая таблетка; парацетамол, дифенгидрамина гидрохлорид - желтая таблетка","таблеткалар","таблетки","Парацетомол таблеткалары. Ауызша таблеткалар. Контурлық қаптама, №10 ұяшық. 0,5 г таблеткалар. Сақтау мерзімі кем дегенде 12 ай болуы керек. Жеткізу мерзімі - келісімшарт күшіне енген күннен бастап 15 күнтізбелік күн, жеткізілетін тауарларға сертификат болуы міндетті.","Парацетомол в таблетках. Таблетки для приема внутрь. Упаковка контурная, бех ячейковая №10. Таблетки по 0,5г. Срок годности должен быть не менее 12 месяцев. Срок поставки- 15 календарных дней со дня вступления в силу договора, Обязательно наличие сертификата на поставленный товар.","Из одного источника путем прямого заключения договора","пп.39 п.3 ст.39 приобретения имущества (активов), реализуемого на торгах (аукционах):судебными исполнителями в соответствии с законодательством Республики Казахстан об исполнительном производстве и статусе судебных исполнителей;проводимых в соответствии с законодательством Республики Казахстан о реабилитации и банкротстве; проводимых в соответствии с земельным законодательством Республики Казахстан;ипри приватизации государственного имущества;","Из одного источника путем прямого заключения договора","Упаковка",5,160.72,803.6,803.6,null,null,"Апрель","Келісім-шарттың күшіне енген күннен бастап 15 күнтізбелік күн ішінде","В течении 15 календарных дней со дня вступления в силу Договора","351011100;","Қарағанды облысы, Қарағанды қ., Октябрь ауданы Магнитогорская көш.1;","Карагандинская область, г.Караганда, Октябрьский район ул. Магнитогорская 1;",null,null,"Утвержден"]
[39657993,39657993,"Закупки, не превышающие финансовый год",261,"003 Общеобразовательное обучение по специальным образовательным учебным программам","045 За счет субвенций из республиканского бюджета на образование","142 Приобретение лекарственных средств и прочих изделий медицинского назначения","За счет бюджетных средств, за исключением средств софинансирования по правительственным внешним займам или связанным грантам","Товар","212013.930.000018","Сальбутамола сульфат, бромгексина гидрохлорид, гвайфенезин, левоментол","Сальбутамола сульфат, бромгексина гидрохлорид, гвайфенезин, левоментол","сироп","сироп","Пертуссин сиропы. Ішке қабылдауға арналған сироп, 100 мл қара шыны бөтелке. Сақтау мерзімі кем дегенде 12 ай болуы керек. Жеткізу мерзімі - келісімшарт күшіне енген күннен бастап 15 күнтізбелік күн, жеткізілетін тауарларға сертификат болуы міндетті.","Пертуссин сироп. Сироп для приема внутрь, флакон из темного стекла по 100 мл. Срок годности должен быть не менее 12 месяцев. Срок поставки- 15 календарных дней со дня вступления в силу договора, Обязательно наличие сертификата на поставленный товар.","Из одного источника путем прямого заключения договора","пп.39 п.3 ст.39 приобретения имущества (активов), реализуемого на торгах (аукционах):судебными исполнителями в соответствии с законодательством Республики Казахстан об исполнительном производстве и статусе судебных исполнителей;проводимых в соответствии с законодательством Республики Казахстан о реабилитации и банкротстве; проводимых в соответствии с земельным законодательством Республики Казахстан;ипри приватизации государственного имущества;","Из одного источника путем прямого заключения договора","Флакон",10,214.29,2142.9,2142.9,null,null,"Апрель","Келісім-шарттың күшіне енген күннен бастап 15 күнтізбелік күн ішінде","В течении 15 календарных дней со дня вступления в силу Договора","351011100;","Қарағанды облысы, Қарағанды қ., Октябрь ауданы Магнитогорская көш.1;","Карагандинская область, г.Караганда, Октябрьский район ул. Магнитогорская 1;",null,null,"Утвержден"]
[39658064,39658064,"Закупки, не превышающие финансовый год",261,"003 Общеобразовательное обучение по специальным образовательным учебным программам","045 За счет субвенций из республиканского бюджета на образование","142 Приобретение лекарственных средств и прочих изделий медицинского назначения","За счет бюджетных средств, за исключением средств софинансирования по правительственным внешним займам или связанным грантам","Товар","212013.990.000581","Ремантадин","Ремантадин","таблеткалар","таблетки","Ремантадинді ішке қабылдауға арналған таблеткалар, 50 мл, контурлық қаптама, No 20 ұяшық. Сақтау мерзімі кем дегенде 12 ай болуы керек. Жеткізу мерзімі - келісімшарт күшіне енген күннен бастап 15 күнтізбелік күн, жеткізілетін тауарларға сертификат болуы міндетті.","Ремантадин таблетки для приема внутрь по 50 мл, упаковка контурная, ячейковая №20. Срок годности должен быть не менее 12 месяцев. Срок поставки- 15 календарных дней со дня вступления в силу договора, Обязательно наличие сертификата на поставленный товар.","Из одного источника путем прямого заключения договора","пп.39 п.3 ст.39 приобретения имущества (активов), реализуемого на торгах (аукционах):судебными исполнителями в соответствии с законодательством Республики Казахстан об исполнительном производстве и статусе судебных исполнителей;проводимых в соответствии с законодательством Республики Казахстан о реабилитации и банкротстве; проводимых в соответствии с земельным законодательством Республики Казахстан;ипри приватизации государственного имущества;","Из одного источника путем прямого заключения договора","Упаковка",20,535.72,10714.4,10714.4,null,null,"Апрель","Келісім-шарттың күшіне енген күннен бастап 15 күнтізбелік күн ішінде","В течении 15 календарных дней со дня вступления в силу Договора","351011100;","Қарағанды облысы, Қарағанды қ., Октябрь ауданы Магнитогорская көш.1;","Карагандинская область, г.Караганда, Октябрьский район ул. Магнитогорская 1;",null,null,"Утвержден"]
[39658339,39658339,"Закупки, не превышающие финансовый год",261,"003 Общеобразовательное обучение по специальным образовательным учебным программам","045 За счет субвенций из республиканского бюджета на образование","142 Приобретение лекарственных средств и прочих изделий медицинского назначения","За счет бюджетных средств, за исключением средств софинансирования по правительственным внешним займам или связанным грантам","Товар","110110.700.000000","Спирт","Спирт","этилды, спирттің үлесі 95 %","этиловый, доля спирта 95 %","Этанол. Сыртқы қолдануға арналған ерітінді 70%, қара шыны бөтелке 50 мл, жарамдылық мерзімі кемінде 12 ай болуы керек. Жеткізу мерзімі - келісімшарт күшіне енген күннен бастап 15 күнтізбелік күн, жеткізілетін тауарларға сертификат болуы міндетті.","Спирт этиловый . Раствор для наружного применения 70%, флакон из темного стекла по 50 мл.Срок годности должен быть не менее 12 месяцев. Срок поставки- 15 календарных дней со дня вступления в силу договора, Обязательно наличие сертификата на поставленный товар.","Из одного источника путем прямого заключения договора","пп.39 п.3 ст.39 приобретения имущества (активов), реализуемого на торгах (аукционах):судебными исполнителями в соответствии с законодательством Республики Казахстан об исполнительном производстве и статусе судебных исполнителей;проводимых в соответствии с законодательством Республики Казахстан о реабилитации и банкротстве; проводимых в соответствии с земельным законодательством Республики Казахстан;ипри приватизации государственного имущества;","Из одного источника путем прямого заключения договора","Флакон",15,163.1,2446.5,2446.5,null,null,"Апрель","Келісім-шарттың күшіне енген күннен бастап 15 күнтізбелік күн ішінде","В течении 15 календарных дней со дня вступления в силу Договора","351011100;","Қарағанды облысы, Қарағанды қ., Октябрь ауданы Магнитогорская көш.1;","Карагандинская область, г.Караганда, Октябрьский район ул. Магнитогорская 1;",null,null,"Утвержден"]
[39658368,39658368,"Закупки, не превышающие финансовый год",261,"003 Общеобразовательное обучение по специальным образовательным учебным программам","045 За счет субвенций из республиканского бюджета на образование","142 Приобретение лекарственных средств и прочих изделий медицинского назначения","За счет бюджетных средств, за исключением средств софинансирования по правительственным внешним займам или связанным грантам","Товар","212024.200.000004","Лейкопластырь","Лейкопластырь","бактерицидтік","бактерицидный","Санипласт. Акринол жастықшасы бар гипоаллергенді су өткізбейтін негізгі таңғыш, 19 мм. Сақтау мерзімі кем дегенде 12 ай болуы керек. Жеткізу мерзімі - келісімшарт күшіне енген күннен бастап 15 күнтізбелік күн, жеткізілетін тауарларға сертификат болуы міндетті.","Санипласт. Первичная повязка, гипоаллергенная непромокаемая с подушечкой из акринола, размером 19 мм. Срок годности должен быть не менее 12 месяцев. Срок поставки- 15 календарных дней со дня вступления в силу договора, Обязательно наличие сертификата на поставленный товар.","Из одного источника путем прямого заключения договора","пп.39 п.3 ст.39 приобретения имущества (активов), реализуемого на торгах (аукционах):судебными исполнителями в соответствии с законодательством Республики Казахстан об исполнительном производстве и статусе судебных исполнителей;проводимых в соответствии с законодательством Республики Казахстан о реабилитации и банкротстве; проводимых в соответствии с земельным законодательством Республики Казахстан;ипри приватизации государственного имущества;","Из одного источника путем прямого заключения договора","Упаковка",7,1205.3599999999999,8437.52,8437.52,null,null,"Апрель","Келісім-шарттың күшіне енген күннен бастап 15 күнтізбелік күн ішінде","В течении 15 календарных дней со дня вступления в силу Договора","351011100;","Қарағанды облысы, Қарағанды қ., Октябрь ауданы Магнитогорская көш.1;","Карагандинская область, г.Караганда, Октябрьский район ул. Магнитогорская 1;",null,null,"Утвержден"]
[39658707,39658707,"Закупки, не превышающие финансовый год",261,"003 Общеобразовательное обучение по специальным образовательным учебным программам","045 За счет субвенций из республиканского бюджета на образование","142 Приобретение лекарственных средств и прочих изделий медицинского назначения","За счет бюджетных средств, за исключением средств софинансирования по правительственным внешним займам или связанным грантам","Товар","325013.110.000002","Шприц","Шприц","медициналық, инъекциялық, бір реттік қолданымдағы","медицинский, инъекционный, однократного применения","Инъекция жүйесі. Инфузиялық ерітінділерді құю жүйесі, стерильді, улы емес, пирогенсіз. Сақтау мерзімі кем дегенде 12 ай болуы керек. Жеткізу мерзімі - келісімшарт күшіне енген күннен бастап 15 күнтізбелік күн, жеткізілетін тауарларға сертификат болуы міндетті.","Система для инъекций. Система для вливания инфузионных растворов, стерильная, нетоксичная, апирогенная. Срок годности должен быть не менее 12 месяцев. Срок поставки- 15 календарных дней со дня вступления в силу договора, Обязательно наличие сертификата на поставленный товар.","Из одного источника путем прямого заключения договора","пп.39 п.3 ст.39 приобретения имущества (активов), реализуемого на торгах (аукционах):судебными исполнителями в соответствии с законодательством Республики Казахстан об исполнительном производстве и статусе судебных исполнителей;проводимых в соответствии с законодательством Республики Казахстан о реабилитации и банкротстве; проводимых в соответствии с земельным законодательством Республики Казахстан;ипри приватизации государственного имущества;","Из одного источника путем прямого заключения договора","Штука",4,178.57,714.28,714.28,null,null,"Апрель","Келісім-шарттың күшіне енген күннен бастап 15 күнтізбелік күн ішінде","В течении 15 календарных дней со дня вступления в силу Договора","351011100;","Қарағанды облысы, Қарағанды қ., Октябрь ауданы Магнитогорская көш.1;","Карагандинская область, г.Караганда, Октябрьский район ул. Магнитогорская 1;",null,null,"Утвержден"]
[39658927,39658927,"Закупки, не превышающие финансовый год",261,"003 Общеобразовательное обучение по специальным образовательным учебным программам","045 За счет субвенций из республиканского бюджета на образование","142 Приобретение лекарственных средств и прочих изделий медицинского назначения","За счет бюджетных средств, за исключением средств софинансирования по правительственным внешним займам или связанным грантам","Товар","212013.990.000593","Сальбутамол","Сальбутамол","сироп","сироп","Ингаляцияға арналған сальбутамол, аэрозоль спрейі 100мкг / доза, баллон 200 доза. Сақтау мерзімі кем дегенде 12 ай болуы керек. Жеткізу мерзімі - келісімшарт күшіне енген күннен бастап 15 күнтізбелік күн, жеткізілетін тауарларға сертификат болуы міндетті.","Сальбутамол для ингаляций, аэрозоль спрей 100мкг/доза, баллон 200 доз. Срок годности должен быть не менее 12 месяцев. Срок поставки- 15 календарных дней со дня вступления в силу договора, Обязательно наличие сертификата на поставленный товар.","Из одного источника путем прямого заключения договора","пп.39 п.3 ст.39 приобретения имущества (активов), реализуемого на торгах (аукционах):судебными исполнителями в соответствии с законодательством Республики Казахстан об исполнительном производстве и статусе судебных исполнителей;проводимых в соответствии с законодательством Республики Казахстан о реабилитации и банкротстве; проводимых в соответствии с земельным законодательством Республики Казахстан;ипри приватизации государственного имущества;","Из одного источника путем прямого заключения договора","Флакон",2,620.54,1241.08,1241.08,null,null,"Апрель","Келісім-шарттың күшіне енген күннен бастап 15 күнтізбелік күн ішінде","В течении 15 календарных дней со дня вступления в силу Договора","351011100;","Қарағанды облысы, Қарағанды қ., Октябрь ауданы Магнитогорская көш.1;","Карагандинская область, г.Караганда, Октябрьский район ул. Магнитогорская 1;",null,null,"Утвержден"]
[39659088,39659088,"Закупки, не превышающие финансовый год",261,"003 Общеобразовательное обучение по специальным образовательным учебным программам","045 За счет субвенций из республиканского бюджета на образование","142 Приобретение лекарственных средств и прочих изделий медицинского назначения","За счет бюджетных средств, за исключением средств софинансирования по правительственным внешним займам или связанным грантам","Товар","171220.900.000002","Майлық","Салфетка","қағаздан, медициналық","бумажная, медицинская","Алкогольге арналған майлық. Бір өлшемді майлық, өлшемі 65х30 мм, № 100 қорапта. Сақтау мерзімі кем дегенде 12 ай болуы керек. Жеткізу мерзімі - келісімшарт күшіне енген күннен бастап 15 күнтізбелік күн, жеткізілетін тауарларға сертификат болуы міндетті.","Салфетка спиртовая. Салфетка однократного размера, размером 65х30 мм., в коробке №100. Срок годности должен быть не менее 12 месяцев. Срок поставки- 15 календарных дней со дня вступления в силу договора, Обязательно наличие сертификата на поставленный товар.","Из одного источника путем прямого заключения договора","пп.39 п.3 ст.39 приобретения имущества (активов), реализуемого на торгах (аукционах):судебными исполнителями в соответствии с законодательством Республики Казахстан об исполнительном производстве и статусе судебных исполнителей;проводимых в соответствии с законодательством Республики Казахстан о реабилитации и банкротстве; проводимых в соответствии с земельным законодательством Республики Казахстан;ипри приватизации государственного имущества;","Из одного источника путем прямого заключения договора","Упаковка",4,1607.14,6428.56,6428.56,null,null,"Апрель","Келісім-шарттың күшіне енген күннен бастап 15 күнтізбелік күн ішінде","В течении 15 календарных дней со дня вступления в силу Договора","351011100;","Қарағанды облысы, Қарағанды қ., Октябрь ауданы Магнитогорская көш.1;","Карагандинская область, г.Караганда, Октябрьский район ул. Магнитогорская 1;",null,null,"Утвержден"]
[39659120,39659120,"Закупки, не превышающие финансовый год",261,"003 Общеобразовательное обучение по специальным образовательным учебным программам","045 За счет субвенций из республиканского бюджета на образование","142 Приобретение лекарственных средств и прочих изделий медицинского назначения","За счет бюджетных средств, за исключением средств софинансирования по правительственным внешним займам или связанным грантам","Товар","211054.600.000001","Анестезин, фурацилин, хлорамфеникол","Анестезин, фурацилин, хлорамфеникол","жақпамай","мазь","Фурацилин. Сыртқы қолдануға арналған таблеткалар, 0,02 г. контурлық қаптама, №10 ұяшық жоқ. Сақтау мерзімі кем дегенде 12 айды құрауы керек. Жеткізу мерзімі - келісімшарт күшіне енген күннен бастап 15 күнтізбелік күн, жеткізілетін тауарларға сертификат болуы міндетті.","Фурацилин. Таблетки для наружного применения по 0,02г. упаковка контурная, без ячейковая №10.Срок годности должен быть не менее 12 месяцев. Срок поставки- 15 календарных дней со дня вступления в силу договора, Обязательно наличие сертификата на поставленный товар.","Из одного источника путем прямого заключения договора","пп.39 п.3 ст.39 приобретения имущества (активов), реализуемого на торгах (аукционах):судебными исполнителями в соответствии с законодательством Республики Казахстан об исполнительном производстве и статусе судебных исполнителей;проводимых в соответствии с законодательством Республики Казахстан о реабилитации и банкротстве; проводимых в соответствии с земельным законодательством Республики Казахстан;ипри приватизации государственного имущества;","Из одного источника путем прямого заключения договора","Упаковка",10,66.959999999999994,669.6,669.6,null,null,"Апрель","Келісім-шарттың күшіне енген күннен бастап 15 күнтізбелік күн ішінде","В течении 15 календарных дней со дня вступления в силу Договора","351011100;","Қарағанды облысы, Қарағанды қ., Октябрь ауданы Магнитогорская көш.1;","Карагандинская область, г.Караганда, Октябрьский район ул. Магнитогорская 1;",null,null,"Утвержден"]
[39659158,39659158,"Закупки, не превышающие финансовый год",261,"003 Общеобразовательное обучение по специальным образовательным учебным программам","045 За счет субвенций из республиканского бюджета на образование","142 Приобретение лекарственных средств и прочих изделий медицинского назначения","За счет бюджетных средств, за исключением средств софинансирования по правительственным внешним займам или связанным грантам","Товар","212013.990.000399","Метоклопрамид","Метоклопрамид","таблеткалар","таблетки","Ішуге арналған церукаль таблеткалары, 10 мг, №50 бөтелкеде. Сақтау мерзімі кем дегенде 12 ай болуы керек. Жеткізу мерзімі - келісімшарт күшіне енген күннен бастап 15 күнтізбелік күн, жеткізілетін тауарларға сертификат болуы міндетті.","Церукал таблетки для приема внутрь по 10 мг, во флаконе №50. Срок годности должен быть не менее 12 месяцев. Срок поставки- 15 календарных дней со дня вступления в силу договора, Обязательно наличие сертификата на поставленный товар.","Из одного источника путем прямого заключения договора","пп.39 п.3 ст.39 приобретения имущества (активов), реализуемого на торгах (аукционах):судебными исполнителями в соответствии с законодательством Республики Казахстан об исполнительном производстве и статусе судебных исполнителей;проводимых в соответствии с законодательством Республики Казахстан о реабилитации и банкротстве; проводимых в соответствии с земельным законодательством Республики Казахстан;ипри приватизации государственного имущества;","Из одного источника путем прямого заключения договора","Упаковка",1,3482.14,3482.14,3482.14,null,null,"Апрель","Келісім-шарттың күшіне енген күннен бастап 15 күнтізбелік күн ішінде","В течении 15 календарных дней со дня вступления в силу Договора","351011100;","Қарағанды облысы, Қарағанды қ., Октябрь ауданы Магнитогорская көш.1;","Карагандинская область, г.Караганда, Октябрьский район ул. Магнитогорская 1;",null,null,"Утвержден"]
[39659194,39659194,"Закупки, не превышающие финансовый год",261,"003 Общеобразовательное обучение по специальным образовательным учебным программам","045 За счет субвенций из республиканского бюджета на образование","142 Приобретение лекарственных средств и прочих изделий медицинского назначения","За счет бюджетных средств, за исключением средств софинансирования по правительственным внешним займам или связанным грантам","Товар","325013.110.000002","Шприц","Шприц","медициналық, инъекциялық, бір реттік қолданымдағы","медицинский, инъекционный, однократного применения","Шприц 5,0 инъекциялық үш компонентті стерильді инемен инъекция. Сақтау мерзімі кем дегенде 12 ай болуы керек. Жеткізу мерзімі - келісімшарт күшіне енген күннен бастап 15 күнтізбелік күн, жеткізілетін тауарларға сертификат болуы міндетті.","Шприц 5,0 инъекционный трехкомпонентный стерильный однократного применения с иглами. Срок годности должен быть не менее 12 месяцев. Срок поставки- 15 календарных дней со дня вступления в силу договора, Обязательно наличие сертификата на поставленный товар.","Из одного источника путем прямого заключения договора","пп.39 п.3 ст.39 приобретения имущества (активов), реализуемого на торгах (аукционах):судебными исполнителями в соответствии с законодательством Республики Казахстан об исполнительном производстве и статусе судебных исполнителей;проводимых в соответствии с законодательством Республики Казахстан о реабилитации и банкротстве; проводимых в соответствии с земельным законодательством Республики Казахстан;ипри приватизации государственного имущества;","Из одного источника путем прямого заключения договора","Штука",12,22.32,267.83999999999997,267.83999999999997,null,null,"Апрель","Келісім-шарттың күшіне енген күннен бастап 15 күнтізбелік күн ішінде","В течении 15 календарных дней со дня вступления в силу Договора","351011100;","Қарағанды облысы, Қарағанды қ., Октябрь ауданы Магнитогорская көш.1;","Карагандинская область, г.Караганда, Октябрьский район ул. Магнитогорская 1;",null,null,"Утвержден"]
[39659331,39659331,"Закупки, не превышающие финансовый год",261,"003 Общеобразовательное обучение по специальным образовательным учебным программам","045 За счет субвенций из республиканского бюджета на образование","142 Приобретение лекарственных средств и прочих изделий медицинского назначения","За счет бюджетных средств, за исключением средств софинансирования по правительственным внешним займам или связанным грантам","Товар","325013.110.000002","Шприц","Шприц","медициналық, инъекциялық, бір реттік қолданымдағы","медицинский, инъекционный, однократного применения","Инелермен шприц 2.0 инъекцияға арналған үш компонентті стерильді бір реттік қолдану. Сақтау мерзімі кем дегенде 12 ай болуы керек. Жеткізу мерзімі - келісімшарт күшіне енген күннен бастап 15 күнтізбелік күн, жеткізілетін тауарларға сертификат болуы міндетті.","Шприц 2,0 инъекционный трехкомпонентный стерильный однократного применения с иглами. Срок годности должен быть не менее 12 месяцев. Срок поставки- 15 календарных дней со дня вступления в силу договора, Обязательно наличие сертификата на поставленный товар.","Из одного источника путем прямого заключения договора","пп.39 п.3 ст.39 приобретения имущества (активов), реализуемого на торгах (аукционах):судебными исполнителями в соответствии с законодательством Республики Казахстан об исполнительном производстве и статусе судебных исполнителей;проводимых в соответствии с законодательством Республики Казахстан о реабилитации и банкротстве; проводимых в соответствии с земельным законодательством Республики Казахстан;ипри приватизации государственного имущества;","Из одного источника путем прямого заключения договора","Штука",10,22.32,223.2,223.2,null,null,"Апрель","Келісім-шарттың күшіне енген күннен бастап 15 күнтізбелік күн ішінде","В течении 15 календарных дней со дня вступления в силу Договора","351011100;","Қарағанды облысы, Қарағанды қ., Октябрь ауданы Магнитогорская көш.1;","Карагандинская область, г.Караганда, Октябрьский район ул. Магнитогорская 1;",null,null,"Утвержден"]
[39659432,39659432,"Закупки, не превышающие финансовый год",261,"003 Общеобразовательное обучение по специальным образовательным учебным программам","045 За счет субвенций из республиканского бюджета на образование","142 Приобретение лекарственных средств и прочих изделий медицинского назначения","За счет бюджетных средств, за исключением средств софинансирования по правительственным внешним займам или связанным грантам","Товар","212013.990.000692","Мыңжапырақ шөбінің қою сіріндісі, полифит майы","Тысячелистника травы экстракт густой, масло полифитовое","суппозиториялар","суппозитории","«Қызыл май» майы. Консерванттарсыз және бояғышсыз 7 дәрілік шөптен тұратын табиғи өнім. Қара шыны бөтелкелер, 50 мл. Ішке қабылдау үшін. Сақтау мерзімі кем дегенде 12 ай болуы керек. Жеткізу мерзімі - келісімшарт күшіне енген күннен бастап 15 күнтізбелік күн, жеткізілетін тауарларға сертификат болуы міндетті.","Масло \"Қызыл май\".Натуральный продукт из 7 лекарственных трав, без консервантов и красителей. Флаконы темного стекла по 50мл. Для приема внутрь. Срок годности должен быть не менее 12 месяцев. Срок поставки- 15 календарных дней со дня вступления в силу договора, Обязательно наличие сертификата на поставленный товар.","Из одного источника путем прямого заключения договора","пп.39 п.3 ст.39 приобретения имущества (активов), реализуемого на торгах (аукционах):судебными исполнителями в соответствии с законодательством Республики Казахстан об исполнительном производстве и статусе судебных исполнителей;проводимых в соответствии с законодательством Республики Казахстан о реабилитации и банкротстве; проводимых в соответствии с земельным законодательством Республики Казахстан;ипри приватизации государственного имущества;","Из одного источника путем прямого заключения договора","Флакон",2,446.43,892.86,892.86,null,null,"Апрель","Келісім-шарттың күшіне енген күннен бастап 15 күнтізбелік күн ішінде","В течении 15 календарных дней со дня вступления в силу Договора","351011100;","Қарағанды облысы, Қарағанды қ., Октябрь ауданы Магнитогорская көш.1;","Карагандинская область, г.Караганда, Октябрьский район ул. Магнитогорская 1;",null,null,"Утвержден"]
[39659528,39659528,"Закупки, не превышающие финансовый год",261,"003 Общеобразовательное обучение по специальным образовательным учебным программам","045 За счет субвенций из республиканского бюджета на образование","142 Приобретение лекарственных средств и прочих изделий медицинского назначения","За счет бюджетных средств, за исключением средств софинансирования по правительственным внешним займам или связанным грантам","Товар","212013.990.000315","Иісмай","Крем","масалардан қорғайтын","защитный, от комаров","Масалардың шағуына қарсы жақпа. Сыртқы қолдануға арналған жақпа, 25 мг пластикалық түтіктерде. Сақтау мерзімі кем дегенде 12 ай болуы керек. Жеткізу мерзімі - келісімшарт күшіне енген күннен бастап 15 күнтізбелік күн, жеткізілетін тауарларға сертификат болуы міндетті.","Мазь от укусов комаров. Мазь для наружного применения, в пластмассовых тюбиках по 25 мг. Срок годности должен быть не менее 12 месяцев. Срок поставки- 15 календарных дней со дня вступления в силу договора, Обязательно наличие сертификата на поставленный товар.","Из одного источника путем прямого заключения договора","пп.39 п.3 ст.39 приобретения имущества (активов), реализуемого на торгах (аукционах):судебными исполнителями в соответствии с законодательством Республики Казахстан об исполнительном производстве и статусе судебных исполнителей;проводимых в соответствии с законодательством Республики Казахстан о реабилитации и банкротстве; проводимых в соответствии с земельным законодательством Республики Казахстан;ипри приватизации государственного имущества;","Из одного источника путем прямого заключения договора","Штука",2,2410.7199999999998,4821.4399999999996,4821.4399999999996,null,null,"Апрель","Келісім-шарттың күшіне енген күннен бастап 15 күнтізбелік күн ішінде","В течении 15 календарных дней со дня вступления в силу Договора","351011100;","Қарағанды облысы, Қарағанды қ., Октябрь ауданы Магнитогорская көш.1;","Карагандинская область, г.Караганда, Октябрьский район ул. Магнитогорская 1;",null,null,"Утвержден"]
[39659593,39659593,"Закупки, не превышающие финансовый год",261,"003 Общеобразовательное обучение по специальным образовательным учебным программам","045 За счет субвенций из республиканского бюджета на образование","142 Приобретение лекарственных средств и прочих изделий медицинского назначения","За счет бюджетных средств, за исключением средств софинансирования по правительственным внешним займам или связанным грантам","Товар","212013.939.000003","Амброксол","Амброксол","таблеткалар","таблетки","Ambro таблеткалары. Әрқайсысы 30 мг ақ таблеткалар, контурлық қаптама, No20 ұяшық. Сақтау мерзімі кем дегенде 12 ай болуы керек. Жеткізу мерзімі - келісімшарт күшіне енген күннен бастап 15 күнтізбелік күн, жеткізілетін тауарларға сертификат болуы міндетті.","Амбро в таблетках. Таблетки белого цвета, по 30 мг.Упаковка контурная, ячейковая №20. Срок годности должен быть не менее 12 месяцев. Срок поставки- 15 календарных дней со дня вступления в силу договора, Обязательно наличие сертификата на поставленный товар.","Из одного источника путем прямого заключения договора","пп.39 п.3 ст.39 приобретения имущества (активов), реализуемого на торгах (аукционах):судебными исполнителями в соответствии с законодательством Республики Казахстан об исполнительном производстве и статусе судебных исполнителей;проводимых в соответствии с законодательством Республики Казахстан о реабилитации и банкротстве; проводимых в соответствии с земельным законодательством Республики Казахстан;ипри приватизации государственного имущества;","Из одного источника путем прямого заключения договора","Упаковка",7,625,4375,4375,null,null,"Апрель","Келісім-шарттың күшіне енген күннен бастап 15 күнтізбелік күн ішінде","В течении 15 календарных дней со дня вступления в силу Договора","351011100;","Қарағанды облысы, Қарағанды қ., Октябрь ауданы Магнитогорская көш.1;","Карагандинская область, г.Караганда, Октябрьский район ул. Магнитогорская 1;",null,null,"Утвержден"]
[39659827,39659827,"Закупки, не превышающие финансовый год",261,"003 Общеобразовательное обучение по специальным образовательным учебным программам","045 За счет субвенций из республиканского бюджета на образование","142 Приобретение лекарственных средств и прочих изделий медицинского назначения","За счет бюджетных средств, за исключением средств софинансирования по правительственным внешним займам или связанным грантам","Товар","212013.990.000551","Жазатын препарат","Препарат заживляющий","бальзам","бальзам","Жақпа құтқару. 100 мл пластикалық түтіктерде сыртқы қолдануға арналған жақпа. Сақтау мерзімі кем дегенде 12 ай болуы керек. Жеткізу мерзімі - келісімшарт күшіне енген күннен бастап 15 күнтізбелік күн, жеткізілетін тауарларға сертификат болуы міндетті.","Мазь спасатель. Мазь для наружного применения в тюбиках пластмассовых по 100мл. Срок годности должен быть не менее 12 месяцев. Срок поставки- 15 календарных дней со дня вступления в силу договора, Обязательно наличие сертификата на поставленный товар.","Из одного источника путем прямого заключения договора","пп.39 п.3 ст.39 приобретения имущества (активов), реализуемого на торгах (аукционах):судебными исполнителями в соответствии с законодательством Республики Казахстан об исполнительном производстве и статусе судебных исполнителей;проводимых в соответствии с законодательством Республики Казахстан о реабилитации и банкротстве; проводимых в соответствии с земельным законодательством Республики Казахстан;ипри приватизации государственного имущества;","Из одного источника путем прямого заключения договора","Штука",5,848.22,4241.1000000000004,4241.1000000000004,null,null,"Апрель","Келісім-шарттың күшіне енген күннен бастап 15 күнтізбелік күн ішінде","В течении 15 календарных дней со дня вступления в силу Договора","351011100;","Қарағанды облысы, Қарағанды қ., Октябрь ауданы Магнитогорская көш.1;","Карагандинская область, г.Караганда, Октябрьский район ул. Магнитогорская 1;",null,null,"Утвержден"]
[39659910,39659910,"Закупки, не превышающие финансовый год",261,"003 Общеобразовательное обучение по специальным образовательным учебным программам","045 За счет субвенций из республиканского бюджета на образование","142 Приобретение лекарственных средств и прочих изделий медицинского назначения","За счет бюджетных средств, за исключением средств софинансирования по правительственным внешним займам или связанным грантам","Товар","212012.900.000015","Преднизолон","Преднизолон","ерітінді","раствор","Преднизолон. I / v және i / m енгізу үшін ерітінді 30 мг / мл, ампулада 1,0 мл. Сақтау мерзімі кем дегенде 12 ай болуы керек. Жеткізу мерзімі - келісімшарт күшіне енген күннен бастап 15 күнтізбелік күн, жеткізілетін тауарларға сертификат болуы міндетті.","Преднизолон. Раствор для в/в и в/м введения 30 мг/мл, в ампулах по 1,0 мл. Срок годности должен быть не менее 12 месяцев. Срок поставки- 15 календарных дней со дня вступления в силу договора, Обязательно наличие сертификата на поставленный товар.","Из одного источника путем прямого заключения договора","пп.39 п.3 ст.39 приобретения имущества (активов), реализуемого на торгах (аукционах):судебными исполнителями в соответствии с законодательством Республики Казахстан об исполнительном производстве и статусе судебных исполнителей;проводимых в соответствии с законодательством Республики Казахстан о реабилитации и банкротстве; проводимых в соответствии с земельным законодательством Республики Казахстан;ипри приватизации государственного имущества;","Из одного источника путем прямого заключения договора","Упаковка",2,848.22,1696.44,1696.44,null,null,"Апрель","Келісім-шарттың күшіне енген күннен бастап 15 күнтізбелік күн ішінде","В течении 15 календарных дней со дня вступления в силу Договора","351011100;","Қарағанды облысы, Қарағанды қ., Октябрь ауданы Магнитогорская көш.1;","Карагандинская область, г.Караганда, Октябрьский район ул. Магнитогорская 1;",null,null,"Утвержден"]
[39659964,39659964,"Закупки, не превышающие финансовый год",261,"003 Общеобразовательное обучение по специальным образовательным учебным программам","045 За счет субвенций из республиканского бюджета на образование","142 Приобретение лекарственных средств и прочих изделий медицинского назначения","За счет бюджетных средств, за исключением средств софинансирования по правительственным внешним займам или связанным грантам","Товар","212013.990.000738","Фуразолидон","Фуразолидон","таблеткалар","таблетки","Ішке қабылдауға арналған фуразолидон таблеткалары, 50 мг. Контурлық қаптама No 10 ұяшықсыз. Сақтау мерзімі кем дегенде 12 ай болуы керек. Жеткізу мерзімі - келісімшарт күшіне енген күннен бастап 15 күнтізбелік күн, жеткізілетін тауарларға сертификат болуы міндетті.","Фуразолидон таблетки для приема внутрь по 50мг. Упаковка контурная без ячейковая №10. Срок годности должен быть не менее 12 месяцев. Срок поставки- 15 календарных дней со дня вступления в силу договора, Обязательно наличие сертификата на поставленный товар.","Из одного источника путем прямого заключения договора","пп.39 п.3 ст.39 приобретения имущества (активов), реализуемого на торгах (аукционах):судебными исполнителями в соответствии с законодательством Республики Казахстан об исполнительном производстве и статусе судебных исполнителей;проводимых в соответствии с законодательством Республики Казахстан о реабилитации и банкротстве; проводимых в соответствии с земельным законодательством Республики Казахстан;ипри приватизации государственного имущества;","Из одного источника путем прямого заключения договора","Упаковка",5,62.5,312.5,312.5,null,null,"Апрель","Келісім-шарттың күшіне енген күннен бастап 15 күнтізбелік күн ішінде","В течении 15 календарных дней со дня вступления в силу Договора","351011100;","Қарағанды облысы, Қарағанды қ., Октябрь ауданы Магнитогорская көш.1;","Карагандинская область, г.Караганда, Октябрьский район ул. Магнитогорская 1;",null,null,"Утвержден"]
[39660001,39660001,"Закупки, не превышающие финансовый год",261,"003 Общеобразовательное обучение по специальным образовательным учебным программам","045 За счет субвенций из республиканского бюджета на образование","142 Приобретение лекарственных средств и прочих изделий медицинского назначения","За счет бюджетных средств, за исключением средств софинансирования по правительственным внешним займам или связанным грантам","Товар","212013.990.000024","Аминофиллин","Аминофиллин","ерітінді","раствор","Тамыр ішіне енгізуге арналған эуфиллин ерітіндісі 24 мг / мл. 5 мл ампуласы №10. Сақтау мерзімі кем дегенде 12 ай болуы керек. Жеткізу мерзімі - келісімшарт күшіне енген күннен бастап 15 күнтізбелік күн, жеткізілетін тауарларға сертификат болуы міндетті.","Эуфиллин раствор для в/в введения 24мг/мл. Ампула по 5 мл №10. Срок годности должен быть не менее 12 месяцев. Срок поставки- 15 календарных дней со дня вступления в силу договора, Обязательно наличие сертификата на поставленный товар.","Из одного источника путем прямого заключения договора","пп.39 п.3 ст.39 приобретения имущества (активов), реализуемого на торгах (аукционах):судебными исполнителями в соответствии с законодательством Республики Казахстан об исполнительном производстве и статусе судебных исполнителей;проводимых в соответствии с законодательством Республики Казахстан о реабилитации и банкротстве; проводимых в соответствии с земельным законодательством Республики Казахстан;ипри приватизации государственного имущества;","Из одного источника путем прямого заключения договора","Упаковка",1,401.79,401.79,401.79,null,null,"Апрель","Келісім-шарттың күшіне енген күннен бастап 15 күнтізбелік күн ішінде","В течении 15 календарных дней со дня вступления в силу Договора","351011100;","Қарағанды облысы, Қарағанды қ., Октябрь ауданы Магнитогорская көш.1;","Карагандинская область, г.Караганда, Октябрьский район ул. Магнитогорская 1;",null,null,"Утвержден"]
[39660049,39660049,"Закупки, не превышающие финансовый год",261,"003 Общеобразовательное обучение по специальным образовательным учебным программам","045 За счет субвенций из республиканского бюджета на образование","142 Приобретение лекарственных средств и прочих изделий медицинского назначения","За счет бюджетных средств, за исключением средств софинансирования по правительственным внешним займам или связанным грантам","Товар","201659.200.000002","N-(-1-нафтил)-этилендиамин дигидрохлорид","N-(-1-нафтил)-этилендиамин дигидрохлорид","ұнтақ","порошок","Ауыз ерітіндісін дайындауға арналған регидрон ұнтағы. Пакет 18,9 г. # 20. Сақтау мерзімі кем дегенде 12 ай болуы керек. Жеткізу мерзімі - келісімшарт күшіне енген күннен бастап 15 күнтізбелік күн, жеткізілетін тауарларға сертификат болуы міндетті.","Регидрон порошок для приготовления раствора длдя приема внутрь. Пакет 18,9 г.№20. Срок годности должен быть не менее 12 месяцев. Срок поставки- 15 календарных дней со дня вступления в силу договора, Обязательно наличие сертификата на поставленный товар.","Из одного источника путем прямого заключения договора","пп.39 п.3 ст.39 приобретения имущества (активов), реализуемого на торгах (аукционах):судебными исполнителями в соответствии с законодательством Республики Казахстан об исполнительном производстве и статусе судебных исполнителей;проводимых в соответствии с законодательством Республики Казахстан о реабилитации и банкротстве; проводимых в соответствии с земельным законодательством Республики Казахстан;ипри приватизации государственного имущества;","Из одного источника путем прямого заключения договора","Упаковка",1,3839.29,3839.29,3839.29,null,null,"Апрель","Келісім-шарттың күшіне енген күннен бастап 15 күнтізбелік күн ішінде","В течении 15 календарных дней со дня вступления в силу Договора","351011100;","Қарағанды облысы, Қарағанды қ., Октябрь ауданы Магнитогорская көш.1;","Карагандинская область, г.Караганда, Октябрьский район ул. Магнитогорская 1;",null,null,"Утвержден"]
[39660095,39660095,"Закупки, не превышающие финансовый год",261,"003 Общеобразовательное обучение по специальным образовательным учебным программам","045 За счет субвенций из республиканского бюджета на образование","142 Приобретение лекарственных средств и прочих изделий медицинского назначения","За счет бюджетных средств, за исключением средств софинансирования по правительственным внешним займам или связанным грантам","Товар","212013.990.000024","Аминофиллин","Аминофиллин","ерітінді","раствор","І / м және м / м енгізуге арналған ампулалар ерітіндісіндегі No-shpa, инъекциялар кезінде 40 мг / 2 мл., Ампулалар 2 мл №5. Сақтау мерзімі кем дегенде 12 ай болуы керек. Жеткізу мерзімі - келісімшарт күшіне енген күннен бастап 15 күнтізбелік күн, жеткізілетін тауарларға сертификат болуы міндетті.","Но-шпа в ампулах раствор для в/в и в/м введения применения в инъекциях по 40 мг/2 мл., ампулы 2 мл №5. Срок годности должен быть не менее 12 месяцев. Срок поставки- 15 календарных дней со дня вступления в силу договора, Обязательно наличие сертификата на поставленный товар.","Из одного источника путем прямого заключения договора","пп.39 п.3 ст.39 приобретения имущества (активов), реализуемого на торгах (аукционах):судебными исполнителями в соответствии с законодательством Республики Казахстан об исполнительном производстве и статусе судебных исполнителей;проводимых в соответствии с законодательством Республики Казахстан о реабилитации и банкротстве; проводимых в соответствии с земельным законодательством Республики Казахстан;ипри приватизации государственного имущества;","Из одного источника путем прямого заключения договора","Упаковка",1,1517.86,1517.86,1517.86,null,null,"Апрель","Келісім-шарттың күшіне енген күннен бастап 15 күнтізбелік күн ішінде","В течении 15 календарных дней со дня вступления в силу Договора","351011100;","Қарағанды облысы, Қарағанды қ., Октябрь ауданы Магнитогорская көш.1;","Карагандинская область, г.Караганда, Октябрьский район ул. Магнитогорская 1;",null,null,"Утвержден"]
[39660151,39660151,"Закупки, не превышающие финансовый год",261,"003 Общеобразовательное обучение по специальным образовательным учебным программам","045 За счет субвенций из республиканского бюджета на образование","142 Приобретение лекарственных средств и прочих изделий медицинского назначения","За счет бюджетных средств, за исключением средств софинансирования по правительственным внешним займам или связанным грантам","Товар","212024.900.000004","Мақта","Вата","стерильді емес, гигроскоптық","нестерильная, гигроскопическая","мақта, медициналық, гигроскопиялық, гигиеналық, стерильді емес «Бала мен бала» 100г. Сақтау мерзімі кем дегенде 12 ай болуы керек. Жеткізу мерзімі - келісімшарт күшіне енген күннен бастап 15 күнтізбелік күн, жеткізілетін тауарларға сертификат болуы міндетті.","вата медицинская, гигроскопическая, гигиеническая, нестерильная \"Малыш и малышка\" по 100гр. Срок годности должен быть не менее 12 месяцев. Срок поставки- 15 календарных дней со дня вступления в силу договора, Обязательно наличие сертификата на поставленный товар.","Из одного источника путем прямого заключения договора","пп.39 п.3 ст.39 приобретения имущества (активов), реализуемого на торгах (аукционах):судебными исполнителями в соответствии с законодательством Республики Казахстан об исполнительном производстве и статусе судебных исполнителей;проводимых в соответствии с законодательством Республики Казахстан о реабилитации и банкротстве; проводимых в соответствии с земельным законодательством Республики Казахстан;ипри приватизации государственного имущества;","Из одного источника путем прямого заключения договора","Упаковка",5,312.5,1562.5,1562.5,null,null,"Апрель","Келісім-шарттың күшіне енген күннен бастап 15 күнтізбелік күн ішінде","В течении 15 календарных дней со дня вступления в силу Договора","351011100;","Қарағанды облысы, Қарағанды қ., Октябрь ауданы Магнитогорская көш.1;","Карагандинская область, г.Караганда, Октябрьский район ул. Магнитогорская 1;",null,null,"Утвержден"]
[39660206,39660206,"Закупки, не превышающие финансовый год",261,"003 Общеобразовательное обучение по специальным образовательным учебным программам","045 За счет субвенций из республиканского бюджета на образование","142 Приобретение лекарственных средств и прочих изделий медицинского назначения","За счет бюджетных средств, за исключением средств софинансирования по правительственным внешним займам или связанным грантам","Товар","212013.990.000055","Ацетилсалицилолды қышқылы, аскорбин қышқылы","Ацетилсалициловая кислота, аскорбиновая кислота","ұнтақ","порошок","Аскорбин қышқылы. Ақ немесе ақ дерлік кристалды ұнтақ немесе түссіз кристалдар. Балқу температурасы: шамамен 190С ыдырауымен. Шешім сипаттамалары: мөлдір, таза, түсті VU7. C қолданыңыз: -0,15%. Қалдық еріткіш - талаптарға сай келеді. Тест - 99,0% -100,5%. Өнім BP2014 / USP37 / EP8 / FCCC8 / E300 сәйкес келеді. Сақтау мерзімі кем дегенде 12 ай болуы керек. Жеткізу мерзімі - келісімшарт күшіне енген күннен бастап 15 күнтізбелік күн, жеткізілетін тауарларға сертификат болуы міндетті.","Аскорбиновая кислота. Белый или почти белый кристаллический порошок или безцветные кристаллы. Температура плавления: Около 190С с разложением. Характеристика раствора: Прозрачный, чистый, цветной ВУ7. Приместь С:-0,15%. Остаточный растворитель - отвечает требованиям. Испытание - 99,0%-100,5%. Продукт соответствует стандартом ВР2014/USP37/EP8/FCCC8/E300. Срок годности должен быть не менее 12 месяцев. Срок поставки- 15 календарных дней со дня вступления в силу договора, Обязательно наличие сертификата на поставленный товар.","Из одного источника путем прямого заключения договора","пп.39 п.3 ст.39 приобретения имущества (активов), реализуемого на торгах (аукционах):судебными исполнителями в соответствии с законодательством Республики Казахстан об исполнительном производстве и статусе судебных исполнителей;проводимых в соответствии с законодательством Республики Казахстан о реабилитации и банкротстве; проводимых в соответствии с земельным законодательством Республики Казахстан;ипри приватизации государственного имущества;","Из одного источника путем прямого заключения договора","Килограмм",2,8035.72,16071.44,16071.44,null,null,"Апрель","Келісім-шарттың күшіне енген күннен бастап 15 күнтізбелік күн ішінде","В течении 15 календарных дней со дня вступления в силу Договора","351011100;","Қарағанды облысы, Қарағанды қ., Октябрь ауданы Магнитогорская көш.1;","Карагандинская область, г.Караганда, Октябрьский район ул. Магнитогорская 1;",null,null,"Утвержден"]
[39660279,39660279,"Закупки, не превышающие финансовый год",261,"003 Общеобразовательное обучение по специальным образовательным учебным программам","045 За счет субвенций из республиканского бюджета на образование","142 Приобретение лекарственных средств и прочих изделий медицинского назначения","За счет бюджетных средств, за исключением средств софинансирования по правительственным внешним займам или связанным грантам","Товар","212024.600.000008","Өңдеу жүргізуге арналған жинақ","Набор для проведения обработок","педикулезге қарсы","противопедикулезных","Педикулен Ультра + биттерді тарауға арналған тарақ. Сыртқы қолдануға арналған бүріккішті, 150 мл құтыда, биттерді тарауға арналған тарақпен. Сақтау мерзімі кем дегенде 12 ай болуы керек. Жеткізу мерзімі - келісімшарт күшіне енген күннен бастап 10 күнтізбелік күн, жеткізілетін тауарларға сертификат болуы міндетті.","Педикулен Ультра + гребень для расчесывания вшей. Спрей для наружного применения, во флаконах по 150мл, с гребнем для расчесывания вшей. Срок годности должен быть не менее 12 месяцев. Срок поставки- 10 календарных дней со дня вступления в силу договора, Обязательно наличие сертификата на поставленный товар.","Из одного источника путем прямого заключения договора","пп.39 п.3 ст.39 приобретения имущества (активов), реализуемого на торгах (аукционах):судебными исполнителями в соответствии с законодательством Республики Казахстан об исполнительном производстве и статусе судебных исполнителей;проводимых в соответствии с законодательством Республики Казахстан о реабилитации и банкротстве; проводимых в соответствии с земельным законодательством Республики Казахстан;ипри приватизации государственного имущества;","Из одного источника путем прямого заключения договора","Штука",7,3571.43,25000.01,25000.01,null,null,"Апрель","Келісім-шарттың күшіне енген күннен бастап 15 күнтізбелік күн ішінде","В течении 15 календарных дней со дня вступления в силу Договора","351011100;","Қарағанды облысы, Қарағанды қ., Октябрь ауданы Магнитогорская көш.1;","Карагандинская область, г.Караганда, Октябрьский район ул. Магнитогорская 1;",null,null,"Утвержден"]
[39660937,39660937,"Закупки, не превышающие финансовый год",261,"003 Общеобразовательное обучение по специальным образовательным учебным программам","045 За счет субвенций из республиканского бюджета на образование","142 Приобретение лекарственных средств и прочих изделий медицинского назначения","За счет бюджетных средств, за исключением средств софинансирования по правительственным внешним займам или связанным грантам","Товар","212013.990.000180","Дибазол, папаверина гидрохлорид","Дибазол, папаверина гидрохлорид","таблеткалар","таблетки","ауызша қабылдауға арналған курорттық емес таблеткалар, 40 мл, мөлдір бөтелке No100. Сақтау мерзімі кем дегенде 12 ай болуы керек. Жеткізу мерзімі - келісімшарт күшіне енген күннен бастап 10 күнтізбелік күн, жеткізілетін тауарларға сертификат болуы міндетті.","но-шпа таблетки для приема внутрь, по 40 мл, флакон прозрачной №100. Срок годности должен быть не менее 12 месяцев. Срок поставки- 10 календарных дней со дня вступления в силу договора, Обязательно наличие сертификата на поставленный товар.","Из одного источника путем прямого заключения договора","пп.39 п.3 ст.39 приобретения имущества (активов), реализуемого на торгах (аукционах):судебными исполнителями в соответствии с законодательством Республики Казахстан об исполнительном производстве и статусе судебных исполнителей;проводимых в соответствии с законодательством Республики Казахстан о реабилитации и банкротстве; проводимых в соответствии с земельным законодательством Республики Казахстан;ипри приватизации государственного имущества;","Из одного источника путем прямого заключения договора","Упаковка",1,2857.14,2857.14,2857.14,null,null,"Апрель","Келісім-шарттың күшіне енген күннен бастап 15 күнтізбелік күн ішінде","В течении 15 календарных дней со дня вступления в силу Договора","351011100;","Қарағанды облысы, Қарағанды қ., Октябрь ауданы Магнитогорская көш.1;","Карагандинская область, г.Караганда, Октябрьский район ул. Магнитогорская 1;",null,null,"Утвержден"]
[39661003,39661003,"Закупки, не превышающие финансовый год",261,"003 Общеобразовательное обучение по специальным образовательным учебным программам","045 За счет субвенций из республиканского бюджета на образование","142 Приобретение лекарственных средств и прочих изделий медицинского назначения","За счет бюджетных средств, за исключением средств софинансирования по правительственным внешним займам или связанным грантам","Товар","172212.900.000008","Мақта таяқшалары","Палочки ватные","гигиеналық","гигиенические","Мақта бүршігі. Күнделікті күтім, сыртқы қолдану үшін №100 орауыш, материал 100% мақта. Сақтау мерзімі кем дегенде 12 ай болуы керек. Жеткізу мерзімі - келісімшарт күшіне енген күннен бастап 15 күнтізбелік күн, жеткізілетін тауарларға сертификат болуы міндетті.","Ватные палочки. Для ежедневного ухода, наружного применения, упаковка №100, материал 100% хлопок. Срок годности должен быть не менее 12 месяцев. Срок поставки- 15 календарных дней со дня вступления в силу договора, Обязательно наличие сертификата на поставленный товар.","Из одного источника путем прямого заключения договора","пп.39 п.3 ст.39 приобретения имущества (активов), реализуемого на торгах (аукционах):судебными исполнителями в соответствии с законодательством Республики Казахстан об исполнительном производстве и статусе судебных исполнителей;проводимых в соответствии с законодательством Республики Казахстан о реабилитации и банкротстве; проводимых в соответствии с земельным законодательством Республики Казахстан;ипри приватизации государственного имущества;","Из одного источника путем прямого заключения договора","Упаковка",10,312.5,3125,3125,null,null,"Апрель","Келісім-шарттың күшіне енген күннен бастап 15 күнтізбелік күн ішінде","В течении 15 календарных дней со дня вступления в силу Договора","351011100;","Қарағанды облысы, Қарағанды қ., Октябрь ауданы Магнитогорская көш.1;","Карагандинская область, г.Караганда, Октябрьский район ул. Магнитогорская 1;",null,null,"Утвержден"]
[39661412,39661412,"Закупки, не превышающие финансовый год",261,"003 Общеобразовательное обучение по специальным образовательным учебным программам","045 За счет субвенций из республиканского бюджета на образование","142 Приобретение лекарственных средств и прочих изделий медицинского назначения","За счет бюджетных средств, за исключением средств софинансирования по правительственным внешним займам или связанным грантам","Товар","204215.500.000011","Иісмай","Крем","косметикалық, теріге күтім жасауға арналған, гельді","косметический, для ухода за кожей, гелевый","Қолға арналған крем - косметикалық қол кремі, сыртқы қолдану үшін, кем дегенде 100 мл. Сақтау мерзімі кем дегенде 12 ай болуы керек. Жеткізу мерзімі - келісімшарт күшіне енген күннен бастап 10 күнтізбелік күн, жеткізілетін тауарларға сертификат болуы міндетті.","Крем для рук - Косметический крем для рук, наружного применения не менее 100 мл. Срок годности должен быть не менее 12 месяцев. Срок поставки- 10 календарных дней со дня вступления в силу договора, Обязательно наличие сертификата на поставленный товар.","Из одного источника путем прямого заключения договора","пп.39 п.3 ст.39 приобретения имущества (активов), реализуемого на торгах (аукционах):судебными исполнителями в соответствии с законодательством Республики Казахстан об исполнительном производстве и статусе судебных исполнителей;проводимых в соответствии с законодательством Республики Казахстан о реабилитации и банкротстве; проводимых в соответствии с земельным законодательством Республики Казахстан;ипри приватизации государственного имущества;","Из одного источника путем прямого заключения договора","Штука",5,401.79,2008.95,2008.95,null,null,"Апрель","Келісім-шарттың күшіне енген күннен бастап 15 күнтізбелік күн ішінде","В течении 15 календарных дней со дня вступления в силу Договора","351011100;","Қарағанды облысы, Қарағанды қ., Октябрь ауданы Магнитогорская көш.1;","Карагандинская область, г.Караганда, Октябрьский район ул. Магнитогорская 1;",null,null,"Утвержден"]
[39661481,39661481,"Закупки, не превышающие финансовый год",261,"003 Общеобразовательное обучение по специальным образовательным учебным программам","045 За счет субвенций из республиканского бюджета на образование","142 Приобретение лекарственных средств и прочих изделий медицинского назначения","За счет бюджетных средств, за исключением средств софинансирования по правительственным внешним займам или связанным грантам","Товар","212013.990.000024","Аминофиллин","Аминофиллин","ерітінді","раствор","Тамыр ішіне енгізуге арналған эуфиллин ерітіндісі 24 мг / мл. 5 мл ампуласы №10. Сақтау мерзімі кем дегенде 12 ай болуы керек. Жеткізу мерзімі - келісімшарт күшіне енген күннен бастап 15 күнтізбелік күн, жеткізілетін тауарларға сертификат болуы міндетті.","Эуфиллин раствор для в/в введения 24мг/мл. Ампула по 5 мл №10. Срок годности должен быть не менее 12 месяцев. Срок поставки- 15 календарных дней со дня вступления в силу договора, Обязательно наличие сертификата на поставленный товар.","Из одного источника путем прямого заключения договора","пп.39 п.3 ст.39 приобретения имущества (активов), реализуемого на торгах (аукционах):судебными исполнителями в соответствии с законодательством Республики Казахстан об исполнительном производстве и статусе судебных исполнителей;проводимых в соответствии с законодательством Республики Казахстан о реабилитации и банкротстве; проводимых в соответствии с земельным законодательством Республики Казахстан;ипри приватизации государственного имущества;","Из одного источника путем прямого заключения договора","Упаковка",1,401.79,401.79,401.79,null,null,"Апрель","Келісім-шарттың күшіне енген күннен бастап 15 күнтізбелік күн ішінде","В течении 15 календарных дней со дня вступления в силу Договора","351011100;","Қарағанды облысы, Қарағанды қ., Октябрь ауданы Магнитогорская көш.1;","Карагандинская область, г.Караганда, Октябрьский район ул. Магнитогорская 1;",null,null,"Утвержден"]
[39661675,39661675,"Закупки, не превышающие финансовый год",261,"003 Общеобразовательное обучение по специальным образовательным учебным программам","045 За счет субвенций из республиканского бюджета на образование","142 Приобретение лекарственных средств и прочих изделий медицинского назначения","За счет бюджетных средств, за исключением средств софинансирования по правительственным внешним займам или связанным грантам","Товар","212013.939.000010","Суық тиюге қарсы препарат","Препарат противопростудный","түйіршіктер","гранулы","Grippostad пероральді қабылдауға арналған капсулада. Сақтау мерзімі кем дегенде 12 ай болуы керек. Жеткізу мерзімі - келісімшарт күшіне енген күннен бастап 15 күнтізбелік күн, жеткізілетін тауарларға сертификат болуы міндетті.","Гриппостад в капсулах для приема внутрь. Срок годности должен быть не менее 12 месяцев. Срок поставки- 15 календарных дней со дня вступления в силу договора, Обязательно наличие сертификата на поставленный товар.","Из одного источника путем прямого заключения договора","пп.39 п.3 ст.39 приобретения имущества (активов), реализуемого на торгах (аукционах):судебными исполнителями в соответствии с законодательством Республики Казахстан об исполнительном производстве и статусе судебных исполнителей;проводимых в соответствии с законодательством Республики Казахстан о реабилитации и банкротстве; проводимых в соответствии с земельным законодательством Республики Казахстан;ипри приватизации государственного имущества;","Из одного источника путем прямого заключения договора","Упаковка",10,1767.86,17678.599999999999,17678.599999999999,null,null,"Апрель","Келісім-шарттың күшіне енген күннен бастап 15 күнтізбелік күн ішінде","В течении 15 календарных дней со дня вступления в силу Договора","351011100;","Қарағанды облысы, Қарағанды қ., Октябрь ауданы Магнитогорская көш.1;","Карагандинская область, г.Караганда, Октябрьский район ул. Магнитогорская 1;",null,null,"Утвержден"]
[39664953,39664953,"Закупки, не превышающие финансовый год",261,"003 Общеобразовательное обучение по специальным образовательным учебным программам","045 За счет субвенций из республиканского бюджета на образование","142 Приобретение лекарственных средств и прочих изделий медицинского назначения","За счет бюджетных средств, за исключением средств софинансирования по правительственным внешним займам или связанным грантам","Товар","212013.990.000614","Спиронолактон","Спиронолактон","таблеткалар","таблетки","Верошпирон 25 мг № 20 Сақтау мерзімі кем дегенде 12 ай болуы керек. Жеткізу мерзімі - келісімшарт күшіне енген күннен бастап 15 күнтізбелік күн, жеткізілетін тауарларға сертификат болуы міндетті.","Верошпирон 25мг №20 Срок годности должен быть не менее 12 месяцев. Срок поставки- 15 календарных дней со дня вступления в силу договора, Обязательно наличие сертификата на поставленный товар.","Из одного источника путем прямого заключения договора","пп.39 п.3 ст.39 приобретения имущества (активов), реализуемого на торгах (аукционах):судебными исполнителями в соответствии с законодательством Республики Казахстан об исполнительном производстве и статусе судебных исполнителей;проводимых в соответствии с законодательством Республики Казахстан о реабилитации и банкротстве; проводимых в соответствии с земельным законодательством Республики Казахстан;ипри приватизации государственного имущества;","Из одного источника путем прямого заключения договора","Упаковка",1,803.57,803.57,803.57,null,null,"Апрель","Келісім-шарттың күшіне енген күннен бастап 15 күнтізбелік күн ішінде","В течении 15 календарных дней со дня вступления в силу Договора","351011100;","Қарағанды облысы, Қарағанды қ., Октябрь ауданы Магнитогорская көш.1  ;","Карагандинская область, г.Караганда, Октябрьский район ул. Магнитогорская 1;",null,null,"Утвержден"]
[39665687,39665687,"Закупки, не превышающие финансовый год",261,"003 Общеобразовательное обучение по специальным образовательным учебным программам","045 За счет субвенций из республиканского бюджета на образование","142 Приобретение лекарственных средств и прочих изделий медицинского назначения","За счет бюджетных средств, за исключением средств софинансирования по правительственным внешним займам или связанным грантам","Товар","212013.990.000521","Пирацетам","Пирацетам","таблеткалар","таблетки","Люсетам 400мг № 60 Сақтау мерзімі кем дегенде 12 айды құрауы керек. Жеткізу мерзімі - келісімшарт күшіне енген күннен бастап 15 күнтізбелік күн, жеткізілетін тауарларға сертификат болуы міндетті.","Луцетам 400мг №60  Срок годности должен быть не менее 12 месяцев. Срок поставки- 15 календарных дней со дня вступления в силу договора, Обязательно наличие сертификата на поставленный товар.","Из одного источника путем прямого заключения договора","пп.39 п.3 ст.39 приобретения имущества (активов), реализуемого на торгах (аукционах):судебными исполнителями в соответствии с законодательством Республики Казахстан об исполнительном производстве и статусе судебных исполнителей;проводимых в соответствии с законодательством Республики Казахстан о реабилитации и банкротстве; проводимых в соответствии с земельным законодательством Республики Казахстан;ипри приватизации государственного имущества;","Из одного источника путем прямого заключения договора","Флакон",20,1340.8,26816,26816,null,null,"Апрель","Келісім-шарттың күшіне енген күннен бастап 15 күнтізбелік күн ішінде","В течении 15 календарных дней со дня вступления в силу Договора","351011100;","Қарағанды облысы, Қарағанды қ., Октябрь ауданы Магнитогорская көш.1;","Карагандинская область, г.Караганда, Октябрьский район ул. Магнитогорская 1;",null,null,"Утвержден"]
[39665961,39665961,"Закупки, не превышающие финансовый год",261,"003 Общеобразовательное обучение по специальным образовательным учебным программам","045 За счет субвенций из республиканского бюджета на образование","149 Приобретение прочих запасов","За счет бюджетных средств, за исключением средств софинансирования по правительственным внешним займам или связанным грантам","Товар","151212.900.000058","Папка","Папка","іскерлік, пластмассадан жасалған","деловая, из пластмассы","Мөлдір пластикалық жұмсақ мұқабасы бар файл қалтасы, A4 форматы, 40 парақ, 0,18 мм «Proff» көк түсті. Барлық сұрақтар Тапсырыс берушімен келісілуі керек.","Папка с файлами с пластиковой прозрачной мягкой обложкой, формат А4, 40 листов, 0,18 мм \"Proff\" цвет голубой. Все вопросы согласовать с Заказчиком.","Запрос ценовых предложений",null,"Запрос ценовых предложений","Штука",50,300,15000,15000,null,null,"Май","Келісім-шарттың күшіне енген күннен бастап 15 күнтізбелік күн ішінде","В течении 15 календарных дней со дня вступления в силу Договора","351011100;","Қарағанды облысы, Қарағанды қ., Октябрь ауданы Магнитогорская көш.1;","Карагандинская область, г.Караганда, Октябрьский район ул. Магнитогорская 1;",null,null,"Утвержден"]
[39665974,39665974,"Закупки, не превышающие финансовый год",261,"003 Общеобразовательное обучение по специальным образовательным учебным программам","045 За счет субвенций из республиканского бюджета на образование","149 Приобретение прочих запасов","За счет бюджетных средств, за исключением средств софинансирования по правительственным внешним займам или связанным грантам","Товар","222925.900.000004","Қосымша - файл","Файл - вкладыш","құжаттар үшін, перфорациямен, полипропилен үлдірден","для документов, с перфорацией, из полипропиленовой пленки","Файлды салыңыз, A4 форматы, 100 микрон, кем дегенде 100 парақтан тұратын 11 тесік, орналасқан жері: тік, материалы: полипропилен, беті: жылтыр.","Файл-вкладыш, формат А4, 100 мкм, 11 дырочек в упаковке не менее 100листов, расположение: вертикальное, материал: полипропилен, поверхность: глянцевая.","Запрос ценовых предложений",null,"Запрос ценовых предложений","Упаковка",5,1500,7500,7500,null,null,"Май","Келісім-шарттың күшіне енген күннен бастап 15 күнтізбелік күн ішінде","В течении 15 календарных дней со дня вступления в силу Договора","351011100;","Қарағанды облысы, Қарағанды қ., Октябрь ауданы Магнитогорская көш.1;","Карагандинская область, г.Караганда, Октябрьский район ул. Магнитогорская 1;",null,null,"Утвержден"]
[39666022,39666022,"Закупки, не превышающие финансовый год",261,"003 Общеобразовательное обучение по специальным образовательным учебным программам","045 За счет субвенций из республиканского бюджета на образование","149 Приобретение прочих запасов","За счет бюджетных средств, за исключением средств софинансирования по правительственным внешним займам или связанным грантам","Товар","329915.500.000000","Бор","Мел","жазуға және сурет салуға арналған","для письма и рисования","Ақ бор Антошка (кем дегенде 100 дана / 3 кг). Бор түрі: әктас, түсі: ақ, жиынтықтағы түстер саны-1","Мел белый Антошка (уп. не менее 100шт/3кг). Тип мела: известковый, цвет: белый, количество цветов в наборе-1","Запрос ценовых предложений",null,"Запрос ценовых предложений","Упаковка",30,880,26400,26400,null,null,"Май","Келісім-шарттың күшіне енген күннен бастап 15 күнтізбелік күн ішінде","В течении 15 календарных дней со дня вступления в силу Договора","351011100;","Қарағанды облысы, Қарағанды қ., Октябрь ауданы Магнитогорская көш.1;","Карагандинская область, г.Караганда, Октябрьский район ул. Магнитогорская 1;",null,null,"Утвержден"]
[39666059,39666059,"Закупки, не превышающие финансовый год",261,"003 Общеобразовательное обучение по специальным образовательным учебным программам","045 За счет субвенций из республиканского бюджета на образование","149 Приобретение прочих запасов","За счет бюджетных средств, за исключением средств софинансирования по правительственным внешним займам или связанным грантам","Товар","172313.190.000000","Грамота","Грамота","күңгірт, формат А4","матовая, формат А4","Сертификат / мадақтама мақтауға тұрарлық \"Арткард\" Барлық сұрақтар тапсырыс берушімен келісілуі керек.","Грамота / мадақтама похвальная  \"Арткард\" Все вопросы согласовать с заказчиком.","Запрос ценовых предложений",null,"Запрос ценовых предложений","Штука",50,70,3500,3500,null,null,"Май","Келісім-шарттың күшіне енген күннен бастап 15 күнтізбелік күн ішінде","В течении 15 календарных дней со дня вступления в силу Договора","351011100;","Қарағанды облысы, Қарағанды қ., Октябрь ауданы Магнитогорская көш.1;","Карагандинская область, г.Караганда, Октябрьский район ул. Магнитогорская 1;",null,null,"Утвержден"]
[39666098,39666098,"Закупки, не превышающие финансовый год",261,"003 Общеобразовательное обучение по специальным образовательным учебным программам","015 За счет средств местного бюджета","149 Приобретение прочих запасов","За счет бюджетных средств, за исключением средств софинансирования по правительственным внешним займам или связанным грантам","Товар","172313.190.000001","Алғыс хат","Благодарственное письмо","күңгірт, пішімі А4","матовое, формат А4","Алғыс хат / PS4 A4 форматындағы Алғыс хат  Барлық сұрақтар тапсырыс берушімен келісілуі керек.","Благодарственное письмо/Алғыс хат PSD формата А4. Все вопросы согласовать с заказчиком.","Запрос ценовых предложений",null,"Запрос ценовых предложений","Штука",50,70,3500,3500,null,null,"Май","Келісім-шарттың күшіне енген күннен бастап 15 күнтізбелік күн ішінде","В течении 15 календарных дней со дня вступления в силу Договора","351011100;","Қарағанды облысы, Қарағанды қ., Октябрь ауданы Магнитогорская көш.1;","Карагандинская область, г.Караганда, Октябрьский район ул. Магнитогорская 1;",null,null,"Утвержден"]
[39674240,39674240,"Закупки, не превышающие финансовый год",261,"003 Общеобразовательное обучение по специальным образовательным учебным программам","045 За счет субвенций из республиканского бюджета на образование","149 Приобретение прочих запасов","За счет бюджетных средств, за исключением средств софинансирования по правительственным внешним займам или связанным грантам","Товар","205210.900.000025","Желім","Клей","кеңселік","канцелярский","Желім таяқшасы улы емес, иіссіз, оңай жағылады және тез құрғайды, кепілді адгезия күші. Дельфин фирмасы, көлемі кемінде 25г.","Клей-карандаш не токсичен, не имеет запаха, легко наносится и быстро высыхает, гарантийная прочность склеивания. Фирмы dolphin, объем не менее 25гр.","Запрос ценовых предложений",null,"Запрос ценовых предложений","Штука",50,200,10000,10000,null,null,"Май","Келісім-шарттың күшіне енген күннен бастап 15 күнтізбелік күн ішінде","В течении 15 календарных дней со дня вступления в силу Договора","351011100;","Қарағанды облысы, Қарағанды қ., Октябрь ауданы Магнитогорская көш.1;","Карагандинская область, г.Караганда, Октябрьский район ул. Магнитогорская 1;",null,null,"Утвержден"]
[39674410,39674410,"Закупки, не превышающие финансовый год",261,"003 Общеобразовательное обучение по специальным образовательным учебным программам","045 За счет субвенций из республиканского бюджета на образование","149 Приобретение прочих запасов","За счет бюджетных средств, за исключением средств софинансирования по правительственным внешним займам или связанным грантам","Товар","329959.900.000081","Скотч","Скотч","полиэтиленді","полиэтиленовый","Мөлдір жабысқақ лента 45мм х125м. Көрініс - бір жақты, ұзындығы кемінде 12500 мм, ені кемінде 45 (мм), түсі: мөлдір.","Скотч прозрачный 45мм х125м. Вид -односторонний, длина не менее 12500 мм, ширина не менее 45(мм), цвет: прозрачный.","Запрос ценовых предложений",null,"Запрос ценовых предложений","Штука",20,385,7700,7700,null,null,"Май","Келісім-шарттың күшіне енген күннен бастап 15 күнтізбелік күн ішінде","В течении 15 календарных дней со дня вступления в силу Договора","351011100;","Қарағанды облысы, Қарағанды қ., Октябрь ауданы Магнитогорская көш.1;","Карагандинская область, г.Караганда, Октябрьский район ул. Магнитогорская 1;",null,null,"Утвержден"]
[39674628,39674628,"Закупки, не превышающие финансовый год",261,"003 Общеобразовательное обучение по специальным образовательным учебным программам","045 За счет субвенций из республиканского бюджета на образование","149 Приобретение прочих запасов","За счет бюджетных средств, за исключением средств софинансирования по правительственным внешним займам или связанным грантам","Товар","259923.500.000006","Қапсырма","Скоба","кеңселік мақсаттар үшін, сымды","для канцелярских целей, проволочная","24/6 степлерге арналған қапсырмалар. № 10, багасы 1 GLOBE STAR","Скобы для степлера на 24/6 .№ 10 цена за упаковку. GLOBE STAR","Запрос ценовых предложений",null,"Запрос ценовых предложений","Упаковка",30,80,2400,2400,null,null,"Май","Келісім-шарттың күшіне енген күннен бастап 15 күнтізбелік күн ішінде","В течении 15 календарных дней со дня вступления в силу Договора","351011100;","Қарағанды облысы, Қарағанды қ., Октябрь ауданы Магнитогорская көш.1;","Карагандинская область, г.Караганда, Октябрьский район ул. Магнитогорская 1;",null,null,"Утвержден"]
[39674759,39674759,"Закупки, не превышающие финансовый год",261,"003 Общеобразовательное обучение по специальным образовательным учебным программам","045 За счет субвенций из республиканского бюджета на образование","149 Приобретение прочих запасов","За счет бюджетных средств, за исключением средств софинансирования по правительственным внешним займам или связанным грантам","Товар","172312.700.000000","Қағаз","Бумага","белгілерге арналған","для заметок","Ноталарға арналған блок, кемінде 80х80х80мм, түсі «Стамм», кемінде 350л. ТУ 5463-011-36243876-2009.","Блок для заметок, не менее 80х80х80мм, цветная \"Стамм\", не менее 350л. ТУ 5463-011-36243876-2009.","Запрос ценовых предложений",null,"Запрос ценовых предложений","Штука",10,350,3500,3500,null,null,"Май","Келісім-шарттың күшіне енген күннен бастап 15 күнтізбелік күн ішінде","В течении 15 календарных дней со дня вступления в силу Договора","351011100;","Қарағанды облысы, Қарағанды қ., Октябрь ауданы Магнитогорская көш.1;","Карагандинская область, г.Караганда, Октябрьский район ул. Магнитогорская 1;",null,null,"Утвержден"]
[39674891,39674891,"Закупки, не превышающие финансовый год",261,"003 Общеобразовательное обучение по специальным образовательным учебным программам","045 За счет субвенций из республиканского бюджета на образование","149 Приобретение прочих запасов","За счет бюджетных средств, за исключением средств софинансирования по правительственным внешним займам или связанным грантам","Товар","172314.500.000002","Кеңсе жабдығына арналған қағаз","Бумага для офисного оборудования","формат А4","формат А4","A4 қағаз (210 * 297 мм) 80 парақ неон түсті","Бумага А4 (210* 297 мм) 80 листов цвета неоновые в ассортименте","Запрос ценовых предложений",null,"Запрос ценовых предложений","Упаковка",4,1200,4800,4800,null,null,"Май","Келісім-шарттың күшіне енген күннен бастап 15 күнтізбелік күн ішінде","В течении 15 календарных дней со дня вступления в силу Договора","351011100;","Қарағанды облысы, Қарағанды қ., Октябрь ауданы Магнитогорская көш.1;","Карагандинская область, г.Караганда, Октябрьский район ул. Магнитогорская 1;",null,null,"Утвержден"]
[39675380,39675380,"Закупки, не превышающие финансовый год",261,"003 Общеобразовательное обучение по специальным образовательным учебным программам","045 За счет субвенций из республиканского бюджета на образование","149 Приобретение прочих запасов","За счет бюджетных средств, за исключением средств софинансирования по правительственным внешним займам или связанным грантам","Товар","171233.000.000001","Бүрмеленген қағаз","Бумага для гофрирования","маркасы Б-1","марка Б-1","10 түсті жиынтықта боялған қалың гофрленген қағаз","бумага гофрированная плотная, цветная в наборе 10 цветов","Запрос ценовых предложений",null,"Запрос ценовых предложений","Набор",3,1700,5100,5100,null,null,"Май","Келісім-шарттың күшіне енген күннен бастап 15 күнтізбелік күн ішінде","В течении 15 календарных дней со дня вступления в силу Договора","351011100;","Қарағанды облысы, Қарағанды қ., Октябрь ауданы Магнитогорская көш.1;","Карагандинская область, г.Караганда, Октябрьский район ул. Магнитогорская 1;",null,null,"Утвержден"]
[39675588,39675588,"Закупки, не превышающие финансовый год",261,"003 Общеобразовательное обучение по специальным образовательным учебным программам","045 За счет субвенций из республиканского бюджета на образование","149 Приобретение прочих запасов","За счет бюджетных средств, за исключением средств софинансирования по правительственным внешним займам или связанным грантам","Товар","257330.900.000006","Тапанша","Пистолет","терможелімді","термоклеевой","ыстық желім мылтық 110-40V 30W (шағын -7мм)","пистолет термоклеевой 110-40V 30W (малый -7мм)","Запрос ценовых предложений",null,"Запрос ценовых предложений","Штука",2,2000,4000,4000,null,null,"Май","Келісім-шарттың күшіне енген күннен бастап 15 күнтізбелік күн ішінде","В течении 15 календарных дней со дня вступления в силу Договора","351011100;","Қарағанды облысы, Қарағанды қ., Октябрь ауданы Магнитогорская көш.1;","Карагандинская область, г.Караганда, Октябрьский район ул. Магнитогорская 1;",null,null,"Утвержден"]
[39675667,39675667,"Закупки, не превышающие финансовый год",261,"003 Общеобразовательное обучение по специальным образовательным учебным программам","045 За счет субвенций из республиканского бюджета на образование","149 Приобретение прочих запасов","За счет бюджетных средств, за исключением средств софинансирования по правительственным внешним займам или связанным грантам","Товар","205210.900.000060","Желімдік біліктер жинағы","Набор клеевых стержней","желім тапаншасы үшін","для клеевого пистолета","Желім тапаншасына арналған желім таяқтарының жиынтығы, 12 дана.","Набор клеевых стержней для клеевого пистолета в комплекте 12 шт","Запрос ценовых предложений",null,"Запрос ценовых предложений","Комплект",3,600,1800,1800,null,null,"Май","Келісім-шарттың күшіне енген күннен бастап 15 күнтізбелік күн ішінде","В течении 15 календарных дней со дня вступления в силу Договора","351011100;","Қарағанды облысы, Қарағанды қ., Октябрь ауданы Магнитогорская көш.1;","Карагандинская область, г.Караганда, Октябрьский район ул. Магнитогорская 1;",null,null,"Утвержден"]
[39675783,39675783,"Закупки, не превышающие финансовый год",261,"003 Общеобразовательное обучение по специальным образовательным учебным программам","045 За счет субвенций из республиканского бюджета на образование","149 Приобретение прочих запасов","За счет бюджетных средств, за исключением средств софинансирования по правительственным внешним займам или связанным грантам","Товар","259318.900.000012","Түйреуіш","Булавка","кәдімгі, қара металлдардан","обычная, из черных металлов","250 ине жиынтығында «Глобус» кеңселік штыры","булавка канцелярская \"Глобус\" в наборе 250 иголочек","Запрос ценовых предложений",null,"Запрос ценовых предложений","Набор",2,800,1600,1600,null,null,"Май","Келісім-шарттың күшіне енген күннен бастап 15 күнтізбелік күн ішінде","В течении 15 календарных дней со дня вступления в силу Договора","351011100;","Қарағанды облысы, Қарағанды қ., Октябрь ауданы Магнитогорская көш.1;","Карагандинская область, г.Караганда, Октябрьский район ул. Магнитогорская 1;",null,null,"Утвержден"]
[39675925,39675925,"Закупки, не превышающие финансовый год",261,"003 Общеобразовательное обучение по специальным образовательным учебным программам","045 За счет субвенций из республиканского бюджета на образование","149 Приобретение прочих запасов","За счет бюджетных средств, за исключением средств софинансирования по правительственным внешним займам или связанным грантам","Товар","171214.500.000000","Картон","Картон","сызба, пішімі А4","чертежный, формат А4","бір дана ақ түсті картон 10 дана жиынтықта формат 21/30","картон белый односторонний А 4 в наборе 10 шт формат 21/30","Запрос ценовых предложений",null,"Запрос ценовых предложений","Упаковка",6,300,1800,1800,null,null,"Май","Келісім-шарттың күшіне енген күннен бастап 15 күнтізбелік күн ішінде","В течении 15 календарных дней со дня вступления в силу Договора","351011100;","Қарағанды облысы, Қарағанды қ., Октябрь ауданы Магнитогорская көш.1;","Карагандинская область, г.Караганда, Октябрьский район ул. Магнитогорская 1;",null,null,"Утвержден"]
[39676219,39676219,"Закупки, не превышающие финансовый год",261,"003 Общеобразовательное обучение по специальным образовательным учебным программам","045 За счет субвенций из республиканского бюджета на образование","149 Приобретение прочих запасов","За счет бюджетных средств, за исключением средств софинансирования по правительственным внешним займам или связанным грантам","Товар","151212.900.000058","Папка","Папка","іскерлік, пластмассадан жасалған","деловая, из пластмассы","Құжаттарды сақтауға арналған файл папкасы, темір аркалы механизм, бум винил қақпағы, папканың омыртқасындағы қалта. A4 + форматы. Омыртқаның ені 70 мм. Түсі көк. ГОСТ 28161-89.","Папка-регистратор для хранения документов, металлический арочный механизм, покрытие бумвинил, карман на корешке папки. Формат А4+. Ширина корешка 70 мм. Цвет синий. ГОСТ 28161-89.","Запрос ценовых предложений",null,"Запрос ценовых предложений","Штука",20,500,10000,10000,null,null,"Май","Келісім-шарттың күшіне енген күннен бастап 15 күнтізбелік күн ішінде","В течении 15 календарных дней со дня вступления в силу Договора","351011100;","Қарағанды облысы, Қарағанды қ., Октябрь ауданы Магнитогорская көш.1;","Карагандинская область, г.Караганда, Октябрьский район ул. Магнитогорская 1;",null,null,"Утвержден"]
[39677790,39677790,"Закупки, не превышающие финансовый год",261,"003 Общеобразовательное обучение по специальным образовательным учебным программам","045 За счет субвенций из республиканского бюджета на образование","149 Приобретение прочих запасов","За счет бюджетных средств, за исключением средств софинансирования по правительственным внешним займам или связанным грантам","Товар","222929.900.000184","Органайзер","Органайзер","пластикалы, айналмалы негізде","пластиковый, на вращающейся основе","жұмыс үстелін ұйымдастырушы Belingo FR 9 дана, айналмалы, көк түсті пластиктен жасалған материал","настольный органайзер Belingo FR 9 предметов, вращающийся, синяя материал пластик","Запрос ценовых предложений",null,"Запрос ценовых предложений","Штука",3,4000,12000,12000,null,null,"Май","Келісім-шарттың күшіне енген күннен бастап 15 күнтізбелік күн ішінде","В течении 15 календарных дней со дня вступления в силу Договора","351011100;","Қарағанды облысы, Қарағанды қ., Октябрь ауданы Магнитогорская көш.1;","Карагандинская область, г.Караганда, Октябрьский район ул. Магнитогорская 1;",null,null,"Утвержден"]
[39677918,39677918,"Закупки, не превышающие финансовый год",261,"003 Общеобразовательное обучение по специальным образовательным учебным программам","045 За счет субвенций из республиканского бюджета на образование","149 Приобретение прочих запасов","За счет бюджетных средств, за исключением средств софинансирования по правительственным внешним займам или связанным грантам","Товар","172313.300.000001","Дәптер","Тетрадь","жалпы","общая","Жалпы дәптер А5 форматында ұсынылған. Блок офсеттік қағаздан жасалған және тордағы 48 парақтан тұрады. Пішім: 170 х 203 мм кем емес, қақпағы: ультрафиолет лакпен 115 г / м2 екі жақты қапталған картон, бекіту: қатты металл тарақ, қара немесе ақ түсті 3: 1 9/16. Дәптердегі парақтардың ақтығы 80% ГОСТ 13309-90 құрайды.","Тетрадь общая представлена в формате А5. Внутренне листы выполнение из мелованный, офсетной  бумаги. Блок выполнен из офсетной бумаги и состоит из 48 листов в клетку. Формат не менее: 170 х 203 мм, обложка: двухсторонний мелованный картон 115 г/м2 с УФ лаковым покрытием, крепление: металлический гребень сплошной, черный или белый 3:1 9/16. Белизна листов в тетради — 80%.ГОСТ 13309-90.","Запрос ценовых предложений",null,"Запрос ценовых предложений","Штука",30,130,3900,3900,null,null,"Май","Келісім-шарттың күшіне енген күннен бастап 15 күнтізбелік күн ішінде","В течении 15 календарных дней со дня вступления в силу Договора","351011100;","Қарағанды облысы, Қарағанды қ., Октябрь ауданы Магнитогорская көш.1;","Карагандинская область, г.Караганда, Октябрьский район ул. Магнитогорская 1;",null,null,"Утвержден"]
[39677983,39677983,"Закупки, не превышающие финансовый год",261,"003 Общеобразовательное обучение по специальным образовательным учебным программам","045 За счет субвенций из республиканского бюджета на образование","149 Приобретение прочих запасов","За счет бюджетных средств, за исключением средств софинансирования по правительственным внешним займам или связанным грантам","Товар","172313.300.000001","Дәптер","Тетрадь","жалпы","общая","Жалпы дәптер А4 форматында ұсынылған. Блок офсеттік қағаздан жасалған және тордағы 96 парақтан тұрады.","Тетрадь общая представлена в формате А4. Блок выполнен из офсетной бумаги и состоит из 96 листов в клетку.","Запрос ценовых предложений",null,"Запрос ценовых предложений","Штука",30,400,12000,12000,null,null,"Май","Келісім-шарттың күшіне енген күннен бастап 15 күнтізбелік күн ішінде","В течении 15 календарных дней со дня вступления в силу Договора","351011100;","Қарағанды облысы, Қарағанды қ., Октябрь ауданы Магнитогорская көш.1;","Карагандинская область, г.Караганда, Октябрьский район ул. Магнитогорская 1;",null,null,"Утвержден"]
[39678132,39678132,"Закупки, не превышающие финансовый год",261,"003 Общеобразовательное обучение по специальным образовательным учебным программам","045 За счет субвенций из республиканского бюджета на образование","149 Приобретение прочих запасов","За счет бюджетных средств, за исключением средств софинансирования по правительственным внешним займам или связанным грантам","Товар","329912.130.000000","Кеңсе қаламы","Ручка канцелярская","шарикті","шариковая","шарикті қалам, виолончель IMPACT түпнұсқасы, 10 дана пакет, толтырғыш түсі көк, бағасы 1 дана","ручка шариковая Cello IMPACT оригинал в упаковке 10 шт, цвет стержня синий, цена за 1 штуку","Запрос ценовых предложений",null,"Запрос ценовых предложений","Штука",50,150,7500,7500,null,null,"Май","Келісім-шарттың күшіне енген күннен бастап 15 күнтізбелік күн ішінде","В течении 15 календарных дней со дня вступления в силу Договора","351011100;","Қарағанды облысы, Қарағанды қ., Октябрь ауданы Магнитогорская көш.1;","Карагандинская область, г.Караганда, Октябрьский район ул. Магнитогорская 1;",null,null,"Утвержден"]
[39678247,39678247,"Закупки, не превышающие финансовый год",261,"003 Общеобразовательное обучение по специальным образовательным учебным программам","045 За счет субвенций из республиканского бюджета на образование","149 Приобретение прочих запасов","За счет бюджетных средств, за исключением средств софинансирования по правительственным внешним займам или связанным грантам","Товар","329915.100.000000","Қарындаш","Карандаш","қарапайым","простой","қDolpgin өшіргіші бар қарапайым кеңсе қарындашы","простой карандаш канцелярский с ластиком Dolpgin","Запрос ценовых предложений",null,"Запрос ценовых предложений","Штука",100,30,3000,3000,null,null,"Май","Келісім-шарттың күшіне енген күннен бастап 15 күнтізбелік күн ішінде","В течении 15 календарных дней со дня вступления в силу Договора","351011100;","Қарағанды облысы, Қарағанды қ., Октябрь ауданы Магнитогорская көш.1;","Карагандинская область, г.Караганда, Октябрьский район ул. Магнитогорская 1;",null,null,"Утвержден"]
[39678321,39678321,"Закупки, не превышающие финансовый год",261,"003 Общеобразовательное обучение по специальным образовательным учебным программам","045 За счет субвенций из республиканского бюджета на образование","149 Приобретение прочих запасов","За счет бюджетных средств, за исключением средств софинансирования по правительственным внешним займам или связанным грантам","Товар","329959.900.000067","Штрих-корректор","Штрих-корректор","кеңселік","канцелярский","«Глексан» корректор-қарындаш, кемінде 8 мл, металл Dolpgin","Корректор-карандаш \"Глексан\"не менее 8мл, металлический наконечник Dolpgin","Запрос ценовых предложений",null,"Запрос ценовых предложений","Штука",50,150,7500,7500,null,null,"Май","Келісім-шарттың күшіне енген күннен бастап 15 күнтізбелік күн ішінде","В течении 15 календарных дней со дня вступления в силу Договора","351011100;","Қарағанды облысы, Қарағанды қ., Октябрь ауданы Магнитогорская көш.1;","Карагандинская область, г.Караганда, Октябрьский район ул. Магнитогорская 1;",null,null,"Утвержден"]
[39679217,39679217,"Закупки, не превышающие финансовый год",261,"003 Общеобразовательное обучение по специальным образовательным учебным программам","045 За счет субвенций из республиканского бюджета на образование","149 Приобретение прочих запасов","За счет бюджетных средств, за исключением средств софинансирования по правительственным внешним займам или связанным грантам","Товар","221973.210.000000","Өшіргіш","Ластик","жұмсақ","мягкий","өшіргіш ақ түсті 045-3435 Erich Krause City","ластик Erich Krause City белый 045-3435","Запрос ценовых предложений",null,"Запрос ценовых предложений","Штука",50,50,2500,2500,null,null,"Май","Келісім-шарттың күшіне енген күннен бастап 15 күнтізбелік күн ішінде","В течении 15 календарных дней со дня вступления в силу Договора","351011100;","Қарағанды облысы, Қарағанды қ., Октябрь ауданы Магнитогорская көш.1;","Карагандинская область, г.Караганда, Октябрьский район ул. Магнитогорская 1;",null,null,"Утвержден"]
[39679665,39679665,"Закупки, не превышающие финансовый год",261,"003 Общеобразовательное обучение по специальным образовательным учебным программам","045 За счет субвенций из республиканского бюджета на образование","149 Приобретение прочих запасов","За счет бюджетных средств, за исключением средств софинансирования по правительственным внешним займам или связанным грантам","Товар","222925.500.000009","Сызғыш","Линейка","өлшегіш, пластмасстан жасалған","измерительная, пластмассовая","ұстағышымен 30 см пластикалық сызғыш, мөлдір түсті LN 44","линейка 30 см пластиковый с держателем, прозрачная тонированная ЛН 44","Запрос ценовых предложений",null,"Запрос ценовых предложений","Штука",30,120,3600,3600,null,null,"Май","Келісім-шарттың күшіне енген күннен бастап 15 күнтізбелік күн ішінде","В течении 15 календарных дней со дня вступления в силу Договора","351011100;","Қарағанды облысы, Қарағанды қ., Октябрь ауданы Магнитогорская көш.1;","Карагандинская область, г.Караганда, Октябрьский район ул. Магнитогорская 1;",null,null,"Утвержден"]
[39679753,39679753,"Закупки, не превышающие финансовый год",261,"003 Общеобразовательное обучение по специальным образовательным учебным программам","045 За счет субвенций из республиканского бюджета на образование","149 Приобретение прочих запасов","За счет бюджетных средств, за исключением средств софинансирования по правительственным внешним займам или связанным грантам","Товар","222925.500.000012","Маркер","Маркер","пластикалы, жуылмайтын","пластиковый, нестираемый","мәтіндік маркерлер Office Space 4 тусти , 1-4мм HL4-9517","набор маркеров текстовых Office Space 4 цвета, 1-4мм HL4-9517","Запрос ценовых предложений",null,"Запрос ценовых предложений","Набор",5,450,2250,2250,null,null,"Май","Келісім-шарттың күшіне енген күннен бастап 15 күнтізбелік күн ішінде","В течении 15 календарных дней со дня вступления в силу Договора","351011100;","Қарағанды облысы, Қарағанды қ., Октябрь ауданы Магнитогорская көш.1;","Карагандинская область, г.Караганда, Октябрьский район ул. Магнитогорская 1;",null,null,"Утвержден"]
[39679874,39679874,"Закупки, не превышающие финансовый год",261,"003 Общеобразовательное обучение по специальным образовательным учебным программам","045 За счет субвенций из республиканского бюджета на образование","149 Приобретение прочих запасов","За счет бюджетных средств, за исключением средств софинансирования по правительственным внешним займам или связанным грантам","Товар","172312.700.000011","Жапсырма","Стикер","қағазды, белгілерге арналған","бумажный, для заметок","өздігінен жабысатын пластикалық жалаушалар, стрелка тәрізді бетбелгілер 45 * 12 мм 5 ашық бетбелгілері бар 20 бетбелгі","самоклеящиеся пластиковых флажки, закладки в виде стрелки 45*12 мм 5 ярких неоновых цветов по 20 закладок","Запрос ценовых предложений",null,"Запрос ценовых предложений","Штука",20,130,2600,2600,null,null,"Май","Келісім-шарттың күшіне енген күннен бастап 15 күнтізбелік күн ішінде","В течении 15 календарных дней со дня вступления в силу Договора","351011100;","Қарағанды облысы, Қарағанды қ., Октябрь ауданы Магнитогорская көш.1;","Карагандинская область, г.Караганда, Октябрьский район ул. Магнитогорская 1;",null,null,"Утвержден"]
[39679994,39679994,"Закупки, не превышающие финансовый год",261,"003 Общеобразовательное обучение по специальным образовательным учебным программам","045 За счет субвенций из республиканского бюджета на образование","149 Приобретение прочих запасов","За счет бюджетных средств, за исключением средств софинансирования по правительственным внешним займам или связанным грантам","Товар","329959.900.000081","Скотч","Скотч","полиэтиленді","полиэтиленовый","акрил негізіндегі желім, полипропиленнен жасалған, ашық түсті, 12 мм -30 м кеңсе лентасы","скотч канцелярский 12 мм - 30 м маленький, цвет прозрачный, изготовлен из полипропилена, клеевой слой на акриловой основе","Запрос ценовых предложений",null,"Запрос ценовых предложений","Штука",20,70,1400,1400,null,null,"Май","Келісім-шарттың күшіне енген күннен бастап 15 күнтізбелік күн ішінде","В течении 15 календарных дней со дня вступления в силу Договора","351011100;","Қарағанды облысы, Қарағанды қ., Октябрь ауданы Магнитогорская көш.1;","Карагандинская область, г.Караганда, Октябрьский район ул. Магнитогорская 1;",null,null,"Утвержден"]
[39680180,39680180,"Закупки, не превышающие финансовый год",261,"003 Общеобразовательное обучение по специальным образовательным учебным программам","045 За счет субвенций из республиканского бюджета на образование","149 Приобретение прочих запасов","За счет бюджетных средств, за исключением средств софинансирования по правительственным внешним займам или связанным грантам","Товар","259923.300.000000","Қысқыш","Зажим","кеңселік","канцелярский","25 мм түсті қағаз қыстырғыштар, кем дегенде 100 дана пакетте","Скрепки канцелярские 25 мм цветные, в упаковке не менее 100 штук","Запрос ценовых предложений",null,"Запрос ценовых предложений","Упаковка",10,140,1400,1400,null,null,"Май","Келісім-шарттың күшіне енген күннен бастап 15 күнтізбелік күн ішінде","В течении 15 календарных дней со дня вступления в силу Договора","351011100;","Қарағанды облысы, Қарағанды қ., Октябрь ауданы Магнитогорская көш.1;","Карагандинская область, г.Караганда, Октябрьский район ул. Магнитогорская 1;",null,null,"Утвержден"]
[39680454,39680454,"Закупки, не превышающие финансовый год",261,"003 Общеобразовательное обучение по специальным образовательным учебным программам","045 За счет субвенций из республиканского бюджета на образование","149 Приобретение прочих запасов","За счет бюджетных средств, за исключением средств софинансирования по правительственным внешним займам или связанным грантам","Товар","172313.100.000004","Журнал","Журнал","есепке алу үшін","для учета","бұйрықтарды тіркеу  журналы 2 тілде (каз, рус)","журнал регистрации приказов на 2-х языках (каз, рус.)","Запрос ценовых предложений",null,"Запрос ценовых предложений","Штука",5,750,3750,3750,null,null,"Январь","Келісім-шарттың күшіне енген күннен бастап 15 күнтізбелік күн ішінде","В течении 15 календарных дней со дня вступления в силу Договора","351011100;","Қарағанды облысы, Қарағанды қ., Октябрь ауданы Магнитогорская көш.1;","Карагандинская область, г.Караганда, Октябрьский район ул. Магнитогорская 1;",null,null,"Утвержден"]
[39680602,39680602,"Закупки, не превышающие финансовый год",261,"003 Общеобразовательное обучение по специальным образовательным учебным программам","045 За счет субвенций из республиканского бюджета на образование","149 Приобретение прочих запасов","За счет бюджетных средств, за исключением средств софинансирования по правительственным внешним займам или связанным грантам","Товар","172313.100.000004","Журнал","Журнал","есепке алу үшін","для учета","шығыс хат-хабар журналы","журнал регистрации исходящих корреспонденции","Запрос ценовых предложений",null,"Запрос ценовых предложений","Штука",5,750,3750,3750,null,null,"Январь","Келісім-шарттың күшіне енген күннен бастап 15 күнтізбелік күн ішінде","В течении 15 календарных дней со дня вступления в силу Договора","351011100;","Қарағанды облысы, Қарағанды қ., Октябрь ауданы Магнитогорская көш.1;","Карагандинская область, г.Караганда, Октябрьский район ул. Магнитогорская 1;",null,null,"Утвержден"]
[39680680,39680680,"Закупки, не превышающие финансовый год",261,"003 Общеобразовательное обучение по специальным образовательным учебным программам","045 За счет субвенций из республиканского бюджета на образование","149 Приобретение прочих запасов","За счет бюджетных средств, за исключением средств софинансирования по правительственным внешним займам или связанным грантам","Товар","172313.100.000004","Журнал","Журнал","есепке алу үшін","для учета","кіріс хат-хабарларды тіркеу журналы","журнал регистрации входящих корреспонденции","Запрос ценовых предложений",null,"Запрос ценовых предложений","Штука",5,750,3750,3750,null,null,"Январь","Келісім-шарттың күшіне енген күннен бастап 15 күнтізбелік күн ішінде","В течении 15 календарных дней со дня вступления в силу Договора","351011100;","Қарағанды облысы, Қарағанды қ., Октябрь ауданы Магнитогорская көш.1;","Карагандинская область, г.Караганда, Октябрьский район ул. Магнитогорская 1;",null,null,"Утвержден"]
[39680736,39680736,"Закупки, не превышающие финансовый год",261,"003 Общеобразовательное обучение по специальным образовательным учебным программам","045 За счет субвенций из республиканского бюджета на образование","149 Приобретение прочих запасов","За счет бюджетных средств, за исключением средств софинансирования по правительственным внешним займам или связанным грантам","Товар","172313.100.000004","Журнал","Журнал","есепке алу үшін","для учета","куәліктерді тіркеу журналы, құжаттардың көшірмелері, үзінділер","журнал регистрации справок, копии документов, выписок","Запрос ценовых предложений",null,"Запрос ценовых предложений","Штука",5,750,3750,3750,null,null,"Январь","Келісім-шарттың күшіне енген күннен бастап 15 күнтізбелік күн ішінде","В течении 15 календарных дней со дня вступления в силу Договора","351011100;","Қарағанды облысы, Қарағанды қ., Октябрь ауданы Магнитогорская көш.1;","Карагандинская область, г.Караганда, Октябрьский район ул. Магнитогорская 1;",null,null,"Утвержден"]
[39680858,39680858,"Закупки, не превышающие финансовый год",261,"003 Общеобразовательное обучение по специальным образовательным учебным программам","045 За счет субвенций из республиканского бюджета на образование","149 Приобретение прочих запасов","За счет бюджетных средств, за исключением средств софинансирования по правительственным внешним займам или связанным грантам","Товар","205930.000.000004","Сия","Чернила","басып шығарушы плоттерге арналған","для печатающего плоттера","баспаға арналған сия және маркалар 70мл «Гамма» «Радуга» күлгін","чернила для печати и штампов 70мл \"Гамма\" \"Радуга\" фиолетовые","Запрос ценовых предложений",null,"Запрос ценовых предложений","Штука",50,150,7500,7500,null,null,"Январь","Келісім-шарттың күшіне енген күннен бастап 15 күнтізбелік күн ішінде","В течении 15 календарных дней со дня вступления в силу Договора","351011100;","Қарағанды облысы, Қарағанды қ., Октябрь ауданы Магнитогорская көш.1;","Карагандинская область, г.Караганда, Октябрьский район ул. Магнитогорская 1;",null,null,"Утвержден"]
[39681164,39681164,"Закупки, не превышающие финансовый год",261,"003 Общеобразовательное обучение по специальным образовательным учебным программам","045 За счет субвенций из республиканского бюджета на образование","149 Приобретение прочих запасов","За счет бюджетных средств, за исключением средств софинансирования по правительственным внешним займам или связанным грантам","Товар","274039.900.000025","Жарық диодты шам","Лампа светодиодная","цоколь типі E27, қуаты 9 Вт","тип цоколя E27, мощность 9 Вт","Жарықдиодты шам, шамның пішіні A60, қуаты 9 Вт-тан кем емес, кернеуі 220В, түс температурасы 4000-6500K, негізі E27","Лампа светодиодная, форма колбы А60, мощность не менее 9Вт, напряжение 220В, цветовая температура 4000-6500К, цоколь Е27","Запрос ценовых предложений",null,"Запрос ценовых предложений","Штука",100,500,50000,50000,null,null,"Май","Келісім-шарттың күшіне енген күннен бастап 15 күнтізбелік күн ішінде","В течении 15 календарных дней со дня вступления в силу Договора","351011100;","Қарағанды облысы, Қарағанды қ., Октябрь ауданы Магнитогорская көш.1;","Карагандинская область, г.Караганда, Октябрьский район ул. Магнитогорская 1;",null,null,"Утвержден"]
[39681197,39681197,"Закупки, не превышающие финансовый год",261,"003 Общеобразовательное обучение по специальным образовательным учебным программам","045 За счет субвенций из республиканского бюджета на образование","149 Приобретение прочих запасов","За счет бюджетных средств, за исключением средств софинансирования по правительственным внешним займам или связанным грантам","Товар","204141.000.000010","Дезинфекциялау құралы","Средство дезинфицирующее","унитаздың су жіберетін кіші багына арналған","для сливного бачка унитаза","Жақсартылған гель тәрізді формуласы бар санитарлық-гигиеналық құралдарға арналған Sanox гель тазартқышы ракровки, ванна, дәретхана, плитка, саздан жасалған бұйымдардан кірді кетіруге арналған. Сауда маркасы: Лейлек. Өнімнің салмағы: 0,75 кг кем емес.","Чистящее средство для сантехники Санокс гель с улучшенной гелеобразной формулой предназначено для удаления загрязнений ракровин, ванн, унитазов, кафеля, фаянсовых изделий. Торговая марка: Аист. Вес продукта: не менее 0.75 кг.","Запрос ценовых предложений",null,"Запрос ценовых предложений","Штука",80,600,48000,48000,null,null,"Январь","Келісім-шарттың күшіне енген күннен бастап 15 күнтізбелік күн ішінде","В течении 15 календарных дней со дня вступления в силу Договора","351011100;","Қарағанды облысы, Қарағанды қ., Октябрь ауданы Магнитогорская көш.1;","Карагандинская область, г.Караганда, Октябрьский район ул. Магнитогорская 1;",null,null,"Утвержден"]
[39682051,39682051,"Закупки, не превышающие финансовый год",261,"003 Общеобразовательное обучение по специальным образовательным учебным программам","045 За счет субвенций из республиканского бюджета на образование","149 Приобретение прочих запасов","За счет бюджетных средств, за исключением средств софинансирования по правительственным внешним займам или связанным грантам","Товар","204131.900.000001","Сабын","Мыло","дәретханалық, қатты","туалетное, твердое","Балаларға арналған дәретхана сабыны ГОСТ 28546-2002, салмағы 180гр-ден кем емес. Аллергия тудырмайды. Барлық тері типтеріне арналған","Мыло туалетное Детское ГОСТ 28546-2002, вес не менее 180гр. Не вызывает аллергии. Для любых типов кожи.","Запрос ценовых предложений",null,"Запрос ценовых предложений","Штука",200,130,26000,26000,null,null,"Январь","Келісім-шарттың күшіне енген күннен бастап 15 күнтізбелік күн ішінде","В течении 15 календарных дней со дня вступления в силу Договора","351011100;","Қарағанды облысы, Қарағанды қ., Октябрь ауданы Магнитогорская көш.1;","Карагандинская область, г.Караганда, Октябрьский район ул. Магнитогорская 1  ;",null,null,"Утвержден"]
[39682091,39682091,"Закупки, не превышающие финансовый год",261,"003 Общеобразовательное обучение по специальным образовательным учебным программам","045 За счет субвенций из республиканского бюджета на образование","149 Приобретение прочих запасов","За счет бюджетных средств, за исключением средств софинансирования по правительственным внешним займам или связанным грантам","Товар","204132.790.000001","Тазарту құралы","Средство чистящее","беткейлерді дезинфекциялау үшін, ұнтақ тәрізді","для дезинфекции поверхностей, порошкообразное","Дезинфекциялайтын қасиеттері бар тазалағыш ұнтақ, хлоринол қосылған лимон, өндіруші «Procter End Gamble-Novomoskovsk», ГОСТ / ТУ 2383-074-00204300-98, полиэтилен пакеттерде 400гр.","Порошок чистящий с дезинфицирующими свойствами Соmet Лимон с хлоринолом, производитель \"Проктер Энд Гэмбл- Новомосковск\", ГОСТ/ТУ 2383-074-00204300-98, в п/э пакетах 400гр.","Запрос ценовых предложений",null,"Запрос ценовых предложений","Штука",150,300,45000,45000,null,null,"Январь","Келісім-шарттың күшіне енген күннен бастап 15 күнтізбелік күн ішінде","В течении 15 календарных дней со дня вступления в силу Договора","351011100;","Қарағанды облысы, Қарағанды қ., Октябрь ауданы Магнитогорская көш.1;","Карагандинская область, г.Караганда, Октябрьский район ул. Магнитогорская 1  ;",null,null,"Утвержден"]
[39682168,39682168,"Закупки, не превышающие финансовый год",261,"003 Общеобразовательное обучение по специальным образовательным учебным программам","045 За счет субвенций из республиканского бюджета на образование","149 Приобретение прочих запасов","За счет бюджетных средств, за исключением средств софинансирования по правительственным внешним займам или связанным грантам","Товар","204144.000.000004","Ұнтақ","Порошок","қақтан, қақ пайда болуын болдырмау үшін","от накипи, для предотвращения появления накипи","Су жұмсартқыш және масштабқа қарсы өнім. CALGON 2IN1 суды жұмсартуға арналған қақ тазартқыш агент, кем дегенде 550 г пакетте, ГОСТ Р 51696-2000.","Средство для смягчения воды и предотвращения образования накипи. Средство от накипи CALGON 2IN1 для умягчения воды, в упаковке не менее 550 г. ГОСТ Р 51696-2000.","Запрос ценовых предложений",null,"Запрос ценовых предложений","Штука",50,1700,85000,85000,null,null,"Январь","Келісім-шарттың күшіне енген күннен бастап 15 күнтізбелік күн ішінде","В течении 15 календарных дней со дня вступления в силу Договора","351011100;","Қарағанды облысы, Қарағанды қ., Октябрь ауданы Магнитогорская көш.1;","Карагандинская область, г.Караганда, Октябрьский район ул. Магнитогорская 1;",null,null,"Утвержден"]
[39682234,39682234,"Закупки, не превышающие финансовый год",261,"003 Общеобразовательное обучение по специальным образовательным учебным программам","045 За счет субвенций из республиканского бюджета на образование","149 Приобретение прочих запасов","За счет бюджетных средств, за исключением средств софинансирования по правительственным внешним займам или связанным грантам","Товар","204131.530.000001","Ұнтақ","Порошок","кір жуатын, арнайы мақсаттағы","стиральный, специального назначения","Ұнтақ жуғыш зат кез-келген кір жуғыш машинада жууға жарайды. TIDE Color Expert жуғыш ұнтағы, өндірісі: Procter & Gamble, GOST R 52488-2005.","Стиральный порошок предназначен для стирки в стиральных машинах любого типа. Порошок для стирки TIDE Color Expert, производство: Проктер энд Гэмбл, ГОСТ Р 52488-2005.","Запрос ценовых предложений",null,"Запрос ценовых предложений","Килограмм",200,520,104000,104000,null,null,"Январь","Келісім-шарттың күшіне енген күннен бастап 15 күнтізбелік күн ішінде","В течении 15 календарных дней со дня вступления в силу Договора","351011100;","Қарағанды облысы, Қарағанды қ., Октябрь ауданы Магнитогорская көш.1;","Карагандинская область, г.Караганда, Октябрьский район ул. Магнитогорская 1;",null,null,"Утвержден"]
[39682491,39682491,"Закупки, не превышающие финансовый год",261,"003 Общеобразовательное обучение по специальным образовательным учебным программам","045 За счет субвенций из республиканского бюджета на образование","149 Приобретение прочих запасов","За счет бюджетных средств, за исключением средств софинансирования по правительственным внешним займам или связанным грантам","Товар","204131.530.000001","Ұнтақ","Порошок","кір жуатын, арнайы мақсаттағы","стиральный, специального назначения","Кір жуғыш ұнтақ «Аязды балғындық» мифі қолмен жууға арналған, ГОСТ 25644-96, кем дегенде 400 гр.","Стиральный порошок Миф \"Морозная свежесть\" предназначен для ручной стирки, ГОСТ 25644-96, в пачке не менее 400 гр.","Запрос ценовых предложений",null,"Запрос ценовых предложений","Штука",200,240,48000,48000,null,null,"Январь","Келісім-шарттың күшіне енген күннен бастап 15 күнтізбелік күн ішінде","В течении 15 календарных дней со дня вступления в силу Договора","351011100;","Қарағанды облысы, Қарағанды қ., Октябрь ауданы Магнитогорская көш.1;","Карагандинская область, г.Караганда, Октябрьский район ул. Магнитогорская 1;",null,null,"Утвержден"]
[39682688,39682688,"Закупки, не превышающие финансовый год",261,"003 Общеобразовательное обучение по специальным образовательным учебным программам","045 За счет субвенций из республиканского бюджета на образование","149 Приобретение прочих запасов","За счет бюджетных средств, за исключением средств софинансирования по правительственным внешним займам или связанным грантам","Товар","204132.570.000000","Жуу құралы","Средство моющее","ыдыс-аяқ жууға арналған, гель","для мытья посуды, гель","Ыдыс жуу үшін арналған Fairy гелі, көлемі 450 мл кем емес, өндіруші ЖШҚ \"Проктер энд Гэмбл-Новомосковск\",ГОСТ Р51021-97.","Моющее средство гелевое Fairy,объем не менее 450мл, производство \"Проктер энд Гэмбл-Новомосковск, ГОСТ Р51021-97.","Запрос ценовых предложений",null,"Запрос ценовых предложений","Штука",200,400,80000,80000,null,null,"Январь","Келісім-шарттың күшіне енген күннен бастап 15 күнтізбелік күн ішінде","В течении 15 календарных дней со дня вступления в силу Договора","351011100;","Қарағанды облысы, Қарағанды қ., Октябрь ауданы Магнитогорская көш.1;","Карагандинская область, г.Караганда, Октябрьский район ул. Магнитогорская 1;",null,null,"Утвержден"]
[39682761,39682761,"Закупки, не превышающие финансовый год",261,"003 Общеобразовательное обучение по специальным образовательным учебным программам","045 За счет субвенций из республиканского бюджета на образование","149 Приобретение прочих запасов","За счет бюджетных средств, за исключением средств софинансирования по правительственным внешним займам или связанным грантам","Товар","141230.100.000001","Қолғаптар","Перчатки","бір реттік, латексті","одноразовые, латексные","Резеңке қолғап, өлшемі L, материалы - резеңке, түсі - сары.","Перчатки резиновые, размер L, материал – резина, цвет - желтый.","Запрос ценовых предложений",null,"Запрос ценовых предложений","Пара",200,250,50000,50000,null,null,"Январь","Келісім-шарттың күшіне енген күннен бастап 15 күнтізбелік күн ішінде","В течении 15 календарных дней со дня вступления в силу Договора","351011100;","Қарағанды облысы, Қарағанды қ., Октябрь ауданы Магнитогорская көш.1;","Карагандинская область, г.Караганда, Октябрьский район ул. Магнитогорская 1  ;",null,null,"Утвержден"]
[39682905,39682905,"Закупки, не превышающие финансовый год",261,"003 Общеобразовательное обучение по специальным образовательным учебным программам","045 За счет субвенций из республиканского бюджета на образование","149 Приобретение прочих запасов","За счет бюджетных средств, за исключением средств софинансирования по правительственным внешним займам или связанным грантам","Товар","202014.900.000010","Дезинфекциялау құралы","Средство дезинфицирующее","дихлоризоцианур қышқылының натрий тұзы негізінде","на основе натриевой соли дихлоризоциануровой кислот","гипохлорид кальций сухой (в пластиковой бочке 50кг)","гипохлорид кальций сухой (в пластиковой бочке 50кг)","Запрос ценовых предложений",null,"Запрос ценовых предложений","Килограмм",150,800,120000,120000,null,null,"Январь","Келісім-шарттың күшіне енген күннен бастап 15 күнтізбелік күн ішінде","В течении 15 календарных дней со дня вступления в силу Договора","351011100;","Қарағанды облысы, Қарағанды қ., Октябрь ауданы Магнитогорская көш.1;","Карагандинская область, г.Караганда, Октябрьский район ул. Магнитогорская 1  ;",null,null,"Утвержден"]
[39683313,39683313,"Закупки, не превышающие финансовый год",261,"003 Общеобразовательное обучение по специальным образовательным учебным программам","045 За счет субвенций из республиканского бюджета на образование","149 Приобретение прочих запасов","За счет бюджетных средств, за исключением средств софинансирования по правительственным внешним займам или связанным грантам","Товар","235210.330.000000","Әк","Известь","сөндірілмеген, 1 сұрып, кесек, кальцийлі, тез сөнетін","негашеная, 1 сорт, комовая, кальциевая, быстрогасящаяся","Ақ қайнатылған әктас (қайнатылған) әк","Белая негашеная комовая (кипелка) известь","Запрос ценовых предложений",null,"Запрос ценовых предложений","Килограмм",100,120,12000,12000,null,null,"Май","Келісім-шарттың күшіне енген күннен бастап 15 күнтізбелік күн ішінде","В течении 15 календарных дней со дня вступления в силу Договора","351011100;","Қарағанды облысы, Қарағанды қ., Октябрь ауданы Магнитогорская көш.1;","Карагандинская область, г.Караганда, Октябрьский район ул. Магнитогорская 1;",null,null,"Утвержден"]
[39684732,39684732,"Закупки, не превышающие финансовый год",261,"003 Общеобразовательное обучение по специальным образовательным учебным программам","045 За счет субвенций из республиканского бюджета на образование","149 Приобретение прочих запасов","За счет бюджетных средств, за исключением средств софинансирования по правительственным внешним займам или связанным грантам","Товар","259912.400.000072","Үккіш","Терка","болат","стальная","OfficeClean тазартқыш губкалары, метал, түрі: қатты, пішіні: дөңгелек, қаптамада кем дегенде 6 дана.","Губки для посуды OfficeClean, металлические, тип: жесткая, форма: круглая, в упаковке не менее 6шт.","Запрос ценовых предложений",null,"Запрос ценовых предложений","Упаковка",30,220,6600,6600,null,null,"Май","Келісім-шарттың күшіне енген күннен бастап 15 күнтізбелік күн ішінде","В течении 15 календарных дней со дня вступления в силу Договора","351011100;","Қарағанды облысы, Қарағанды қ., Октябрь ауданы Магнитогорская көш.1;","Карагандинская область, г.Караганда, Октябрьский район ул. Магнитогорская 1;",null,null,"Утвержден"]
[39686482,39686482,"Закупки, не превышающие финансовый год",261,"003 Общеобразовательное обучение по специальным образовательным учебным программам","045 За счет субвенций из республиканского бюджета на образование","149 Приобретение прочих запасов","За счет бюджетных средств, за исключением средств софинансирования по правительственным внешним займам или связанным грантам","Товар","222211.900.000002","Қап","Мешок","қоқысқа арналған, полиэтиленді","для мусора, полиэтиленовый","Кем дегенде 60 литр қоқыс пакеттері, әсіресе: орамда кем дегенде 30 дана бар, бір қоқыс дорбасының мөлшері кемінде 65 см х 70 см, қалыңдығы кемінде 20 микрон. ГОСТ 2293-004-13382032-2012.","Мешки для мусора не менее 60 л, особенности: в ролике не менее 30 штук, размер одного мусорного пакета не менее 65 см х 70 см., толщина не менее 20 мкм. ГОСТ 2293-004-13382032-2012.","Запрос ценовых предложений",null,"Запрос ценовых предложений","Рулон",300,300,90000,90000,null,null,"Январь","Келісім-шарттың күшіне енген күннен бастап 15 күнтізбелік күн ішінде","В течении 15 календарных дней со дня вступления в силу Договора","351010000;","Қарағанды облысы, Қарағанды қ. Магнитогорская көш.1;","Карагандинская область, г.Караганда ул. Магнитогорская 1;",null,null,"Утвержден"]
[39686736,39686736,"Закупки, не превышающие финансовый год",261,"003 Общеобразовательное обучение по специальным образовательным учебным программам","045 За счет субвенций из республиканского бюджета на образование","149 Приобретение прочих запасов","За счет бюджетных средств, за исключением средств софинансирования по правительственным внешним займам или связанным грантам","Товар","201321.110.000002","Хлор","Хлор","сұйықтық","жидкость","Дезинфекциялаушы әсері бар ақтығы. Өндіруші: ҚР, Павлодар қ., «Казбытхим» ЖШС. ГОСТ 51696-2000","Белизна с дезинфицирующим эффектом. Изготовитель: РК, г.Павлодар ,ТОО \"Казбытхим\". ГОСТ 51696-2000.","Запрос ценовых предложений",null,"Запрос ценовых предложений","Бутылка",100,200,20000,20000,null,null,"Январь","Келісім-шарттың күшіне енген күннен бастап 15 күнтізбелік күн ішінде","В течении 15 календарных дней со дня вступления в силу Договора","351011100;","Қарағанды облысы, Қарағанды қ., Октябрь ауданы Магнитогорская көш.1;","Карагандинская область, г.Караганда, Октябрьский район ул. Магнитогорская 1;",null,null,"Утвержден"]
[39687021,39687021,"Закупки, не превышающие финансовый год",261,"003 Общеобразовательное обучение по специальным образовательным учебным программам","045 За счет субвенций из республиканского бюджета на образование","149 Приобретение прочих запасов","За счет бюджетных средств, за исключением средств софинансирования по правительственным внешним займам или связанным грантам","Товар","139229.990.000011","Ескі-құсқы нәрсе","Ветошь","зығырдан, трикотажды","льняная, трикотажная","Барлық беттерге арналған майлық. Өнім параметрлерге сәйкес келуі керек: құрамы: микроталшық, түсі: түрлі-түсті, өлшемі: 32х32 см.Салфетка кез-келген беттерден суды, шаңды, кірді және майды сіңіріп, тегіс беттерді: айналар, терезелер, теледидар экрандары, плиткаларды тазалауы керек. Ылғал және құрғақ тазалауға сай болуы керек. Майлықтың сақтау мерзімі шектеулі емес. Өнім ГОСТ 14644-5-2005 сәйкес келуі керек","Салфетка для любых поверхностей. Товар должен соответствовать параметрам: состав: микрофибра, цвет:разноцветные, размер: 32х32 см. Салфетка должна впитывать воду, пыль, грязь и жир с любых поверхностей, очищать гладкие поверхности: зеркала, окна, экраны телевизоров, кафельную плитку. Должна подходить для сухой и влажной уборки. Срок годности салфетки не ограничен. Товар должен соответствовать ГОСТ 14644-5-2005","Запрос ценовых предложений",null,"Запрос ценовых предложений","Штука",100,400,40000,40000,null,null,"Май","Келісім-шарттың күшіне енген күннен бастап 15 күнтізбелік күн ішінде","В течении 15 календарных дней со дня вступления в силу Договора","351011100;","Қарағанды облысы, Қарағанды қ., Октябрь ауданы Магнитогорская көш.1;","Карагандинская область, г.Караганда, Октябрьский район ул. Магнитогорская 1;",null,null,"Утвержден"]
[39687226,39687226,"Закупки, не превышающие финансовый год",261,"003 Общеобразовательное обучение по специальным образовательным учебным программам","045 За счет субвенций из республиканского бюджета на образование","149 Приобретение прочих запасов","За счет бюджетных средств, за исключением средств софинансирования по правительственным внешним займам или связанным грантам","Товар","171220.900.000001","Майлық","Салфетка","қағаздан, асхана","бумажная, столовая","ПОЛОТЕНЦЕ БУМАЖНОЕ \"LOTTI\", ДВУХСЛОЙНОЕ, не менее 2рулонов в упаковке, белое. ГОСТ Р 52354-2005.","ПОЛОТЕНЦЕ БУМАЖНОЕ \"LOTTI\", ДВУХСЛОЙНОЕ, не менее 2рулонов в упаковке, белое. ГОСТ Р 52354-2005.","Запрос ценовых предложений",null,"Запрос ценовых предложений","Упаковка",50,450,22500,22500,null,null,"Май","Келісім-шарттың күшіне енген күннен бастап 15 күнтізбелік күн ішінде","В течении 15 календарных дней со дня вступления в силу Договора","351011100;","Қарағанды облысы, Қарағанды қ., Октябрь ауданы Магнитогорская көш.1;","Карагандинская область, г.Караганда, Октябрьский район ул. Магнитогорская 1;",null,null,"Утвержден"]
[39687310,39687310,"Закупки, не превышающие финансовый год",261,"003 Общеобразовательное обучение по специальным образовательным учебным программам","045 За счет субвенций из республиканского бюджета на образование","149 Приобретение прочих запасов","За счет бюджетных средств, за исключением средств софинансирования по правительственным внешним займам или связанным грантам","Товар","139229.990.000009","Ескі-құсқы нәрсе","Ветошь","зығырдан, тоқылған","льняная, тканая","Тряпка для мытья пола техническая OfficeClean, хлопок, ширина не менее 1,4м.","Тряпка для мытья пола техническая OfficeClean, хлопок, ширина не менее 1,4м.","Запрос ценовых предложений",null,"Запрос ценовых предложений","Метр погонный",200,200,40000,40000,null,null,"Май","Келісім-шарттың күшіне енген күннен бастап 15 күнтізбелік күн ішінде","В течении 15 календарных дней со дня вступления в силу Договора","351011100;","Қарағанды облысы, Қарағанды қ., Октябрь ауданы Магнитогорская көш.1;","Карагандинская область, г.Караганда, Октябрьский район ул. Магнитогорская 1;",null,null,"Утвержден"]
[39687537,39687537,"Закупки, не превышающие финансовый год",261,"003 Общеобразовательное обучение по специальным образовательным учебным программам","045 За счет субвенций из республиканского бюджета на образование","149 Приобретение прочих запасов","За счет бюджетных средств, за исключением средств софинансирования по правительственным внешним займам или связанным грантам","Товар","204131.500.000000","Сабын","Мыло","шаруашылық, сұйық","хозяйственное, жидкое","дәретханаға арналған сұйық сабын 5 л банкада","туалетное жидкое мыло 5 л в банке","Запрос ценовых предложений",null,"Запрос ценовых предложений","Литр (куб. дм.)",150,300,45000,45000,null,null,"Май","Келісім-шарттың күшіне енген күннен бастап 15 күнтізбелік күн ішінде","В течении 15 календарных дней со дня вступления в силу Договора","351011100;","Қарағанды облысы, Қарағанды қ., Октябрь ауданы Магнитогорская көш.1;","Карагандинская область, г.Караганда, Октябрьский район ул. Магнитогорская 1;",null,null,"Утвержден"]
[39687606,39687606,"Закупки, не превышающие финансовый год",261,"003 Общеобразовательное обучение по специальным образовательным учебным программам","045 За счет субвенций из республиканского бюджета на образование","149 Приобретение прочих запасов","За счет бюджетных средств, за исключением средств софинансирования по правительственным внешним займам или связанным грантам","Товар","329111.900.000006","Сыпыртқы","Веник","жинау үшін","для уборки","құмай сыпырғыш","веник сорго","Запрос ценовых предложений",null,"Запрос ценовых предложений","Штука",50,500,25000,25000,null,null,"Май","Келісім-шарттың күшіне енген күннен бастап 15 күнтізбелік күн ішінде","В течении 15 календарных дней со дня вступления в силу Договора","351011100;","Қарағанды облысы, Қарағанды қ., Октябрь ауданы Магнитогорская көш.1;","Карагандинская область, г.Караганда, Октябрьский район ул. Магнитогорская 1;",null,null,"Утвержден"]
[39687716,39687716,"Закупки, не превышающие финансовый год",261,"003 Общеобразовательное обучение по специальным образовательным учебным программам","045 За счет субвенций из республиканского бюджета на образование","149 Приобретение прочих запасов","За счет бюджетных средств, за исключением средств софинансирования по правительственным внешним займам или связанным грантам","Товар","222923.700.000010","Шелек","Ведро","пластиктен жасалған, көлемі 7-15 л","из пластика, объем 7-15 л","пластикалық шелек 10л","ведро пластмассовое 10л","Запрос ценовых предложений",null,"Запрос ценовых предложений","Штука",20,500,10000,10000,null,null,"Май","Келісім-шарттың күшіне енген күннен бастап 15 күнтізбелік күн ішінде","В течении 15 календарных дней со дня вступления в силу Договора","351011100;","Қарағанды облысы, Қарағанды қ., Октябрь ауданы Магнитогорская көш.1;","Карагандинская область, г.Караганда, Октябрьский район ул. Магнитогорская 1;",null,null,"Утвержден"]
[39688521,39688521,"Закупки, не превышающие финансовый год",261,"003 Общеобразовательное обучение по специальным образовательным учебным программам","045 За счет субвенций из республиканского бюджета на образование","149 Приобретение прочих запасов","За счет бюджетных средств, за исключением средств софинансирования по правительственным внешним займам или связанным грантам","Товар","205210.900.000023","Желім","Клей","сұйық шегелер","жидкие гвозди","Клей монтажный KRAFTOOL 41341_z01, жидкие гвозди, KN-601, универсальный, для наружных и внутренних работ, 310 мл","Клей монтажный KRAFTOOL 41341_z01, жидкие гвозди, KN-601, универсальный, для наружных и внутренних работ, 310 мл","Запрос ценовых предложений",null,"Запрос ценовых предложений","Штука",10,1200,12000,12000,null,null,"Май","Келісім-шарттың күшіне енген күннен бастап 15 күнтізбелік күн ішінде","В течении 15 календарных дней со дня вступления в силу Договора","351011100;","Қарағанды облысы, Қарағанды қ., Октябрь ауданы Магнитогорская көш.1;","Карагандинская область, г.Караганда, Октябрьский район ул. Магнитогорская 1;",null,null,"Утвержден"]
[39688631,39688631,"Закупки, не превышающие финансовый год",261,"003 Общеобразовательное обучение по специальным образовательным учебным программам","045 За счет субвенций из республиканского бюджета на образование","149 Приобретение прочих запасов","За счет бюджетных средств, за исключением средств софинансирования по правительственным внешним займам или связанным грантам","Товар","281413.730.000007","Шарлы кран","Кран шаровой","жез, шартты қысымы 0-420 Мпа, диаметрі 10-1400 мм, қолмен жасалатын","латунный, условное давление 0-420 Мпа, диаметр 10-1400 мм, ручной","Ткран шаровой 20 внутренней рез обоих сторон","кран шаровой 20 внутренней рез обоих сторон","Запрос ценовых предложений",null,"Запрос ценовых предложений","Штука",50,2500,125000,125000,null,null,"Май","Келісім-шарттың күшіне енген күннен бастап 15 күнтізбелік күн ішінде","В течении 15 календарных дней со дня вступления в силу Договора","351011100;","Қарағанды облысы, Қарағанды қ., Октябрь ауданы Магнитогорская көш.1;","Карагандинская область, г.Караганда, Октябрьский район ул. Магнитогорская 1;",null,null,"Утвержден"]
[39689056,39689056,"Закупки, не превышающие финансовый год",261,"003 Общеобразовательное обучение по специальным образовательным учебным программам","045 За счет субвенций из республиканского бюджета на образование","149 Приобретение прочих запасов","За счет бюджетных средств, за исключением средств софинансирования по правительственным внешним займам или связанным грантам","Товар","222121.500.000006","Фан құбыр","Труба фановая","пластик, диаметр 110 мм, бұрышы 45˚","пластиковая, диаметр 110 мм, угол 45˚","труба канализационная ПВХ 50/2000","труба канализационная ПВХ 50/2000","Запрос ценовых предложений",null,"Запрос ценовых предложений","Метр",50,890,44500,44500,null,null,"Май","Келісім-шарттың күшіне енген күннен бастап 15 күнтізбелік күн ішінде","В течении 15 календарных дней со дня вступления в силу Договора","351011100;","Қарағанды облысы, Қарағанды қ., Октябрь ауданы Магнитогорская көш.1;","Карагандинская область, г.Караганда, Октябрьский район ул. Магнитогорская 1;",null,null,"Утвержден"]
[39794464,39794464,"Закупки, не превышающие финансовый год",261,"003 Общеобразовательное обучение по специальным образовательным учебным программам","045 За счет субвенций из республиканского бюджета на образование","149 Приобретение прочих запасов","За счет бюджетных средств, за исключением средств софинансирования по правительственным внешним займам или связанным грантам","Товар","329912.130.000000","Кеңсе қаламы","Ручка канцелярская","шарикті","шариковая","ручка шариковая CELLO PRONTO оригинал цвет стержня синий","ручка шариковая CELLO PRONTO оригинал цвет стержня синий","Запрос ценовых предложений",null,"Запрос ценовых предложений","Штука",80,80,6400,6400,null,null,"Июнь","Келісім-шарттың күшіне енген күннен бастап 15 күнтізбелік күн ішінде","В течении 15 календарных дней со дня вступления в силу Договора","351011100;","Қарағанды облысы, Қарағанды қ., Октябрь ауданы Магнитогорская к-ш.1;","Карагандинская область, г.Караганда, Октябрьский район ул.Магнитогорская 1;",null,null,"Утвержден"]
[39806109,39806109,"Закупки, не превышающие финансовый год",261,"003 Общеобразовательное обучение по специальным образовательным учебным программам","045 За счет субвенций из республиканского бюджета на образование","149 Приобретение прочих запасов","За счет бюджетных средств, за исключением средств софинансирования по правительственным внешним займам или связанным грантам","Товар","172314.500.000002","Кеңсе жабдығына арналған қағаз","Бумага для офисного оборудования","формат А4","формат А4","CvetoCop парағына арналған қағаз, A4 форматы, ақ түсті, тығыздығы 80 г / м2, парақтың өлшемі 210 * 297 мм кем емес, пакетте 500 парақтан кем емес.","Бумага листовая для офисной техники CvetoCopy, формат А4, белая, плотность 80 г/м2, размер листа не менее 210*297 мм, в упаковке не менее 500листов.","Запрос ценовых предложений",null,"Запрос ценовых предложений","Одна пачка",200,1200,240000,240000,null,null,"Июнь","Келісім-шарттың күшіне енген күннен бастап 15 күнтізбелік күн ішінде","В течении 15 календарных дней со дня вступления в силу Договора","351011100;","Қарағанды облысы, Қарағанды қ., Октябрь ауданы Магнитогорская к-ш.1;","Карагандинская область, г.Караганда, Октябрьский район ул.Магнитогорская 1;",null,null,"Утвержден"]
[39827862,39827862,"Закупки, не превышающие финансовый год",261,"003 Общеобразовательное обучение по специальным образовательным учебным программам","045 За счет субвенций из республиканского бюджета на образование","149 Приобретение прочих запасов","За счет бюджетных средств, за исключением средств софинансирования по правительственным внешним займам или связанным грантам","Товар","329119.300.000000","Қылқалам","Кисть","майлау орны","малярная","Әктеу щеткасы.","щетка для побелки.","Запрос ценовых предложений",null,"Запрос ценовых предложений","Штука",50,400,20000,20000,null,null,"Май","Келісім-шарттың күшіне енген күннен бастап 15 күнтізбелік күн ішінде","В течении 15 календарных дней со дня вступления в силу Договора","351011100;","Қарағанды облысы, Қарағанды қ., Октябрь ауданы Магнитогорская көш.1;","Карагандинская область, г.Караганда, Октябрьский район ул. Магнитогорская 1;",null,null,"Утвержден"]
[39827959,39827959,"Закупки, не превышающие финансовый год",261,"003 Общеобразовательное обучение по специальным образовательным учебным программам","045 За счет субвенций из республиканского бюджета на образование","149 Приобретение прочих запасов","За счет бюджетных средств, за исключением средств софинансирования по правительственным внешним займам или связанным грантам","Товар","329119.500.000010","Білікше","Валик","түрі ВМ 240","тип ВМ 240","Микрофибрадан тұратын 150мм кескіндеме ролигі","Валик малярный Микрофибра 150мм с рукояткой","Запрос ценовых предложений",null,"Запрос ценовых предложений","Штука",30,500,15000,15000,null,null,"Май","Келісім-шарттың күшіне енген күннен бастап 15 күнтізбелік күн ішінде","В течении 15 календарных дней со дня вступления в силу Договора","351011100;","Қарағанды облысы, Қарағанды қ., Октябрь ауданы Магнитогорская көш.1;","Карагандинская область, г.Караганда, Октябрьский район ул.Магнитогорская 1;",null,null,"Утвержден"]
[39828360,39828360,"Закупки, не превышающие финансовый год",261,"003 Общеобразовательное обучение по специальным образовательным учебным программам","045 За счет субвенций из республиканского бюджета на образование","149 Приобретение прочих запасов","За счет бюджетных средств, за исключением средств софинансирования по правительственным внешним займам или связанным грантам","Товар","329119.300.000000","Қылқалам","Кисть","майлау орны","малярная","Кисть ВИХРЬ СТАНДАРТ 75 мм 3''","Кисть ВИХРЬ СТАНДАРТ 75 мм 3''","Запрос ценовых предложений",null,"Запрос ценовых предложений","Штука",20,300,6000,6000,null,null,"Май","Келісім-шарттың күшіне енген күннен бастап 15 күнтізбелік күн ішінде","В течении 15 календарных дней со дня вступления в силу Договора","351011100;","Қарағанды облысы, Қарағанды қ., Октябрь ауданы Магнитогорская көш.1;","Карагандинская область, г.Караганда, Октябрьский район ул. Магнитогорская 1;",null,null,"Утвержден"]
[39828737,39828737,"Закупки, не превышающие финансовый год",261,"003 Общеобразовательное обучение по специальным образовательным учебным программам","045 За счет субвенций из республиканского бюджета на образование","149 Приобретение прочих запасов","За счет бюджетных средств, за исключением средств софинансирования по правительственным внешним займам или связанным грантам","Товар","329111.900.000006","Сыпыртқы","Веник","жинау үшін","для уборки","Үй-жайларды жинауға арналған жиынтық LENIVKA (сыпырғышпен) сұр-көк М5178","Набор для уборки помещений ЛЕНИВКА (с веником) серо-голубой М5178","Запрос ценовых предложений",null,"Запрос ценовых предложений","Набор",15,1700,25500,25500,null,null,"Январь","Келісім-шарттың күшіне енген күннен бастап 15 күнтізбелік күн ішінде","В течении 15 календарных дней со дня вступления в силу Договора","351011100;","Қарағанды облысы, Қарағанды қ., Октябрь ауданы Магнитогорская көш.1;","Карагандинская область, г.Караганда, Октябрьский район ул. Магнитогорская 1 ;",null,null,"Утвержден"]
[39828787,39828787,"Закупки, не превышающие финансовый год",261,"003 Общеобразовательное обучение по специальным образовательным учебным программам","045 За счет субвенций из республиканского бюджета на образование","149 Приобретение прочих запасов","За счет бюджетных средств, за исключением средств софинансирования по правительственным внешним займам или связанным грантам","Товар","162914.900.000007","Швабра","Швабра","тұрмыстық, ағаш","бытовая, деревянная","швабра деревянная","швабра деревянная","Запрос ценовых предложений",null,"Запрос ценовых предложений","Штука",20,600,12000,12000,null,null,"Январь","Келісім-шарттың күшіне енген күннен бастап 15 күнтізбелік күн ішінде","В течении 15 календарных дней со дня вступления в силу Договора","351011100;","Қарағанды облысы, Қарағанды қ., Октябрь ауданы Магнитогорская көш.1;","Карагандинская область, г.Караганда, Октябрьский район ул. Магнитогорская 1;",null,null,"Утвержден"]
[39829178,39829178,"Закупки, не превышающие финансовый год",261,"003 Общеобразовательное обучение по специальным образовательным учебным программам","045 За счет субвенций из республиканского бюджета на образование","149 Приобретение прочих запасов","За счет бюджетных средств, за исключением средств софинансирования по правительственным внешним займам или связанным грантам","Товар","203011.900.000000","Бояу","Краска","акрилді","акриловая","Су негізіндегі бояу Alina Paint. Қасиеттері: - жууға болады; - жасыру қабілеті мен ақтығы жоғары; - беттің «тыныс алуына» мүмкіндік беретін ауа өткізгіш қабатты қалыптастырады; - экологиялық таза; - иіссіз, уытты емес; - жағу оңай, қолдануға оңай; - суда еритін бояғыштармен немесе әмбебап пигмент пасталарымен боялады; кескіндеме үшін тұсқағаздарды бояуға арналған; - өртке және жарылысқа қарсы. ГОСТ 28196-89. Барлық сұрақтар тапсырыс берушімен келісілуі керек.","Краска водоэмульсионная Alina Paint. Свойства:- Моющаяся;- Высокая укрывистость и белизна;- Образует воздухопроницаемоепокрытие, позволяющее поверхности \"дышать\" ;- Экологически чистая;- Без запаха, нетоксичная;- Легкое нанесение, удобная в работе;- Колеруется водорастворимыми красителями или универсальными пигментными пастами;- Применима для окрашивания обоев под покраску;- Пожаровзрывобезопасная. ГОСТ 28196-89. Все вопросы согласовать с заказчиком.","Запрос ценовых предложений",null,"Запрос ценовых предложений","Литр (куб. дм.)",600,500,300000,300000,null,null,"Май","Келісім-шарттың күшіне енген күннен бастап 15 күнтізбелік күн ішінде","В течении 15 календарных дней со дня вступления в силу Договора","351011100;","Қарағанды облысы, Қарағанды қ., Октябрь ауданы Магнитогорская көш.1;","Карагандинская область, г.Караганда, Октябрьский район ул. Магнитогорская 1;",null,null,"Утвержден"]
[39829394,39829394,"Закупки, не превышающие финансовый год",261,"003 Общеобразовательное обучение по специальным образовательным учебным программам","045 За счет субвенций из республиканского бюджета на образование","149 Приобретение прочих запасов","За счет бюджетных средств, за исключением средств софинансирования по правительственным внешним займам или связанным грантам","Товар","203012.700.000124","Эмаль","Эмаль","пентафталь","пентафталевая","Ақ эмаль PF 115, ғимарат ішінде бояуға арналған, тез құрғайды, иіссіз. ГОСТ 6465-76. Эмаль жоғары сәндік және қорғаныш қасиеттеріне ие, суға, майға және жуғыш заттарға төзімді, температураның -50С-ден + 60С-қа дейін төмендеуіне төзімді.","Эмаль белая ПФ 115, для покраски внутри помещения,быстросохнущая, без запаха. ГОСТ 6465-76. Эмаль имеющий высокие декоративные и защитные свойства, устойчива к воде, маслу и моющим средствам, выдерживает перепады температур от -50С до +60С.","Запрос ценовых предложений",null,"Запрос ценовых предложений","Килограмм",500,500,250000,250000,null,null,"Май","Келісім-шарттың күшіне енген күннен бастап 15 күнтізбелік күн ішінде","В течении 15 календарных дней со дня вступления в силу Договора","351011100;","Қарағанды облысы, Қарағанды қ., Октябрь ауданы Магнитогорская көш.1;","Карагандинская область, г.Караганда, Октябрьский район ул. Магнитогорская 1;",null,null,"Утвержден"]
[39829473,39829473,"Закупки, не превышающие финансовый год",261,"003 Общеобразовательное обучение по специальным образовательным учебным программам","045 За счет субвенций из республиканского бюджета на образование","149 Приобретение прочих запасов","За счет бюджетных средств, за исключением средств софинансирования по правительственным внешним займам или связанным грантам","Товар","235112.300.000000","Портландцемент","Портландцемент","минералды қоспаларсыз, маркасы ПЦ 400-Д0 (М 400-Д0)","без минеральных добавок, марка ПЦ 400-Д0 (М 400-Д0)","CEMENT M-400 D20 кем дегенде 50 кг ламинатталған пакеттерде. CEMENT M-400 (PC400-D20), ГОСТ 10178-85, зауыттардан тікелей жеткізілімдер: «Стандарт Цемент» ЖШС, «Бұқтырма Цемент компаниясы» ЖШС, «Қазақцемент» ЖШС, «Жамбыл Цемент Өндіріс Компаниясы» ЖШС, «Орталық Азия Цемент» АҚ «жеткізіліммен жаппай, 50 кг қағаз және полипропилен пакеттерде. Сәйкестік сертификаты, CT-KZ формасындағы тауардың шыққан жері туралы сертификат. Сынақ хаттамасы. Нақты салмағы","ЦЕМЕНТ М-400 Д20 в ламинированных мешках не менее 50 кг. ЦЕМЕНТ М-400 ( ПЦ400-Д20), ГОСТ 10178-85, прямые поставки с заводов: ТОО \"Стандарт Цемент\", ТОО \"Бухтарминская Цементная Компания\", ТОО \"Казахцемент\", ТОО Жамбылская Цементная производственная компания\", АО\"Central Asia Cement\" россыпью с доставкой, в бумажных и полипропиленовых мешках по 50 кг. Сертификат соответствия, сертификат о происхождении товара форма СТ-KZ. Протокол испытаний. Точный вес","Запрос ценовых предложений",null,"Запрос ценовых предложений","Упаковка",20,1200,24000,24000,null,null,"Май","Келісім-шарттың күшіне енген күннен бастап 15 күнтізбелік күн ішінде","В течении 15 календарных дней со дня вступления в силу Договора","351011100;","Қарағанды облысы, Қарағанды қ., Октябрь ауданы Магнитогорская көш.1;","Карагандинская область, г.Караганда, Октябрьский район ул. Магнитогорская 1;",null,null,"Утвержден"]
[39845606,39845606,"Закупки, не превышающие финансовый год",261,"003 Общеобразовательное обучение по специальным образовательным учебным программам","045 За счет субвенций из республиканского бюджета на образование","149 Приобретение прочих запасов","За счет бюджетных средств, за исключением средств софинансирования по правительственным внешним займам или связанным грантам","Товар","203022.550.000005","Шпатлевка","Шпатлевка","гипстік","гипсовая","AlinEX GLATT замазкасы әмбебап болып табылады. Сипаттамалары: берік; ылғалға төзімді; үлкен бос жерлерді және кішкене жарықтарды оңай толтырады; тез кебеді; ашық жұмыстарда, кем дегенде 25 кг қапшықта пайдалануға болады. ГОСТ 10277-90.","Шпатлевка AlinEX GLATT универсальная. Характеристики: прочна; устойчива к воздействию влаги; легко заполняет крупные щели и мелкие трещины; быстро сохнет; может быть использована для наружных работ, в мешке не менее 25 кг. ГОСТ 10277-90.","Запрос ценовых предложений",null,"Запрос ценовых предложений","Упаковка",30,2200,66000,66000,null,null,"Май","Келісім-шарттың күшіне енген күннен бастап 15 күнтізбелік күн ішінде","В течении 15 календарных дней со дня вступления в силу Договора","351011100;","Қарағанды облысы, Қарағанды қ., Октябрь ауданы Магнитогорская көш.1;","Карагандинская область, г.Караганда, Октябрьский район ул.Магнитогорская 1;",null,null,"Утвержден"]
[39851800,39851800,"Закупки, не превышающие финансовый год",261,"003 Общеобразовательное обучение по специальным образовательным учебным программам","045 За счет субвенций из республиканского бюджета на образование","149 Приобретение прочих запасов","За счет бюджетных средств, за исключением средств софинансирования по правительственным внешним займам или связанным грантам","Товар","141923.700.010000","Қолғаптар","Перчатки","қолды қорғауға арналған, трикотаждан","для защиты рук, из трикотажа","перчатки рабочие х/б ПВХ","перчатки рабочие х/б ПВХ","Запрос ценовых предложений",null,"Запрос ценовых предложений","Пара",200,120,24000,24000,null,null,"Май","Келісім-шарттың күшіне енген күннен бастап 15 күнтізбелік күн ішінде","В течении 15 календарных дней со дня вступления в силу Договора","351011100;","Қарағанды облысы, Қарағанды қ., Октябрь ауданы Магнитогорская көш.1;","Карагандинская область, г.Караганда, Октябрьский район ул.Магнитогорская 1;",null,null,"Утвержден"]
[39852374,39852374,"Закупки, не превышающие финансовый год",261,"003 Общеобразовательное обучение по специальным образовательным учебным программам","045 За счет субвенций из республиканского бюджета на образование","149 Приобретение прочих запасов","За счет бюджетных средств, за исключением средств софинансирования по правительственным внешним займам или связанным грантам","Товар","172211.200.000000","Қағаз","Бумага","дәретханалық","туалетная","Народная туалетная бумага, ГОСТ Р 52354 – 2008 в рулончиках.","Народная туалетная бумага, ГОСТ Р 52354 – 2008 в рулончиках.","Запрос ценовых предложений",null,"Запрос ценовых предложений","Штука",300,50,15000,15000,null,null,"Май","Келісім-шарттың күшіне енген күннен бастап 15 күнтізбелік күн ішінде","В течении 15 календарных дней со дня вступления в силу Договора","351011100;","Қарағанды облысы, Қарағанды қ., Октябрь ауданы Магнитогорская көш.1;","Карагандинская область, г.Караганда, Октябрьский район ул.Магнитогорская 1;",null,null,"Утвержден"]
[39853977,39853977,"Закупки, не превышающие финансовый год",261,"003 Общеобразовательное обучение по специальным образовательным учебным программам","045 За счет субвенций из республиканского бюджета на образование","149 Приобретение прочих запасов","За счет бюджетных средств, за исключением средств софинансирования по правительственным внешним займам или связанным грантам","Товар","281412.330.000010","Араластырғыш","Смеситель","себезгіге арналған, бір тұтқалық, қатар қолданылған","для душа, однорукояточный, совмещенный","Ваннаға арналған араластырғыш, араластырғыштың мақсаты - душқа арналған, араластырғыштың түрі (кран) - бір тұтқалы, түсті - хром, қондырғы - қабырғаға орнатылған, корпусы жоғары сапалы жезден жасалған.","Смеситель для ванны, назначение смесителя - для душа, тип смесителя (крана) - однорычажный, цвет - хром, монтаж - настенный, корпус из высококачественной латуни.","Запрос ценовых предложений",null,"Запрос ценовых предложений","Штука",20,4500,90000,90000,null,null,"Май","Келісім-шарттың күшіне енген күннен бастап 15 күнтізбелік күн ішінде","В течении 15 календарных дней со дня вступления в силу Договора","351011100;","Қарағанды облысы, Қарағанды қ., Октябрь ауданы Магнитогорская к-ш.1;","Карагандинская область, г.Караганда, Октябрьский район ул.Магнитогорская 1;",null,null,"Утвержден"]
[39893785,39893785,"Закупки, не превышающие финансовый год",261,"003 Общеобразовательное обучение по специальным образовательным учебным программам","045 За счет субвенций из республиканского бюджета на образование","149 Приобретение прочих запасов","За счет бюджетных средств, за исключением средств софинансирования по правительственным внешним займам или связанным грантам","Товар","281412.330.000004","Араластырғыш","Смеситель","жуғыштарға арналған, бір тұтқалық, борттық, өлшемі 180*130 мм","для моек, однорукояточный, набортный, размер 180*130 мм","Однарычажный смеситель для раковины (шпильковое крепление) педальный, покрытие - никель, цвет - хром. Все вопросы согласовать с заказчиком.","Однарычажный смеситель для раковины (шпильковое крепление) педальный, покрытие - никель, цвет - хром. Все вопросы согласовать с заказчиком.","Запрос ценовых предложений",null,"Запрос ценовых предложений","Штука",30,4400,132000,132000,null,null,"Май","Келісім-шарттың күшіне енген күннен бастап 15 күнтізбелік күн ішінде","В течении 15 календарных дней со дня вступления в силу Договора","351011100;","Қарағанды облысы, Қарағанды қ., Октябрь ауданы Магнитогорская к-ш.1;","Карагандинская область, г.Караганда, Октябрьский район ул.Магнитогорская 1;",null,null,"Утвержден"]
[39894407,39894407,"Закупки, не превышающие финансовый год",261,"003 Общеобразовательное обучение по специальным образовательным учебным программам","045 За счет субвенций из республиканского бюджета на образование","149 Приобретение прочих запасов","За счет бюджетных средств, за исключением средств софинансирования по правительственным внешним займам или связанным грантам","Товар","204141.000.000011","Ауа сергітуші","Освежитель воздуха","Аэрозоль","аэрозоль","Освежитель воздуха 300 мл «Glade»","Освежитель воздуха 300 мл «Glade»","Запрос ценовых предложений",null,"Запрос ценовых предложений","Штука",50,540,27000,27000,null,null,"Январь","Келісім-шарттың күшіне енген күннен бастап 15 күнтізбелік күн ішінде","В течении 15 календарных дней со дня вступления в силу Договора","351011100;","Қарағанды облысы, Қарағанды қ., Октябрь ауданы Магнитогорская к-ш.1;","Карагандинская область, г.Караганда, Октябрьский район ул.Магнитогорская 1;",null,null,"Утвержден"]
[39898498,39898498,"Закупки, не превышающие финансовый год",261,"003 Общеобразовательное обучение по специальным образовательным учебным программам","045 За счет субвенций из республиканского бюджета на образование","149 Приобретение прочих запасов","За счет бюджетных средств, за исключением средств софинансирования по правительственным внешним займам или связанным грантам","Товар","329119.300.000000","Қылқалам","Кисть","майлау орны","малярная","Кисть плоская, натуральная щетина, деревянная ручка, 100мм, 4\"","Кисть плоская, натуральная щетина, деревянная ручка, 100мм, 4\"","Запрос ценовых предложений",null,"Запрос ценовых предложений","Штука",20,400,8000,8000,null,null,"Май","Келісім-шарттың күшіне енген күннен бастап 15 күнтізбелік күн ішінде","В течении 15 календарных дней со дня вступления в силу Договора","351011100;","Қарағанды облысы, Қарағанды қ., Октябрь ауданы Магнитогорская к-ш.1;","Карагандинская область, г.Караганда, Октябрьский район ул.Магнитогорская 1;",null,null,"Утвержден"]
[39901048,39901048,"Закупки, не превышающие финансовый год",261,"003 Общеобразовательное обучение по специальным образовательным учебным программам","045 За счет субвенций из республиканского бюджета на образование","149 Приобретение прочих запасов","За счет бюджетных средств, за исключением средств софинансирования по правительственным внешним займам или связанным грантам","Услуга","531011.300.000000","Универсальные услуги почтовой связи","Универсальные услуги почтовой связи","Услуги по распространению периодических печатных изданий по подписке","Услуги по распространению периодических печатных изданий по подписке","Подписка на газеты и журналы на 2022 год","Подписка на газеты и журналы на 2022 год","Из одного источника путем прямого заключения договора","пп.42 п.3 ст.39 приобретения однородных товаров, если годовой объем таких однородных товаров в стоимостном выражении не превышает стократного размера месячного расчетного показателя, работ и услуг, если годовой объем таких однородных работ и услуг в стоимостном выражении не превышает пятисоткратного размера месячного расчетного показателя, а для аппаратов акимов городов районного значения, сел, поселков, сельских округов не превышает трех тысячекратного размера месячного расчетного показателя, установленного на соответствующий финансовый год законом о республиканском бюджете;","Из одного источника путем прямого заключения договора","Одна услуга",1,76462.710000000006,76462.710000000006,76462.710000000006,null,null,"Октябрь","казан","октябрь","351011100;","Қарағанды облысы, Қарағанды қ., Октябрь ауданы Магнитогорская к-ш.1;","Карагандинская область, г.Караганда, Октябрьский район ул.Магнитогорская 1;",null,null,"Утвержден"]
[39908745,39908745,"Закупки, не превышающие финансовый год",261,"003 Общеобразовательное обучение по специальным образовательным учебным программам","045 За счет субвенций из республиканского бюджета на образование","149 Приобретение прочих запасов","За счет бюджетных средств, за исключением средств софинансирования по правительственным внешним займам или связанным грантам","Товар","222319.990.000010","Кәріздік люк","Люк канализационный","полимерлік материалдан жасалған","из полимерного материала","Люк полимерный размер 65 см. Нагрузка 6 тонн","Люк полимерный размер 65 см. Нагрузка 6 тонн","Запрос ценовых предложений",null,"Запрос ценовых предложений","Штука",3,15000,45000,45000,null,null,"Январь","Келісім-шарттың күшіне енген күннен бастап 15 күнтізбелік күн ішінде","В течении 15 календарных дней со дня вступления в силу Договора","351011100;","Қарағанды облысы, Қарағанды қ., Октябрь ауданы Магнитогорская к-ш.1;","Карагандинская область, г.Караганда, Октябрьский район ул.Магнитогорская 1;",null,null,"Утвержден"]
[39923150,39923150,"Закупки, не превышающие финансовый год",261,"003 Общеобразовательное обучение по специальным образовательным учебным программам","045 За счет субвенций из республиканского бюджета на образование","149 Приобретение прочих запасов","За счет бюджетных средств, за исключением средств софинансирования по правительственным внешним займам или связанным грантам","Товар","259111.000.000014","Контейнер","Контейнер","өндірістік қалдықтарды сақтау үшін, металлдан жасалған","для хранения производственных отходов, металлический","Дөңгелегі жоқ қақпағы бар қоқысқа арналған металл контейнер.1,5 мм кем емес корпус, үздіксіз тігісімен электр доғалық дәнекерлеу арқылы дәнекерленген. Контейнер эмальмен боялған болуы керек, мөлшері 92-92-130 см-ден, сыйымдылығы 0,75 текше метрден, салмағы 50 кг-нан кем емес.","Контейнер металлический для мусора с крышкой без колес.  Корпус не менее 1,5 мм, сваренная электродуговой сваркой сплошным швом. Контейнер должен быть окрашен эмалью, габариты не менее 92-92-130 см, вместимостью не менее 0,75 куб\\м, вес не менее 50 кг.","Запрос ценовых предложений",null,"Запрос ценовых предложений","Штука",2,30000,60000,60000,null,null,"Май","Келісім-шарттың күшіне енген күннен бастап 15 күнтізбелік күн ішінде","В течении 15 календарных дней со дня вступления в силу Договора","351011100;","Қарағанды облысы, Қарағанды қ., Октябрь ауданы Магнитогорская к-ш,1;","Карагандинская область, г.Караганда, Октябрьский район ул.Магнитогорская 1;",null,null,"Утвержден"]
[39923967,39923967,"Закупки, не превышающие финансовый год",261,"003 Общеобразовательное обучение по специальным образовательным учебным программам","005 За счет внутренних займов","149 Приобретение прочих запасов","За счет бюджетных средств, за исключением средств софинансирования по правительственным внешним займам или связанным грантам","Товар","222315.000.000000","Линолеум","Линолеум","поливинилхлоридтан, тұрмыстық, тоқыма негізінде","из поливинилхлорида, бытовой, на тканой основе","ЛИНОЛЕУМ 500 квадратных метра. Параметры: сопротивление и стиранию и вдавливанию, истираемость - от 10 до 15 г/м2,дополнительное лаковое покрытие. Образцы декора (цвет,оттенки, рисунок) согласовать с Заказчиком. Толщина общая неменее 2,2мм, толщина защитного слоя не менее 0,5мм.Устойчивость линолеума к воздействию мебели на роликовыхножках - Да. Устойчивость к воздействию влаги - Да. Оттенок посогласованию. Основа вспененная. Ширина 3м. Поставщикдолжен поставить \"ЛИНОЛЕУМ\" далее Товар до пунктаназначения: г. Караганда, ул. Магнитогорская 1.Транспортировка товара до пункта назначения, а также(разгрузка) осуществляется и оплачивается Поставщиком, асвязанные с этим расходы включаются в указаннуюпоставщиком сумму Договора. Товар не будет приниматься безсопутствующих документов (а также сертификатов).","ЛИНОЛЕУМ 500 квадратных метра. Параметры: сопротивление и стиранию и вдавливанию, истираемость - от 10 до 15 г/м2,дополнительное лаковое покрытие. Образцы декора (цвет,оттенки, рисунок) согласовать с Заказчиком. Толщина общая неменее 2,2мм, толщина защитного слоя не менее 0,5мм.Устойчивость линолеума к воздействию мебели на роликовыхножках - Да. Устойчивость к воздействию влаги - Да. Оттенок посогласованию. Основа вспененная. Ширина 3м. Поставщикдолжен поставить \"ЛИНОЛЕУМ\" далее Товар до пунктаназначения: г. Караганда, ул. Магнитогорская 1.Транспортировка товара до пункта назначения, а также(разгрузка) осуществляется и оплачивается Поставщиком, асвязанные с этим расходы включаются в указаннуюпоставщиком сумму Договора. Товар не будет приниматься безсопутствующих документов (а также сертификатов).","Запрос ценовых предложений",null,"Запрос ценовых предложений","Метр квадратный",209,2500,522500,522500,null,null,"Май","Келісім-шарттың күшіне енген күннен бастап 15 күнтізбелік күн ішінде","В течении 15 календарных дней со дня вступления в силу Договора","351011100;","Қарағанды облысы, Қарағанды қ., Октябрь ауданы Магнитогорская к-ш 1 ;","Карагандинская область, г.Караганда, Октябрьский район ул.Магнитогорская 1;",null,null,"Утвержден"]
[39938208,39938208,"Закупки, не превышающие финансовый год",261,"003 Общеобразовательное обучение по специальным образовательным учебным программам","045 За счет субвенций из республиканского бюджета на образование","149 Приобретение прочих запасов","За счет бюджетных средств, за исключением средств софинансирования по правительственным внешним займам или связанным грантам","Товар","222929.900.000184","Органайзер","Органайзер","пластикалы, айналмалы негізде","пластиковый, на вращающейся основе","лоток вертикальный Depli c 4 отделениями, яркие крепкие","лоток вертикальный Depli c 4 отделениями, яркие крепкие","Запрос ценовых предложений",null,"Запрос ценовых предложений","Штука",4,2300,9200,9200,null,null,"Май","Келісім-шарттың күшіне енген күннен бастап 15 күнтізбелік күн ішінде","В течении 15 календарных дней со дня вступления в силу Договора","351011100;","Қарағанды облысы, Қарағанды қ., Октябрь ауданы Магнитогорская к-ш.1;","Карагандинская область, г.Караганда, Октябрьский район ул.Магнитогорская 1;",null,null,"Утвержден"]
[39604904,40855532,"Закупки, не превышающие финансовый год",261,"003 Общеобразовательное обучение по специальным образовательным учебным программам","045 За счет субвенций из республиканского бюджета на образование","152 Оплата услуг связи","За счет бюджетных средств, за исключением средств софинансирования по правительственным внешним займам или связанным грантам","Услуга","611011.200.000000","Телефондық байланысының қызмет көрсетулері","Услуги телефонной связи","Белгіленген жергілікті, қалааралық, халықаралық телефон байланысы қызметтері","Услуги фиксированной местной, междугородней, международной телефонной связи","Телефондық қызметтер","Услуги телефонной связи","Из одного источника путем прямого заключения договора","пп.42 п.3 ст.39 приобретения однородных товаров, если годовой объем таких однородных товаров в стоимостном выражении не превышает стократного размера месячного расчетного показателя, работ и услуг, если годовой объем таких однородных работ и услуг в стоимостном выражении не превышает пятисоткратного размера месячного расчетного показателя, а для аппаратов акимов городов районного значения, сел, поселков, сельских округов не превышает трех тысячекратного размера месячного расчетного показателя, установленного на соответствующий финансовый год законом о республиканском бюджете;","Из одного источника путем прямого заключения договора","Одна услуга",1,53319.29,53319.29,53319.29,null,null,"Январь","қаңтар- желтоқсан","январь - декабрь","351011000;","Қарағанды облысы, Қарағанды Қ.Ә., Октябрь а.ә. Қарағанды қ., Магнитогорская көш.1;","Карагандинская область, Караганда Г.А., Октябрьская р.а. г.Караганда, ул.Магнитогорская 1;",null,null,"Черновик"]
[39604916,40856610,"Закупки, не превышающие финансовый год",261,"003 Общеобразовательное обучение по специальным образовательным учебным программам","045 За счет субвенций из республиканского бюджета на образование","159 Оплата прочих услуг и работ","За счет бюджетных средств, за исключением средств софинансирования по правительственным внешним займам или связанным грантам","Услуга","823011.000.000000","Конференцияларды/семинарларды/форумдарды/конкурстарды/корпоративтік/спорттық/мәдени/мерекелік және ұқсас іс-шараларды ұйымдастыру/өткізу бойынша қызметтер","Услуги по организации/проведению конференций/семинаров/форумов/конкурсов/корпоративных/спортивных/культурных/праздничных и аналогичных мероприятий","Конференциялар, форумдар, семинарлар, конурстар, корпоративтік, спорттық, мәдени, мерекелік және балама іс-шараларды ұйымдастыру/өткізу бойынша қызметтер","Услуги по организации/проведению конференций/семинаров/форумов/конкурсов/корпоративных/спортивных/культурных/праздничных и аналогичных мероприятий","«2021 жылға арналған мемлекеттік сатып алу саласындағы құқықтық нормалардағы өзгерістер» семинарлары","Семинары \"Изменения в НПА в сфере Государственных закупок на 2021 год\"","Из одного источника путем прямого заключения договора","пп.42 п.3 ст.39 приобретения однородных товаров, если годовой объем таких однородных товаров в стоимостном выражении не превышает стократного размера месячного расчетного показателя, работ и услуг, если годовой объем таких однородных работ и услуг в стоимостном выражении не превышает пятисоткратного размера месячного расчетного показателя, а для аппаратов акимов городов районного значения, сел, поселков, сельских округов не превышает трех тысячекратного размера месячного расчетного показателя, установленного на соответствующий финансовый год законом о республиканском бюджете;","Из одного источника путем прямого заключения договора","Одна услуга",1,33000,33000,33000,null,null,"Январь","қаңтар-ақпан","январь-февраль","351011000;","Қарағанды облысы, Қарағанды Қ.Ә., Октябрь а.ә. Қарағанды қ., Магнитогорская көш.1;","Карагандинская область, Караганда Г.А., Октябрьская р.а. г.Караганда, ул.Магнитогорская 1;",null,null,"Черновик"]
[39604931,40860523,"Закупки, не превышающие финансовый год",261,"003 Общеобразовательное обучение по специальным образовательным учебным программам","045 За счет субвенций из республиканского бюджета на образование","151 Оплата коммунальных услуг","За счет бюджетных средств, за исключением средств софинансирования по правительственным внешним займам или связанным грантам","Товар","353011.130.000000","Жылу энергиясы","Энергия тепловая","ыстық суда","в горячей воде","Жылу энегиясы","Тепловая энергия","Из одного источника путем прямого заключения договора","пп.1 п.3 ст.39 приобретения услуг, относящихся к сферам естественных монополий, а также услуг энергоснабжения или купли-продажи электрической энергии с гарантирующим поставщиком электрической энергии;","Из одного источника путем прямого заключения договора","Гигакалория",556.55999999999995,9713.83,5406329.2199999997,5406329.2199999997,null,null,"Январь","қаңтар- желтоқсан","январь-декабрь","351011000;","Қарағанды облысы, Қарағанды Қ.Ә., Октябрь а.ә. Қарағанды қ., Магнитогорская көш.1;","Карагандинская область, Караганда Г.А., Октябрьская р.а. г.Караганда, ул.Магнитогорская 1;",null,null,"Черновик"]
[39604930,40862864,"Закупки, не превышающие финансовый год",261,"003 Общеобразовательное обучение по специальным образовательным учебным программам","045 За счет субвенций из республиканского бюджета на образование","151 Оплата коммунальных услуг","За счет бюджетных средств, за исключением средств софинансирования по правительственным внешним займам или связанным грантам","Товар","351110.100.000001","Электр энергиясы","Электроэнергия","пайдаланушыларды жабдықтауға арналған","для снабжения потребителей","Электр энергиясы","Электроэнергия","Из одного источника путем прямого заключения договора","пп.1 п.3 ст.39 приобретения услуг, относящихся к сферам естественных монополий, а также услуг энергоснабжения или купли-продажи электрической энергии с гарантирующим поставщиком электрической энергии;","Из одного источника путем прямого заключения договора","Киловатт-час",132393.5569,32.909999999999997,4357071.96,4357071.96,null,null,"Январь","қаңтар- желтоқсан","январь-декабрь","351011000;","Қарағанды облысы, Қарағанды Қ.Ә., Октябрь а.ә. Қарағанды қ., Магнитогорская көш.1;","Карагандинская область, Караганда Г.А., Октябрьская р.а. г.Караганда, ул.Магнитогорская 1;",null,null,"Черновик"]
[39604928,40879028,"Закупки, не превышающие финансовый год",261,"003 Общеобразовательное обучение по специальным образовательным учебным программам","045 За счет субвенций из республиканского бюджета на образование","159 Оплата прочих услуг и работ","За счет бюджетных средств, за исключением средств софинансирования по правительственным внешним займам или связанным грантам","Услуга","360020.400.000000","Суды бөлу бойынша қызмет көрсетулер","Услуги по распределению воды","Суды бөлу қызметі","Услуги по распределению воды","Бөтелкедегі суды жеткізу қызметі 2021 жыл ішінде.","Услуги по доставке воды в бутылях в течении 2021 года.","Из одного источника путем прямого заключения договора","пп.42 п.3 ст.39 приобретения однородных товаров, если годовой объем таких однородных товаров в стоимостном выражении не превышает стократного размера месячного расчетного показателя, работ и услуг, если годовой объем таких однородных работ и услуг в стоимостном выражении не превышает пятисоткратного размера месячного расчетного показателя, а для аппаратов акимов городов районного значения, сел, поселков, сельских округов не превышает трех тысячекратного размера месячного расчетного показателя, установленного на соответствующий финансовый год законом о республиканском бюджете;","Из одного источника путем прямого заключения договора","Одна услуга",1,75892.86,75892.86,75892.86,null,null,"Январь","қаңтар- желтоқсан","январь-декабрь","351011000;","Қарағанды облысы, Қарағанды Қ.Ә., Октябрь а.ә. Қарағанды қ., Магнитогорская көш.1;","Карагандинская область, Караганда Г.А., Октябрьская р.а. г.Караганда, ул.Магнитогорская 1;",null,null,"Черновик"]